{"text_format":"3","workbook":"xlsx","n_sheets":5,"sheets":["PLANILHA DE SALDO","MEDIÇÃO NÃO PAGA","CRONOGRAMA","PLANILHA  (2)","MEMORIAL"],"not_rendered":{"images":1,"defined_names":7},"read":"whole","date_system":"1900"}

{"sheet":"PLANILHA DE SALDO","index":0,"n_rows":175,"n_cols":11,"rows_kept":175,"hidden":true,"merged":[[5,0,5,9],[6,0,6,9],[13,0,14,9],[16,2,16,7],[174,0,174,7]]}
[]
[]
[]
[]
[]
["PREFEITURA MUNICIPAL DE PENEDO"]
["ESTADO DE ALAGOAS"]
[]
["EMPREENDIMENTO : ACADEMIA DE SAÚDE - ROSETE- PENEDO /AL",{"$nulls":4}," SINAPI AL: data base - dez/2018"]
["MUNICÍPIO: PENEDO/AL",{"$nulls":4},"BDI",{"v":0.276,"d":"27.60%"}]
["OBJETIVO: ACADEMIA DE SAÚDE -ROSETE ANDRADE- PENEDO /AL",{"$nulls":7},"bdi -",{"v":0.255,"d":"25.50%"}]
["LOCALIZAÇÃO:  ROSETE ANDRADE-    PENEDO /AL",{"$nulls":7},"leis sociais - ",{"v":1.2433,"d":"124.33%"}]
[]
["PLANILHA ORÇAMENTÁRIA"]
[]
[]
["Obra:",null,"CONSTRUCAO DA ACADEMIA DA SAÚDE- ROSETE ANDRADE"]
[]
["ITEM","CÓDIGO","DESCRIÇÃO DO ITEM","UNID","QUANT","PREÇO UNIT","PREÇO COM BDI","VALOR TOTAL"]
[1,null,"SERVICOS PRELIMINARES",{"$nulls":4},{"$f":"SUM(H21:H26)","v":{"v":0,"d":"0.00"}}]
["01.01","74209/001","Placa de obra em chapa zincada, instalada","m2",0,338.56,{"$f":"F21*1.276","v":{"v":432,"d":"432.00"}},{"$f":"E21*G21","v":0},"74209/001"]
["01.02",{"$f":"#REF!","v":{"$error":"#REF!"}},"Barracão para Obras de médio parte reaproveitamento 2 vezes","m²",0,161.19,{"$f":"F22*1.276","v":205.68},{"$f":"E22*G22","v":0}]
["01.03",41598,"Ligação provisória de elétrica ","und",0,{"v":1299.52,"d":"1,299.52"},{"v":1658.19,"d":"1,658.19"},0,"73960/001 - sinapi"]
["01.04",{"$f":"#REF!","v":{"$error":"#REF!"}},"Ligação provisória de água","und",0,{"v":1065.32,"d":"1,065.32"},{"v":1359.35,"d":"1,359.35"},0]
["01.05",{"$f":"#REF!","v":{"$error":"#REF!"}},"Ligação provisória de esgoto","und",0,{"v":1301.32,"d":"1,301.32"},{"v":1660.48,"d":"1,660.48"},0]
["01.06","73903/001","Limpeza manual do terreno (c/ raspagem superficial)","m2",0,0.32,0.41,0,"73948/016"]
["02 ",null,"BLOCO DE APOIO",{"$nulls":4},{"$f":"H28+H30+H33+H36+H40+H45+H49+H54+H59+H66+H85+H107","v":{"$error":"#REF!"}}]
["02.01",null,"Serviços Preliminares",{"$nulls":4},{"$f":"SUM(H29)","v":{"$error":"#REF!"}}]
["02.01.01",{"$f":"#REF!","v":{"$error":"#REF!"}},"Locação de construção de edificação entre 200 e 1000 m2, inclusive execução de gabarito de madeira","m2",0,{"$f":"#REF!","v":{"$error":"#REF!"}},{"$f":"F29*1.276","v":{"$error":"#REF!"}},{"$f":"E29*G29","v":{"$error":"#REF!"}},"74077/002"]
["02.02",null,"Serviços em Terra",{"$nulls":4},{"$f":"SUM(H31:H32)","v":{"v":0,"d":"0.00"}}]
["02.02.01",96522,"Escavação manual de cavas (fundações rasas=2,00 m)","m3",0,89.41,{"$f":"F31*1.276","v":114.09},{"$f":"E31*G31","v":0},"6430 - sinapi"]
["02.02.02",94319,"Aterro manual de áreas,com aquisição de material de jazida ou areia fina, com espalhamento e compactação","m3",0,31.31,39.95,{"$f":"E32*G32","v":0},"71/orse"]
["02.03 ",null,"Infra-estrutura",{"$nulls":4},{"$f":"SUM(H34:H35)","v":{"v":0,"d":"0.00"}}]
["02.03.03",73361,"Concreto ciclópico FCK=10MPA 30% pedra de mão inclusive lançamento","m³",0,{"v":334.7,"d":"334.70"},{"$f":"F34*1.276","v":427.08},{"$f":"E34*G34","v":0},"93/orse"]
["02.03.04",87503,"Alvenaria de embasamento em tijolo cerâmico furado 10x20x20cm, 1 vez, assentado em argamassa traço 1:5 (cimento e areia), e=1cm","m2",0,{"v":46.9,"d":"46.90"},59.84,0,"73935/2-sinapi"]
["03",null,"Supra-estrutura",{"$nulls":4},{"$f":"SUM(H37:L39)","v":331.96}]
["03.01",93204,"Cinta de amarração de alvenaria moldada in loco em concreto","m3",0,34.02,43.41,{"$f":"E37*G37","v":0},"6456/orse + 98/orse"]
["03.02",94964,"Concreto FCK = 20MPA, traço 1:2,7:3 (CIMENTO/ AREIA MÉDIA/ BRITA 1) preparo mecânico com betoneira 400 L.(Pilares de apoio)","m3",0,305.06,389.26,{"$f":"E38*G38","v":0}]
["03.03","74141/002","Laje pre-moldada beta 12 P/3,5KN/M2 vão até 4,1M incluindo vigotas de tijolo armadura negativa capeamento 3CM concreto  15MPA escoramento materiais e mão de obra","m²",3.05,{"v":85.3,"d":"85.30"},{"$f":"F39*1.276","v":108.84},{"$f":"E39*G39","v":331.96}]
["04",null,"Paredes e forro",{"$nulls":4},{"$f":"SUM(H41:L44)","v":{"v":3553.94,"d":"3,553.94"}}]
["04.01",89168,"Alvenaria em tijolo cerâmico furado 10x20x20cm, 1/2 vez, assentado em argamassa traço 1:6 (cimento e areia), e=1cm","m2",0,53.51,68.28,{"$f":"E41*G41","v":0},"73935/1 - sinapi"]
["04.02",93184,"Vergas 10X10cm em concreto pré-moldado fck=20MPa (preparo com betoneira), aço CA-60, bitola fina, inclusive formas tábua 3A","m",0,{"v":19.2,"d":"19.20"},{"v":24.5,"d":"24.50"},{"$f":"E42*G42","v":0},"74200/1 - sinapi"]
["04.03",93194,"Contraverga pré-moldada para vãos de até 1,5 M de comprimento","m",0,25.03,31.94,0]
["04.04",96109,"Forro de gesso em placas de 60X60CM, ESP=1,2CM,inclusive fixação com arame","m²",90.11,30.91,39.44,{"v":3553.94,"d":"3,553.94"}]
["05",null,"Cobertura",{"$nulls":4},{"$f":"SUM(H46:L48)","v":0}]
["05.01",92550,"Fabricação e instalação de tesoura inteira em madeira  não aparelhada vão 9 M, para telha cerâmica ou de concreto, incluso içamento","und",0,{"v":1405.87,"d":"1,405.87"},{"v":1793.89,"d":"1,793.89"},{"$f":"E46*G46","v":0},"73753/1"]
["05.02",92541,"Trama de madeira composta por ripas, caibros e terças para telhados para telha cerâmica, capa-canal, incluso transporte vertical","m²",0,56.96,72.68,{"$f":"E47*G47","v":0}]
["05.03",94204,"Telhamento com telha cerâmica capa-canal, tipo colonial, com mais de 2 águas, inclusive trasnporte vertical","m²",0,26.22,33.46,{"$f":"E48*G48","v":0}]
["06",null,"Revestimentos",{"$nulls":4},{"$f":"SUM(H50:H53)","v":{"v":2029.11,"d":"2,029.11"}}]
["06.01",87874,"Chapisco em  teto ou parede com argamassa traço 1:4 (cimento e areia), esp.=0,5cm, preparo mecânico","m2",0,{"v":3.6,"d":"3.60"},4.59,{"$f":"E50*G50","v":0},"5974 - sinapi"]
["06.02",87553,"Emboço paulista (massa única) de  teto ou parede, com argamassa traço 1:6 (cimento e areia) espessura 2,5cm, preparo manual","m2",0,13.46,17.17,{"$f":"E51*G51","v":0},"73927/5 - sinapi"]
["06.03",87553,"Reboco em teto ou parede, com argamassa traço 1:6 (cimento e areia) espessura 2,5cm, preparo manual","m²",0,13.46,17.17,{"$f":"E52*G52","v":0}]
["06.04",89170,"Revestimento cerâmico para paredes internas, meia parede, ou parede inteira, placas grês ou semi-grês de 20x20 cm, para edificações habitacionais unifamiliar (casas) e edificações públicas padrão. af_11/2014","m²",{"v":41.1,"d":"41.10"},38.69,49.37,{"$f":"E53*G53","v":{"v":2029.11,"d":"2,029.11"}}]
["07",null,"Pavimentação",{"$nulls":4},{"$f":"SUM(H55:L58)","v":{"v":13889.09,"d":"13,889.09"}},null,null,{"$f":"69+8+18","v":95}]
["07.01",87620,"Contrapiso em argamassa traço 1:4 (cimento e areia), esp.=2,0 cm, preparo mecânico","m2",0,22.59,28.82,{"$f":"E55*G55","v":0}]
["07.02",98679,"Piso cimentado liso ( queimado), traço 1:3 (cimento e areia), espessura 2,0 cm","m2",0,23.03,29.39,{"$f":"E56*G56","v":0},"73991/2 - sinapi"]
["07.03",84191,"Piso em granilite, marmorite ou granitina espessura 8 mm, incluso juntas de dilatacao plasticas","m2",90.04,103.39,131.93,{"$f":"E57*G57","v":{"v":11878.98,"d":"11,878.98"}}]
["07.04","73850/001","Rodapé em marmorite, altura 10CM","m",80.18,19.65,{"$f":"F58*1.276","v":25.07},{"$f":"E58*G58","v":{"v":2010.11,"d":"2,010.11"}}]
["08",null,"Esquadrias",{"$nulls":4},{"$f":"SUM(H60:H65)","v":{"v":14285.31,"d":"14,285.31"}}]
["08.01","08.01/CP 04","Porta em madeira de lei, almofadada, 0.90 x 2.10 m, inclusive batentes e ferragens","und",{"v":4,"d":"4.00"},{"v":1047.24,"d":"1,047.24"},{"v":1336.28,"d":"1,336.28"},{"$f":"E60*G60","v":{"v":5345.12,"d":"5,345.12"}},"1835/orse",{"$f":"E60/2.1","v":{"v":1.9,"d":"1.90"}}]
["08.02","08.02/CP 05","Porta em madeira de lei, almofadada, 0.80 x 2.10 m, inclusive batentes e ferragens","un",{"v":3,"d":"3.00"},935.86,{"v":1194.16,"d":"1,194.16"},{"$f":"E61*G61","v":{"v":3582.48,"d":"3,582.48"}},"3547/orse"]
["08.03",84846,"Janela de madeira almofada (pivotante) inclusas guarnicões","m2",{"v":3.2,"d":"3.20"},549.17,{"$f":"F62*1.276","v":700.74},{"$f":"E62*G62","v":{"v":2242.37,"d":"2,242.37"}}]
["08.04",{"$f":"#REF!","v":{"$error":"#REF!"}},"Janela de madeira para vidro, de correr, sem bandeira, inclusa guarnições","m²",0.75,406.77,{"$f":"F63*1.276","v":519.04},{"$f":"E63*G63","v":389.28}]
["08.05",72118,"Vidro temperado incvolor, esp= 6MM, fornecimento e instalação inclusive massa para vedação","m²",{"v":2,"d":"2.00"},160.92,{"$f":"F64*1.276","v":205.33},{"$f":"E64*G64","v":410.66}]
["08.06",{"$f":"#REF!","v":{"$error":"#REF!"}},"Gradil de ferro em barras quadradas de aço 3/8\" na vertical, espaçamento 10cm, e duas barras chatas de 1\" x 1/4\" na horizontal aplicadas nas duas faces, inclusive portão","m²",12.75,142.32,{"$f":"F65*1.276","v":{"v":181.6,"d":"181.60"}},{"$f":"E65*G65","v":{"v":2315.4,"d":"2,315.40"}}]
["09",null,"Instalações elétricas / telefônicas  e lógica",{"$nulls":4},{"$f":"SUM(H67:H84)","v":{"v":10990.31,"d":"10,990.31"}}]
["09.01",{"$f":"#REF!","v":{"$error":"#REF!"}},"Ponto de luz no teto, com eletroduto de pvc flexivel sanfonado embutido, completo","un",{"v":14,"d":"14.00"},149.19,190.37,{"v":2665.18,"d":"2,665.18"},"74054/1 - sinapi"]
["09.02",93143,"Ponto de tomada 2p+t, ABNT, de embutir, 20 A, com eletroduto de pvc flexível sanfonado embutido Ø 3/4\", fio rigido 2,5mm² (fio 12), inclusive placa em pvc e aterramento","un",{"v":12,"d":"12.00"},121.42,154.93,{"v":1859.16,"d":"1,859.16"},"3298/orse"]
["09.03",93145,"Ponto de iluminação e tomada, residencial, incluindo interruptor simples e tomada 10A/250V, caixa elétrica, eletroduto, cabo, rasgo, quebra e chumabamento (excluindo luminária e lâmpada)","und",{"v":6,"d":"6.00"},144.57,184.47,{"v":1106.82,"d":"1,106.82"}]
["09.04",{"$f":"#REF!","v":{"$error":"#REF!"}},"Ponto interruptor simples com eletroduto pvc 3/4\" e caixa 4X2\"","un",{"v":2,"d":"2.00"},171.48,218.81,437.62,"74042/1 - sinapi"]
["09.05",97593,"Luminária tipo spot de sobrepor p/ lâmpada incandescente ou fluorescente compacta, completa ","un",{"v":14,"d":"14.00"},{"v":94.9,"d":"94.90"},{"$f":"F71*1.276","v":121.09},{"$f":"E71*G71","v":{"v":1695.26,"d":"1,695.26"}},"74094/1 - sinapi"]
["09.06","09.06-CP 09","Ponto de tomada 3p para ar condicionado até 3000 va, com eletroduto de pvc flexível sanfonado embutido Ø 3/4\", incluindo conjunto astop/30a-220v, inclusive aterramento","und",{"v":5,"d":"5.00"},148.51,{"$f":"F72*1.276","v":{"v":189.5,"d":"189.50"}},{"$f":"E72*G72","v":{"v":947.5,"d":"947.50"}}]
["09.07",{"$f":"#REF!","v":{"$error":"#REF!"}},"Ponto de telefone, com eletroduto de pvc sanfonado embutido Ø 3/4\"","und",{"v":1,"d":"1.00"},107.47,{"$f":"F73*1.276","v":137.13},{"$f":"E73*G73","v":137.13}]
["09.08",{"$f":"#REF!","v":{"$error":"#REF!"}},"Ponto de antena (tubulação seca)","und",{"v":1,"d":"1.00"},125.27,{"$f":"F74*1.276","v":159.84},{"$f":"E74*G74","v":159.84}]
["09.09",{"$f":"#REF!","v":{"$error":"#REF!"}},"Quadro de distribuição (centro), embutir, em resina termoplastica, p/até 12 disjuntores s/barramento, padrão DIN","und",{"v":1,"d":"1.00"},230.21,293.75,293.75,"497/orse"]
["09.10",93654,"Disjuntor monopolar 16A, fornecimento e instalação","und",{"v":2,"d":"2.00"},10.62,13.55,{"v":27.1,"d":"27.10"},"74130/1 - sinapi"]
["09.11",93655,"Disjuntor monopolar 20 A , fornecimento e instalação","und",{"v":5,"d":"5.00"},11.38,14.52,{"v":72.6,"d":"72.60"}]
["09.12",93656,"Disjuntor monopolar 25 A , fornecimento e instalação","und",{"v":2,"d":"2.00"},11.38,14.52,29.04,"74130/2 - sinapi"]
["09.13","74130/002","Disjuntor termomagnético monopolar padrão NEMA (Americano) 35 A 50A, fornecimento e instalação","und",{"v":1,"d":"1.00"},20.84,26.59,26.59,"8077/orse"]
["09.14",{"$f":"#REF!","v":{"$error":"#REF!"}},"Quadro de medição monofásica (até 6 kva) com caixa em noril","und",{"v":1,"d":"1.00"},152.27,{"v":194.3,"d":"194.30"},{"v":194.3,"d":"194.30"},"337/orse"]
["09.15",{"$f":"#REF!","v":{"$error":"#REF!"}},"Aterramento completo c/ haste copperweld 3/4\" x 2,40m","und",{"v":1,"d":"1.00"},60.08,76.66,76.66,"9379/orse"]
["09.16",91932,"Cabo de cobre flexível isolado, 10 MM²,anti-chama 450/750 V,para circuitos terminais - Fornecimento e instalação","m",{"v":30,"d":"30.00"},8.43,10.76,{"v":322.8,"d":"322.80"}]
["09.17",{"$f":"#REF!","v":{"$error":"#REF!"}},"Poste de Jardim p/ entrada de energia","und",{"v":1,"d":"1.00"},521.24,{"v":665.1,"d":"665.10"},{"v":665.1,"d":"665.10"},"9163/orse"]
["09.18",{"$f":"#REF!","v":{"$error":"#REF!"}},"Ponto seco de tomada p/ lógica, com eletroduto pvc rígido embutido, Ø 3/4\"","und",{"v":2,"d":"2.00"},107.31,136.93,273.86]
[10,null,"Instalações hidrossanitárias",{"$nulls":4},{"$f":"SUM(H86:H106)","v":{"v":11366.02,"d":"11,366.02"}}]
["10.01",89957,"Ponto de água fria embutido, c/material pvc rígido soldável","un",0,97.25,124.09,0,"73959/2 - sinapi"]
["10.02",{"$f":"#REF!","v":{"$error":"#REF!"}},"Ponto de esgoto com tubo de pvc rígido soldável de  40 mm (lavatórios)","un",0,41.35,52.76,0,"1679/orse"]
["10.03",{"$f":"#REF!","v":{"$error":"#REF!"}},"Ponto de esgoto com tubo de pvc rígido soldável de  50 mm (ventilacao, caixa sifonada)","un",0,60.55,77.26,0,"1678/orse"]
["10.04",{"$f":"#REF!","v":{"$error":"#REF!"}},"Ponto de esgoto com tubo de pvc rígido soldável de 100 mm (vaso sanitário)","un",0,63.15,80.58,0,"73958/1 - sinapi"]
["10.05",89482,"Caixa sifonada redonda 100x100x50mm","un",0,15.77,20.12,0,"72292 - sinapi"]
["10.06",{"$f":"#REF!","v":{"$error":"#REF!"}},"Torneira de plástica para jardim","und",{"v":1,"d":"1.00"},{"v":55.9,"d":"55.90"},71.33,71.33]
["10.07",94792,"Registro de gaveta c/ canopla Ø 25mm","un",{"v":1,"d":"1.00"},100.44,128.16,128.16,"74175/1 - sinapi"]
["10.08",89353,"Registro de gaveta bruto, latão roscável, 3/4\", fornecimento e instalação","un",{"v":1,"d":"1.00"},31.71,40.46,40.46]
["10.09",88504,"Caixa d'agua de polietileno - instalada, exceto base de apoio, cap. 500 litros","un",{"v":1,"d":"1.00"},521.02,664.82,664.82,"5047/orse"]
["10.10",86931,"Bacia sanitária com caixa de descarga acoplada c/ assento, conjunto de fixação, anel de vedação e engate plástico","un",{"v":2,"d":"2.00"},351.62,448.67,897.34,"9017/orse"]
["10.11",{"$f":"#REF!","v":{"$error":"#REF!"}}," Lavatório com bancada em granito cinza andorinha, e = 2cm, dim 0.80x0.50, com 01 cuba de louça de embutir, sifão cromado, válvula cromada, torneira cromada, inclusive rodopia 7 cm, assentada","un",{"v":2,"d":"2.00"},481.62,614.55,{"v":1229.1,"d":"1,229.10"},"8261/orse"]
["10.12",86904,"Lavatório louça branca suspenso, 29,5x39cm ou equivalente, padrão popular - fornecimento e instalação","un",{"v":1,"d":"1.00"},100.55,{"v":128.3,"d":"128.30"},{"v":128.3,"d":"128.30"}]
["10.13",{"$f":"#REF!","v":{"$error":"#REF!"}},"Saboneteira para sabão líquido","un",{"v":3,"d":"3.00"},55.01,70.19,210.57,"2051/orse"]
["10.14",{"$f":"#REF!","v":{"$error":"#REF!"}},"Porta papel toalha em pvc","un",{"v":3,"d":"3.00"},83.47,106.51,319.53,"7610/orse"]
["10.15",{"$f":"#REF!","v":{"$error":"#REF!"}},"Porta papel higiênico","un",{"v":2,"d":"2.00"},58.63,74.81,149.62]
["10.16",{"$f":"#REF!","v":{"$error":"#REF!"}},"Espelho plano 3mm","m2",1.04,121.52,155.06,161.26,"1888/orse"]
["10.17",{"$f":"#REF!","v":{"$error":"#REF!"}},"Barra de apoio 80cm","un",{"v":4,"d":"4.00"},173.45,221.32,885.28,"2390/orse"]
["10.18",{"$f":"#REF!","v":{"$error":"#REF!"}},"Entrada de água com cavalete e hidrômetro","un",{"v":1,"d":"1.00"},203.41,259.55,259.55,"73659 + 74217/1 - sinapi"]
["10.19",98102,"Caixa de gordura simples em concreto pre- moldado DN 40MM com tampa","un",{"v":1,"d":"1.00"},64.91,82.83,82.83,"4883/orse"]
["10.20",98066,"Fossa séptica em alvenaria de tijolo cerâmico maçico, dimensões externas 1,90X1,10X1,40m, 1.500 litros, revestida internamente com barra lisa, com tampa em concreto armado com espessura 8cm","un",{"v":1,"d":"1.00"},{"v":3151.9,"d":"3,151.90"},{"v":4021.82,"d":"4,021.82"},{"v":4021.82,"d":"4,021.82"},"74197/1 - sinapi"]
["10.21",98094,"Sumidouro em alvenaria de tijolo cerãmico maciço, diâmetro 1,20m e altura 5,00m, com tampa em concreto armado diâmetro 1,40m e espessura 10cm","un",{"v":1,"d":"1.00"},{"v":1658.35,"d":"1,658.35"},{"v":2116.05,"d":"2,116.05"},{"v":2116.05,"d":"2,116.05"},"74198/1 - sinapi"]
[11,null,"Pintura",{"$nulls":4},{"$f":"SUM(H108:H111)","v":{"v":14241.88,"d":"14,241.88"}}]
["11.1",{"$f":"#REF!","v":{"$error":"#REF!"}},"Pintura para exterior/interior, sobre paredes, com lixamento, aplicação de 01 demão de selador acrílico e 02 demãos de tinta acrílica convencional","m2",{"v":357.9,"d":"357.90"},28.11,{"$f":"F108*1.276","v":35.87},{"v":12837.87,"d":"12,837.87"},"2296/orse"]
["11.2",88488,"Pintura manual de tinta látex acrílica em teto, 02duas demãos","m2",3.05,10.94,13.96,42.58,"3833/orse"]
["11.3","73739/001","Pintura de acabamento com aplicação de 02 demãos de esmalte sintético sobre madeira","m2",{"v":6.4,"d":"6.40"},12.67,16.17,103.49,"2313/orse"]
["11.4",88488,"Pintura de acabamento, com lixamento e aplicação de 02 demãos de tinta latex sobre forro de gesso","m²",90.11,10.94,13.96,{"v":1257.94,"d":"1,257.94"}]
[12,null,"ÁREA DO EQUIPAMENTO",{"$nulls":4},{"$f":"H113+H115+H118+H121","v":{"v":11364.52,"d":"11,364.52"}}]
["12.1",null,"Serviços Preliminares",{"$nulls":4},{"$f":"SUM(H114)","v":{"v":0,"d":"0.00"}}]
["12.1.1","12.1.1-CP26","Locação piqueteada","m2",0,{"v":0.4,"d":"0.40"},{"$f":"F114*1.276","v":0.51},{"$f":"E114*G114","v":0},"4175/orse"]
[13,null,"Serviços em Terra",null,0,null,null,{"$f":"SUM(H116:H117)","v":{"v":0,"d":"0.00"}}]
["13.1",96522,"Escavação manual de cavas (fundações rasas=2,00 m)","m3",0,89.41,{"$f":"F116*1.276","v":114.09},0,"6430 - sinapi"]
["13.2",94319,"Aterro manual de áreas,com aquisição de material de jazida ou areia fina, com espalhamento e compactação","m3",0,31.31,39.95,0]
[14,null,"Infra-estrutura",{"$nulls":4},{"$f":"SUM(H119:H120)","v":{"v":0,"d":"0.00"}}]
["14.1",73361,"Concreto ciclópico FCK=10MPA 30% pedra de mão inclusive lançamento","m³",0,{"v":334.7,"d":"334.70"},427.08,0]
["14.2",87503,"Alvenaria de embasamento em tijolo cerâmico furado 10x20x20cm, 1 vez, assentado em argamassa traço 1:5 (cimento e areia), e=1cm","m²",0,{"v":46.9,"d":"46.90"},59.84,0]
[15,null,"Pavimentação",{"$nulls":4},{"$f":"SUM(H122:H123)","v":{"v":11364.52,"d":"11,364.52"}},"73991/2 - sinapi"]
["15.1",{"$f":"#REF!","v":{"$error":"#REF!"}},"Lastro de concreto simples regularizado, fck=13,5 mpa,lançado e adensado, esp=8cm","m²",12.32,435.01,{"$f":"F122*1.276","v":555.07},{"$f":"E122*G122","v":{"v":6838.46,"d":"6,838.46"}}]
["15.2",98679,"Piso cimentado liso (queimado), traço 1:3 (cimento e areia), espessura 2,0 cm, preparo manual","m2",{"v":154,"d":"154.00"},23.03,29.39,{"v":4526.06,"d":"4,526.06"},"73919/5 - sinapi"]
[16,null,"ESPAÇO MULTIUSO",{"$nulls":4},{"$f":"SUM(H125+H127+H133+H130)","v":{"v":7388.05,"d":"7,388.05"}},"4175/orse"]
["16.1",null,"Serviços Preliminares",{"$nulls":4},{"$f":"SUM(H126)","v":{"v":0,"d":"0.00"}}]
["16.1.1",{"$f":"#REF!","v":{"$error":"#REF!"}},"Locação piqueteada","m2",0,{"v":0.4,"d":"0.40"},{"$f":"F126*1.276","v":0.51},{"$f":"E126*G126","v":0},"6430 - sinapi"]
[17,null,"Serviços em Terra",{"$nulls":4},{"$f":"SUM(H128:H129)","v":{"v":0,"d":"0.00"}}]
["17.1",96522,"Escavação manual de cavas (fundações rasas=2,00 m)","m3",0,89.41,{"$f":"F128*1.276","v":114.09},0,"73991/2 - sinapi"]
["17.2",94319,"Aterro manual de áreas,com aquisição de material de jazida ou areia fina, com espalhamento e compactação","m3",0,31.31,39.95,0]
[18,null,"Infra-estrutura",{"$nulls":4},{"$f":"SUM(H131:L132)","v":{"v":0,"d":"0.00"}}]
["18.1",73361,"Concreto ciclópico FCK=10MPA 30% pedra de mão inclusive lançamento","m³",0,{"v":334.7,"d":"334.70"},427.08,0]
["18.2",87503,"Alvenaria de embasamento em tijolo cerâmico furado 10x20x20cm, 1 vez, assentado em argamassa traço 1:5 (cimento e areia), e=1cm","m2",0,{"v":46.9,"d":"46.90"},59.84,0]
[19,null,"Pavimentação",{"$nulls":4},{"$f":"SUM(H134:L135)","v":{"v":7388.05,"d":"7,388.05"}},"73919/5 - sinapi"]
["19.1","19.1 - CP 25","Lastro de concreto simples regularizado, fck=13,5 mpa,lançado e adensado, esp=8cm","m²",8.01,435.01,{"$f":"F134*1.276","v":555.07},{"$f":"E134*G134","v":{"v":4446.11,"d":"4,446.11"}}]
["19.2",98679,"Piso cimentado liso (queimado), traço 1:3 (cimento e areia), espessura 2,0 cm, preparo manual","m2",{"v":100.1,"d":"100.10"},23.03,29.39,{"v":2941.94,"d":"2,941.94"}]
[20,null,"ÁREA EXTERNA (GERAL)",{"$nulls":4},{"$f":"H138+H140+H143+H146+H151+H154","v":{"v":13798.63,"d":"13,798.63"}}]
["20.1",null,"PAVIMENTAÇÃO"]
["20.1.1",null,"Serviços Preliminares",{"$nulls":4},{"$f":"H139","v":{"v":0,"d":"0.00"}}]
["20.1.1.1","20.1.1.1-CP26","Locação piqueteada","m²",0,{"v":0.4,"d":"0.40"},{"$f":"F139*1.276","v":0.51},{"$f":"E139*G139","v":0}]
[21,null,"Serviços em Terra",{"$nulls":4},{"$f":"SUM(H141:H142)","v":{"v":0,"d":"0.00"}}]
["21.1",96522,"Escavação manual de cavas (fundações rasas=2,00 m)","m3",0,89.41,{"$f":"F141*1.276","v":114.09},{"$f":"E141*G141","v":0}]
["21.2",94319,"Aterro manual de áreas,com aquisição de material de jazida ou areia fina, com espalhamento e compactação","m3",0,31.31,39.95,0]
[22,null,"Infra-estrutura",{"$nulls":4},{"$f":"SUM(H144:L145)","v":{"v":0,"d":"0.00"}}]
["22.1",73361,"Concreto ciclópico FCK=10MPA 30% pedra de mão inclusive lançamento","m³",0,{"v":334.7,"d":"334.70"},{"$f":"F144*1.276","v":427.08},{"$f":"E144*G144","v":0}]
["22.2",87503,"Alvenaria de embasamento em tijolo cerâmico furado 10x20x20cm, 1 vez, assentado em argamassa traço 1:5 (cimento e areia), e=1cm","m2",0,{"v":46.9,"d":"46.90"},59.84,0]
[23,null,"Pavimentação",{"$nulls":4},{"$f":"SUM(H147:H149)","v":{"v":13344.85,"d":"13,344.85"}}]
["23.1","23.1- CP 25","Lastro de concreto simples regularizado, fck=13,5 mpa,lançado e adensado, esp=8cm","m²",13.24,435.01,{"$f":"F147*1.276","v":555.07},{"$f":"E147*G147","v":{"v":7349.13,"d":"7,349.13"}}]
["23.2",98679,"Piso cimentado liso (queimado), traço 1:3 (cimento e areia), espessura 2,0 cm, preparo manual","m2",{"v":165.5,"d":"165.50"},23.03,{"$f":"F148*1.276","v":29.39},{"$f":"E148*G148","v":{"v":4864.05,"d":"4,864.05"}}]
["23.3",85180,"Grama","m²",72.45,12.24,15.62,{"v":1131.67,"d":"1,131.67"}]
[24,null,"RAMPA"]
["24.1",null,"Infra-estrutura ",{"$nulls":4},{"$f":"SUM(H152:H153)","v":116.96}]
["24.1.1",89168,"Alvenaria em tijolo cerâmico furado 10x20x20cm, 1/2 vez, assentado em argamassa traço 1:6 (cimento e areia), e=1cm","m2",1.28,53.51,{"$f":"F152*1.276","v":68.28},{"$f":"E152*G152","v":{"v":87.4,"d":"87.40"}}]
["24.1.2",94319,"Aterro manual de áreas,com aquisição de material de jazida ou areia fina, com espalhamento e compactação","m3",0.74,31.31,39.95,29.56]
[25,null,"Acabamento",{"$nulls":4},{"$f":"SUM(H155:H158)","v":336.82}]
["25.1",98679,"Piso com acabamento cimentado desempolado, esp.= 2,0 cm","m²",4.73,23.03,29.39,139.01]
["25.2",87630,"Contrapiso em argamassa traço 1:3 (cimento e areia), esp.=2,5 cm, preparo mecânico","m²",4.73,28.16,35.93,169.95]
["25.3",87874,"Chapisco em teto ou parede com argamassa traço 1:4 (cimento e areia), esp=0,5cm , preparo mecânico","m²",1.28,{"v":3.6,"d":"3.60"},4.59,5.88]
["25.4",87553,"Emboço paulista (massa única) de teto ou parede, com argamassa traço 1:6 (cimento e areia) esp= 2,5cm, preparo manual","m²",1.28,13.46,17.17,21.98]
[26,null,"SERVIÇOS COMPLEMENTARES",{"$nulls":4},{"$f":"SUM(H160:H173)","v":{"$error":"#REF!"}}]
["26.1",{"$f":"#REF!","v":{"$error":"#REF!"}},"Totem principal revestido de alumínio composto reynobond, com aplicação de adesivo vinil recorte oracal de alta durabilidade dupla face medindo (300x160cm)","un",{"v":1,"d":"1.00"},{"v":3281.23,"d":"3,281.23"},{"v":4186.85,"d":"4,186.85"},{"v":4186.85,"d":"4,186.85"}]
["26.2",{"$f":"#REF!","v":{"$error":"#REF!"}},"Totem espaço multiuso e equipamento revestido de alumínio composto reynobond, com aplicação de adesivo vinil recorte oracal de alta durabilidade dupla face medindo (220x90cm)","und",{"v":1,"d":"1.00"},{"v":3031.23,"d":"3,031.23"},{"v":3867.85,"d":"3,867.85"},{"v":3867.85,"d":"3,867.85"}]
["26.3",{"$f":"#REF!","v":{"$error":"#REF!"}},"Placa externa  revestido de alumínio composto reynobond, com aplicação de adesivo vinil recorte oracal de alta durabilidade dupla face medindo (90x140cm) ","und",{"v":1,"d":"1.00"},{"v":980,"d":"980.00"},{"v":1250.48,"d":"1,250.48"},{"v":1250.48,"d":"1,250.48"}]
["26.4","26.4 - CP 30","Placa de identificação em chapa de aço de 1,5 mm com acabamento em tinta altomotiva verde na frente, grafismo em serigrafia nas cores da marca do programa Academia da saúde medindo (8x24 cm)","und",{"v":5,"d":"5.00"},165.55,211.24,{"v":1056.2,"d":"1,056.20"}]
["26.5","26.5 - CP 31","Placa de identificação em chapa de aço de 1,5 mm com acabamento em tinta altomotiva verde na frente, grafismo em serigrafia nas cores da marca do programa Academia da saúde medindo (12x24 cm)","und",{"v":1,"d":"1.00"},85.38,108.94,108.94]
["26.6","26.6- CP 32","Placa de identificação em chapa de aço de 1,5 mm com acabamento em tinta altomotiva verde na frente, grafismo em serigrafia nas cores da marca do programa Academia da saúde medindo (16x16 cm)","und",{"v":2,"d":"2.00"},76.36,97.44,194.88]
[27,null,"EQUIPAMENTOS"]
["27.1",{"$f":"#REF!","v":{"$error":"#REF!"}},"Execução de equipamento denominado \"JOGO DE BARRA HORIZONTAL\", em tubo de ferro 2\" e\npintura eletrostática na cor verde, sendo dimensões e layout de acordo com prancha 01 -\nPrograma Academia da Saúde. ","und",{"v":1,"d":"1.00"},{"$f":"#REF!","v":{"$error":"#REF!"}},{"$f":"F167*1.276","v":{"$error":"#REF!"}},{"$f":"E167*G167","v":{"$error":"#REF!"}}]
["27.2",{"$f":"#REF!","v":{"$error":"#REF!"}},"Execução de equipamento denominado \"ESPALDAR DUPLO\", em tubo de ferro 2\" e 1 1/2\" com\npintura eletrostática na cor verde e azul, sendo dimensões e layout de acordo com prancha\n02 - Programa Academia da Saúde. ","und",{"v":1,"d":"1.00"},{"$f":"#REF!","v":{"$error":"#REF!"}},{"$error":"#REF!"},{"$error":"#REF!"}]
["27.3",{"$f":"#REF!","v":{"$error":"#REF!"}},"Execução de conjunto de bancos, (dimensões de 0,45m x\n1,60m) com base em concreto aparente, sendo espessura mínima de 15cm. Verificar\ninformações e layout de acordo com prancha 03 - Programa Academia da Saúde","und",{"v":1,"d":"1.00"},{"$f":"#REF!","v":{"$error":"#REF!"}},{"$error":"#REF!"},{"$error":"#REF!"}]
["27.4",{"$f":"#REF!","v":{"$error":"#REF!"}},"Execução de equipamento denominado \"PRANCHA PARA ABDOMINAL\", em tubo de\nferro 2\", prancha emconcreto e base em concreto aparente, sendo a pintura na cor amarela. Seguir dimensões e layout de acordo com prancha 04 -\nPrograma Academia da Saúde. ","und",{"v":1,"d":"1.00"},{"$f":"#REF!","v":{"$error":"#REF!"}},{"$error":"#REF!"},{"$error":"#REF!"}]
["27.5",{"$f":"#REF!","v":{"$error":"#REF!"}},"Execução de equipamento denominado \"BARRA ASSIMÉTRICA\", em tubo de ferro 2\" e 1\n1/2\" com pintura eletrostática na cor verde e azul, sendo dimensões e layout de acordo\ncom prancha 05 - Programa Academia da Saúde. ","und",{"v":1,"d":"1.00"},{"$f":"#REF!","v":{"$error":"#REF!"}},{"$error":"#REF!"},{"$error":"#REF!"}]
["27.6",{"$f":"#REF!","v":{"$error":"#REF!"}},"Execução de equipamento denominado \"BARRAS MARINHEIRO\", em tubo de ferro 2\" e\npintura eletrostática na cor verde, sendo dimensões e layout de acordo com prancha 06 -\nPrograma Academia da Saúde. ","und",{"v":1,"d":"1.00"},{"$f":"#REF!","v":{"$error":"#REF!"}},{"$error":"#REF!"},{"$error":"#REF!"}]
["27.7","73806/001","Limpeza geral","m2",{"v":600,"d":"600.00"},{"v":1.3,"d":"1.30"},1.66,{"v":996,"d":"996.00"}]
[null,null,"TOTAL DO CUSTO",{"$nulls":4},{"$f":"H20+H27+H112+H124+H136+H159","v":{"$error":"#REF!"}}]
["VALOR TOTAL COM BDI DE 27,60% = R$134.948,96 ( CENTO E TRINTA E QUATRO MIL, NOVECENTOS E QUARENTA E OITO REAIS E NOVENTA E SEIS CENTAVOS)"]

{"sheet":"MEDIÇÃO NÃO PAGA","index":1,"n_rows":175,"n_cols":10,"rows_kept":175,"hidden":true,"merged":[[5,0,5,9],[6,0,6,9],[13,0,14,9],[16,2,16,7],[174,0,174,6]]}
[]
[]
[]
[]
[]
["PREFEITURA MUNICIPAL DE PENEDO"]
["ESTADO DE ALAGOAS"]
[]
["EMPREENDIMENTO : ACADEMIA DE SAÚDE - ROSETE- PENEDO /AL"]
["MUNICÍPIO: PENEDO/AL",{"$nulls":4},"BDI",{"v":0.276,"d":"27.60%"}]
["OBJETIVO: ACADEMIA DE SAÚDE -ROSETE ANDRADE- PENEDO /AL",{"$nulls":7},"bdi -",{"v":0.255,"d":"25.50%"}]
["LOCALIZAÇÃO:  ROSETE ANDRADE-    PENEDO /AL",{"$nulls":7},"leis sociais - ",{"v":1.2433,"d":"124.33%"}]
[]
["PLANILHA ORÇAMENTÁRIA"]
[]
[]
["Obra:",null,"CONSTRUCAO DA ACADEMIA DA SAÚDE- ROSETE ANDRADE"]
[]
["ITEM","CÓDIGO","DESCRIÇÃO DO ITEM","UNID","QUANT","PREÇO LICITADO","VALOR TOTAL"]
[1,null,"SERVICOS PRELIMINARES",{"$nulls":3},{"$f":"SUM(G21:G26)","v":{"v":0,"d":"0.00"}}]
["01.01","74209/001","Placa de obra em chapa zincada, instalada","m2",0,266.52,{"$f":"E21*F21","v":0},"74209/001"]
["01.02",{"$f":"#REF!","v":{"$error":"#REF!"}},"Barracão para Obras de médio parte reaproveitamento 2 vezes","m²",0,152.18,0]
["01.03",41598,"Ligação provisória de elétrica ","und",0,{"v":1372.53,"d":"1,372.53"},0,"73960/001 - sinapi"]
["01.04",{"$f":"#REF!","v":{"$error":"#REF!"}},"Ligação provisória de água","und",0,{"v":1186.76,"d":"1,186.76"},0]
["01.05",{"$f":"#REF!","v":{"$error":"#REF!"}},"Ligação provisória de esgoto","und",0,{"v":1248.23,"d":"1,248.23"},0]
["01.06","73903/001","Limpeza manual do terreno (c/ raspagem superficial)","m2",0,{"v":0.4,"d":"0.40"},0,"73948/016"]
["02 ",null,"BLOCO DE APOIO",{"$nulls":3},{"$f":"G28+G30+G33+G36+G40+G45+G49+G54+G59+G66+G85+G107","v":{"v":26810.15,"d":"26,810.15"}}]
["02.01",null,"Serviços Preliminares",{"$nulls":3},{"$f":"SUM(G29)","v":{"v":0,"d":"0.00"}}]
["02.01.01",{"$f":"#REF!","v":{"$error":"#REF!"}},"Locação de construção de edificação entre 200 e 1000 m2, inclusive execução de gabarito de madeira","m2",0,3.57,{"$f":"E29*F29","v":0},"74077/002"]
["02.02",null,"Serviços em Terra",{"$nulls":3},{"$f":"SUM(G31:G32)","v":{"v":0,"d":"0.00"}}]
["02.02.01",96522,"Escavação manual de cavas (fundações rasas=2,00 m)","m3",0,39.42,{"$f":"E31*F31","v":0},"6430 - sinapi"]
["02.02.02",94319,"Aterro manual de áreas,com aquisição de material de jazida ou areia fina, com espalhamento e compactação","m3",0,28.72,{"$f":"E32*F32","v":0},"71/orse"]
["02.03 ",null,"Infra-estrutura",{"$nulls":3},{"$f":"SUM(G34:G35)","v":{"v":0,"d":"0.00"}}]
["02.03.03",73361,"Concreto ciclópico FCK=10MPA 30% pedra de mão inclusive lançamento","m³",0,336.66,{"$f":"E34*F34","v":0},"93/orse"]
["02.03.04",87503,"Alvenaria de embasamento em tijolo cerâmico furado 10x20x20cm, 1 vez, assentado em argamassa traço 1:5 (cimento e areia), e=1cm","m2",0,47.93,{"$f":"E35*F35","v":0},"73935/2-sinapi"]
["03",null,"Supra-estrutura",{"$nulls":3},{"$f":"SUM(G37:K39)","v":0}]
["03.01",93204,"Cinta de amarração de alvenaria moldada in loco em concreto","m3",0,30.02,{"$f":"E37*F37","v":0},"6456/orse + 98/orse"]
["03.02",94964,"Concreto FCK = 20MPA, traço 1:2,7:3 (CIMENTO/ AREIA MÉDIA/ BRITA 1) preparo mecânico com betoneira 400 L.(Pilares de apoio)","m3",0,314.96,{"$f":"E38*F38","v":0}]
["03.03","74141/002","Laje pre-moldada beta 12 P/3,5KN/M2 vão até 4,1M incluindo vigotas de tijolo armadura negativa capeamento 3CM concreto  15MPA escoramento materiais e mão de obra","m²",0,84.52,{"$f":"E39*F39","v":0}]
["04",null,"Paredes e forro",{"$nulls":3},{"$f":"SUM(G41:K44)","v":0}]
["04.01",89168,"Alvenaria em tijolo cerâmico furado 10x20x20cm, 1/2 vez, assentado em argamassa traço 1:6 (cimento e areia), e=1cm","m2",0,54.54,{"$f":"E41*F41","v":0},"73935/1 - sinapi"]
["04.02",93184,"Vergas 10X10cm em concreto pré-moldado fck=20MPa (preparo com betoneira), aço CA-60, bitola fina, inclusive formas tábua 3A","m",0,16.95,{"$f":"E42*F42","v":0},"74200/1 - sinapi"]
["04.03",93194,"Contraverga pré-moldada para vãos de até 1,5 M de comprimento","m",0,22.85,{"$f":"E43*F43","v":0}]
["04.04",96109,"Forro de gesso em placas de 60X60CM, ESP=1,2CM,inclusive fixação com arame","m²",0,23.49,{"$f":"E44*F44","v":0}]
["05",null,"Cobertura",{"$nulls":3},{"$f":"SUM(G46:K48)","v":{"v":13930.25,"d":"13,930.25"}}]
["05.01",92550,"Fabricação e instalação de tesoura inteira em madeira  não aparelhada vão 9 M, para telha cerâmica ou de concreto, incluso içamento","und",{"v":3,"d":"3.00"},{"v":1334.89,"d":"1,334.89"},{"$f":"E46*F46","v":{"v":4004.67,"d":"4,004.67"}},"73753/1"]
["05.02",92541,"Trama de madeira composta por ripas, caibros e terças para telhados para telha cerâmica, capa-canal, incluso transporte vertical","m²",126.36,{"v":53.2,"d":"53.20"},{"$f":"E47*F47","v":{"v":6722.35,"d":"6,722.35"}}]
["05.03",94204,"Telhamento com telha cerâmica capa-canal, tipo colonial, com mais de 2 águas, inclusive trasnporte vertical","m²",126.36,25.35,{"$f":"E48*F48","v":{"v":3203.23,"d":"3,203.23"}}]
["06",null,"Revestimentos",{"$nulls":3},{"$f":"SUM(G50:G53)","v":{"v":5988.99,"d":"5,988.99"}}]
["06.01",87874,"Chapisco em  teto ou parede com argamassa traço 1:4 (cimento e areia), esp.=0,5cm, preparo mecânico","m2",0,3.85,{"$f":"E50*F50","v":0},"5974 - sinapi"]
["06.02",87553,"Emboço paulista (massa única) de  teto ou parede, com argamassa traço 1:6 (cimento e areia) espessura 2,5cm, preparo manual","m2",{"v":41.1,"d":"41.10"},15.01,{"$f":"E51*F51","v":616.91},"73927/5 - sinapi"]
["06.03",87553,"Reboco em teto ou parede, com argamassa traço 1:6 (cimento e areia) espessura 2,5cm, preparo manual","m²",{"v":357.9,"d":"357.90"},15.01,{"$f":"E52*F52","v":{"v":5372.08,"d":"5,372.08"}}]
["06.04",89170,"Revestimento cerâmico para paredes internas, meia parede, ou parede inteira, placas grês ou semi-grês de 20x20 cm, para edificações habitacionais unifamiliar (casas) e edificações públicas padrão. af_11/2014","m²",0,36.46,{"$f":"E53*F53","v":0}]
["07",null,"Pavimentação",{"$nulls":3},{"$f":"SUM(G55:K58)","v":{"v":5345.74,"d":"5,345.74"}},null,null,{"$f":"69+8+18","v":95}]
["07.01",87620,"Contrapiso em argamassa traço 1:4 (cimento e areia), esp.=2,0 cm, preparo mecânico","m2",{"v":100.1,"d":"100.10"},22.83,{"$f":"E55*F55","v":{"v":2285.28,"d":"2,285.28"}}]
["07.02",98679,"Piso cimentado liso ( queimado), traço 1:3 (cimento e areia), espessura 2,0 cm","m2",90.04,33.99,{"$f":"E56*F56","v":{"v":3060.46,"d":"3,060.46"}},"73991/2 - sinapi"]
["07.03",84191,"Piso em granilite, marmorite ou granitina espessura 8 mm, incluso juntas de dilatacao plasticas","m2",0,78.96,{"$f":"E57*F57","v":0}]
["07.04","73850/001","Rodapé em marmorite, altura 10CM","m",0,19.28,{"$f":"E58*F58","v":0}]
["08",null,"Esquadrias",{"$nulls":3},{"$f":"SUM(G60:G65)","v":0}]
["08.01","08.01/CP 04","Porta em madeira de lei, almofadada, 0.90 x 2.10 m, inclusive batentes e ferragens","und",0,{"v":1063.65,"d":"1,063.65"},{"$f":"E60*F60","v":0},"1835/orse",{"$f":"E60/2.1","v":0}]
["08.02","08.02/CP 05","Porta em madeira de lei, almofadada, 0.80 x 2.10 m, inclusive batentes e ferragens","un",0,931.86,0,"3547/orse"]
["08.03",84846,"Janela de madeira almofada (pivotante) inclusas guarnicões","m2",0,556.51,0]
["08.04",{"$f":"#REF!","v":{"$error":"#REF!"}},"Janela de madeira para vidro, de correr, sem bandeira, inclusa guarnições","m²",0,527.85,0]
["08.05",72118,"Vidro temperado incvolor, esp= 6MM, fornecimento e instalação inclusive massa para vedação","m²",0,157.59,0]
["08.06",{"$f":"#REF!","v":{"$error":"#REF!"}},"Gradil de ferro em barras quadradas de aço 3/8\" na vertical, espaçamento 10cm, e duas barras chatas de 1\" x 1/4\" na horizontal aplicadas nas duas faces, inclusive portão","m²",0,156.91,0]
["09",null,"Instalações elétricas / telefônicas  e lógica",{"$nulls":3},{"$f":"SUM(G67:G84)","v":0}]
["09.01",{"$f":"#REF!","v":{"$error":"#REF!"}},"Ponto de luz no teto, com eletroduto de pvc flexivel sanfonado embutido, completo","un",0,68.17,{"$f":"E67*F67","v":0},"74054/1 - sinapi"]
["09.02",93143,"Ponto de tomada 2p+t, ABNT, de embutir, 20 A, com eletroduto de pvc flexível sanfonado embutido Ø 3/4\", fio rigido 2,5mm² (fio 12), inclusive placa em pvc e aterramento","un",0,{"v":135.2,"d":"135.20"},0,"3298/orse"]
["09.03",93145,"Ponto de iluminação e tomada, residencial, incluindo interruptor simples e tomada 10A/250V, caixa elétrica, eletroduto, cabo, rasgo, quebra e chumabamento (excluindo luminária e lâmpada)","und",0,{"v":163.7,"d":"163.70"},0]
["09.04",{"$f":"#REF!","v":{"$error":"#REF!"}},"Ponto interruptor simples com eletroduto pvc 3/4\" e caixa 4X2\"","un",0,179.43,0,"74042/1 - sinapi"]
["09.05",97593,"Luminária tipo spot de sobrepor p/ lâmpada incandescente ou fluorescente compacta, completa ","un",0,34.27,0,"74094/1 - sinapi"]
["09.06","09.06-CP 09","Ponto de tomada 3p para ar condicionado até 3000 va, com eletroduto de pvc flexível sanfonado embutido Ø 3/4\", incluindo conjunto astop/30a-220v, inclusive aterramento","und",0,173.45,0]
["09.07",{"$f":"#REF!","v":{"$error":"#REF!"}},"Ponto de telefone, com eletroduto de pvc sanfonado embutido Ø 3/4\"","und",0,110.08,0]
["09.08",{"$f":"#REF!","v":{"$error":"#REF!"}},"Ponto de antena (tubulação seca)","und",0,132.74,0]
["09.09",{"$f":"#REF!","v":{"$error":"#REF!"}},"Quadro de distribuição (centro), embutir, em resina termoplastica, p/até 12 disjuntores s/barramento, padrão DIN","und",0,143.81,0,"497/orse"]
["09.10",93654,"Disjuntor monopolar 16A, fornecimento e instalação","und",0,14.18,0,"74130/1 - sinapi"]
["09.11",93655,"Disjuntor monopolar 20 A , fornecimento e instalação","und",0,12.06,0]
["09.12",93656,"Disjuntor monopolar 25 A , fornecimento e instalação","und",0,22.19,0,"74130/2 - sinapi"]
["09.13","74130/002","Disjuntor termomagnético monopolar padrão NEMA (Americano) 35 A 50A, fornecimento e instalação","und",0,22.19,0,"8077/orse"]
["09.14",{"$f":"#REF!","v":{"$error":"#REF!"}},"Quadro de medição monofásica (até 6 kva) com caixa em noril","und",0,{"v":160.6,"d":"160.60"},0,"337/orse"]
["09.15",{"$f":"#REF!","v":{"$error":"#REF!"}},"Aterramento completo c/ haste copperweld 3/4\" x 2,40m","und",0,61.43,0,"9379/orse"]
["09.16",91932,"Cabo de cobre flexível isolado, 10 MM²,anti-chama 450/750 V,para circuitos terminais - Fornecimento e instalação","m",0,9.71,0]
["09.17",{"$f":"#REF!","v":{"$error":"#REF!"}},"Poste de Jardim p/ entrada de energia","und",0,528.81,0,"9163/orse"]
["09.18",{"$f":"#REF!","v":{"$error":"#REF!"}},"Ponto seco de tomada p/ lógica, com eletroduto pvc rígido embutido, Ø 3/4\"","und",0,114.37,0]
[10,null,"Instalações hidrossanitárias",{"$nulls":3},{"$f":"SUM(G86:G106)","v":{"v":1545.17,"d":"1,545.17"}}]
["10.01",89957,"Ponto de água fria embutido, c/material pvc rígido soldável","un",{"v":10,"d":"10.00"},99.02,{"$f":"E86*F86","v":{"v":990.2,"d":"990.20"}},"73959/2 - sinapi"]
["10.02",{"$f":"#REF!","v":{"$error":"#REF!"}},"Ponto de esgoto com tubo de pvc rígido soldável de  40 mm (lavatórios)","un",{"v":3,"d":"3.00"},41.43,124.29,"1679/orse"]
["10.03",{"$f":"#REF!","v":{"$error":"#REF!"}},"Ponto de esgoto com tubo de pvc rígido soldável de  50 mm (ventilacao, caixa sifonada)","un",{"v":3,"d":"3.00"},66.67,200.01,"1678/orse"]
["10.04",{"$f":"#REF!","v":{"$error":"#REF!"}},"Ponto de esgoto com tubo de pvc rígido soldável de 100 mm (vaso sanitário)","un",{"v":3,"d":"3.00"},64.49,193.47,"73958/1 - sinapi"]
["10.05",89482,"Caixa sifonada redonda 100x100x50mm","un",{"v":2,"d":"2.00"},{"v":18.6,"d":"18.60"},{"v":37.2,"d":"37.20"},"72292 - sinapi"]
["10.06",{"$f":"#REF!","v":{"$error":"#REF!"}},"Torneira de plástica para jardim","und",0,61.86,0]
["10.07",94792,"Registro de gaveta c/ canopla Ø 25mm","un",0,109.21,0,"74175/1 - sinapi"]
["10.08",89353,"Registro de gaveta bruto, latão roscável, 3/4\", fornecimento e instalação","un",0,36.04,0]
["10.09",88504,"Caixa d'agua de polietileno - instalada, exceto base de apoio, cap. 500 litros","un",0,600.57,0,"5047/orse"]
["10.10",86931,"Bacia sanitária com caixa de descarga acoplada c/ assento, conjunto de fixação, anel de vedação e engate plástico","un",0,353.95,0,"9017/orse"]
["10.11",{"$f":"#REF!","v":{"$error":"#REF!"}}," Lavatório com bancada em granito cinza andorinha, e = 2cm, dim 0.80x0.50, com 01 cuba de louça de embutir, sifão cromado, válvula cromada, torneira cromada, inclusive rodopia 7 cm, assentada","un",0,423.48,0,"8261/orse"]
["10.12",86904,"Lavatório louça branca suspenso, 29,5x39cm ou equivalente, padrão popular - fornecimento e instalação","un",0,88.64,0]
["10.13",{"$f":"#REF!","v":{"$error":"#REF!"}},"Saboneteira para sabão líquido","un",0,55.08,0,"2051/orse"]
["10.14",{"$f":"#REF!","v":{"$error":"#REF!"}},"Porta papel toalha em pvc","un",0,131.75,0,"7610/orse"]
["10.15",{"$f":"#REF!","v":{"$error":"#REF!"}},"Porta papel higiênico","un",0,63.28,0]
["10.16",{"$f":"#REF!","v":{"$error":"#REF!"}},"Espelho plano 3mm","m2",0,103.04,0,"1888/orse"]
["10.17",{"$f":"#REF!","v":{"$error":"#REF!"}},"Barra de apoio 80cm","un",0,162.58,0,"2390/orse"]
["10.18",{"$f":"#REF!","v":{"$error":"#REF!"}},"Entrada de água com cavalete e hidrômetro","un",0,170.97,0,"73659 + 74217/1 - sinapi"]
["10.19",98102,"Caixa de gordura simples em concreto pre- moldado DN 40MM com tampa","un",0,132.24,0,"4883/orse"]
["10.20",98066,"Fossa séptica em alvenaria de tijolo cerâmico maçico, dimensões externas 1,90X1,10X1,40m, 1.500 litros, revestida internamente com barra lisa, com tampa em concreto armado com espessura 8cm","un",0,{"v":1216.18,"d":"1,216.18"},0,"74197/1 - sinapi"]
["10.21",98094,"Sumidouro em alvenaria de tijolo cerãmico maciço, diâmetro 1,20m e altura 5,00m, com tampa em concreto armado diâmetro 1,40m e espessura 10cm","un",0,{"v":1077.46,"d":"1,077.46"},0,"74198/1 - sinapi"]
[11,null,"Pintura",{"$nulls":3},{"$f":"SUM(G108:G111)","v":0}]
["11.1",{"$f":"#REF!","v":{"$error":"#REF!"}},"Pintura para exterior/interior, sobre paredes, com lixamento, aplicação de 01 demão de selador acrílico e 02 demãos de tinta acrílica convencional","m2",0,28.06,{"$f":"E108*F108","v":0},"2296/orse"]
["11.2",88488,"Pintura manual de tinta látex acrílica em teto, 02duas demãos","m2",0,34.43,{"$f":"E109*F109","v":0},"3833/orse"]
["11.3","73739/001","Pintura de acabamento com aplicação de 02 demãos de esmalte sintético sobre madeira","m2",0,12.62,{"$f":"E110*F110","v":0},"2313/orse"]
["11.4",88488,"Pintura de acabamento, com lixamento e aplicação de 02 demãos de tinta latex sobre forro de gesso","m²",0,10.85,{"$f":"E111*F111","v":0}]
[12,null,"ÁREA DO EQUIPAMENTO",{"$nulls":3},{"$f":"G113+G115+G118+G121","v":0}]
["12.1",null,"Serviços Preliminares",{"$nulls":3},{"$f":"SUM(G114)","v":{"v":0,"d":"0.00"}}]
["12.1.1","12.1.1-CP26","Locação piqueteada","m2",0,0.37,{"$f":"E114*F114","v":0},"4175/orse"]
[13,null,"Serviços em Terra",null,0,null,{"$f":"SUM(G116:G117)","v":{"v":0,"d":"0.00"}}]
["13.1",96522,"Escavação manual de cavas (fundações rasas=2,00 m)","m3",0,39.42,{"$f":"E116*F116","v":0},"6430 - sinapi"]
["13.2",94319,"Aterro manual de áreas,com aquisição de material de jazida ou areia fina, com espalhamento e compactação","m3",0,28.72,{"$f":"E117*F117","v":0}]
[14,null,"Infra-estrutura",{"$nulls":3},{"$f":"SUM(G119:G120)","v":{"v":0,"d":"0.00"}}]
["14.1",73361,"Concreto ciclópico FCK=10MPA 30% pedra de mão inclusive lançamento","m³",0,336.66,{"$f":"E119*F119","v":0}]
["14.2",87503,"Alvenaria de embasamento em tijolo cerâmico furado 10x20x20cm, 1 vez, assentado em argamassa traço 1:5 (cimento e areia), e=1cm","m²",0,47.93,{"$f":"E120*F120","v":0}]
[15,null,"Pavimentação",{"$nulls":3},{"$f":"SUM(G122:G123)","v":0},"73991/2 - sinapi"]
["15.1",{"$f":"#REF!","v":{"$error":"#REF!"}},"Lastro de concreto simples regularizado, fck=13,5 mpa,lançado e adensado, esp=8cm","m²",0,424.13,{"$f":"E122*F122","v":0}]
["15.2",98679,"Piso cimentado liso (queimado), traço 1:3 (cimento e areia), espessura 2,0 cm, preparo manual","m2",0,33.99,{"$f":"E123*F123","v":0},"73919/5 - sinapi"]
[16,null,"ESPAÇO MULTIUSO",{"$nulls":3},{"$f":"SUM(G125+G127+G133+G130)","v":0},"4175/orse"]
["16.1",null,"Serviços Preliminares",{"$nulls":3},{"$f":"SUM(G126)","v":{"v":0,"d":"0.00"}}]
["16.1.1",{"$f":"#REF!","v":{"$error":"#REF!"}},"Locação piqueteada","m2",0,0.37,{"$f":"E126*F126","v":0},"6430 - sinapi"]
[17,null,"Serviços em Terra",{"$nulls":3},{"$f":"SUM(G128:G129)","v":{"v":0,"d":"0.00"}}]
["17.1",96522,"Escavação manual de cavas (fundações rasas=2,00 m)","m3",0,39.42,{"$f":"E128*F128","v":0},"73991/2 - sinapi"]
["17.2",94319,"Aterro manual de áreas,com aquisição de material de jazida ou areia fina, com espalhamento e compactação","m3",0,28.72,{"$f":"E129*F129","v":0}]
[18,null,"Infra-estrutura",{"$nulls":3},{"$f":"SUM(G131:K132)","v":{"v":0,"d":"0.00"}}]
["18.1",73361,"Concreto ciclópico FCK=10MPA 30% pedra de mão inclusive lançamento","m³",0,336.66,{"$f":"E131*F131","v":0}]
["18.2",87503,"Alvenaria de embasamento em tijolo cerâmico furado 10x20x20cm, 1 vez, assentado em argamassa traço 1:5 (cimento e areia), e=1cm","m2",0,47.93,{"$f":"E132*F132","v":0}]
[19,null,"Pavimentação",{"$nulls":3},{"$f":"SUM(G134:K135)","v":0},"73919/5 - sinapi"]
["19.1","19.1 - CP 25","Lastro de concreto simples regularizado, fck=13,5 mpa,lançado e adensado, esp=8cm","m²",0,424.13,{"$f":"E134*F134","v":0}]
["19.2",98679,"Piso cimentado liso (queimado), traço 1:3 (cimento e areia), espessura 2,0 cm, preparo manual","m2",0,33.99,{"$f":"E135*F135","v":0}]
[20,null,"ÁREA EXTERNA (GERAL)",{"$nulls":3},{"$f":"G138+G140+G143+G146+G151+G154","v":0}]
["20.1",null,"PAVIMENTAÇÃO"]
["20.1.1",null,"Serviços Preliminares",{"$nulls":3},{"$f":"G139","v":{"v":0,"d":"0.00"}}]
["20.1.1.1","20.1.1.1-CP26","Locação piqueteada","m²",0,0.37,{"$f":"E139*F139","v":0}]
[21,null,"Serviços em Terra",{"$nulls":3},{"$f":"SUM(G141:G142)","v":{"v":0,"d":"0.00"}}]
["21.1",96522,"Escavação manual de cavas (fundações rasas=2,00 m)","m3",0,39.42,{"$f":"E141*F141","v":0}]
["21.2",94319,"Aterro manual de áreas,com aquisição de material de jazida ou areia fina, com espalhamento e compactação","m3",0,28.72,{"$f":"E142*F142","v":0}]
[22,null,"Infra-estrutura",{"$nulls":3},{"$f":"SUM(G144:K145)","v":{"v":0,"d":"0.00"}}]
["22.1",73361,"Concreto ciclópico FCK=10MPA 30% pedra de mão inclusive lançamento","m³",0,336.66,{"$f":"E144*F144","v":0}]
["22.2",87503,"Alvenaria de embasamento em tijolo cerâmico furado 10x20x20cm, 1 vez, assentado em argamassa traço 1:5 (cimento e areia), e=1cm","m2",0,47.93,{"$f":"E145*F145","v":0}]
[23,null,"Pavimentação",{"$nulls":3},{"$f":"SUM(G147:G149)","v":0}]
["23.1","23.1- CP 25","Lastro de concreto simples regularizado, fck=13,5 mpa,lançado e adensado, esp=8cm","m²",0,424.13,{"$f":"E147*F147","v":0}]
["23.2",98679,"Piso cimentado liso (queimado), traço 1:3 (cimento e areia), espessura 2,0 cm, preparo manual","m2",0,33.99,{"$f":"E148*F148","v":0}]
["23.3",85180,"Grama","m²",0,9.61,{"$f":"E149*F149","v":0}]
[24,null,"RAMPA"]
["24.1",null,"Infra-estrutura ",{"$nulls":3},{"$f":"SUM(G152:G153)","v":0}]
["24.1.1",89168,"Alvenaria em tijolo cerâmico furado 10x20x20cm, 1/2 vez, assentado em argamassa traço 1:6 (cimento e areia), e=1cm","m2",0,54.54,{"$f":"E152*F152","v":0}]
["24.1.2",94319,"Aterro manual de áreas,com aquisição de material de jazida ou areia fina, com espalhamento e compactação","m3",0,28.72,{"$f":"E153*F153","v":0}]
[25,null,"Acabamento",{"$nulls":3},{"$f":"SUM(G155:G158)","v":0}]
["25.1",98679,"Piso com acabamento cimentado desempolado, esp.= 2,0 cm","m²",0,33.99,{"$f":"E155*F155","v":0}]
["25.2",87630,"Contrapiso em argamassa traço 1:3 (cimento e areia), esp.=2,5 cm, preparo mecânico","m²",0,26.52,{"$f":"E156*F156","v":0}]
["25.3",87874,"Chapisco em teto ou parede com argamassa traço 1:4 (cimento e areia), esp=0,5cm , preparo mecânico","m²",0,3.85,{"$f":"E157*F157","v":0}]
["25.4",87553,"Emboço paulista (massa única) de teto ou parede, com argamassa traço 1:6 (cimento e areia) esp= 2,5cm, preparo manual","m²",0,15.01,{"$f":"E158*F158","v":0}]
[26,null,"SERVIÇOS COMPLEMENTARES",{"$nulls":3},{"$f":"SUM(G160:G173)","v":0}]
["26.1",{"$f":"#REF!","v":{"$error":"#REF!"}},"Totem principal revestido de alumínio composto reynobond, com aplicação de adesivo vinil recorte oracal de alta durabilidade dupla face medindo (300x160cm)","un",0,{"v":3541.92,"d":"3,541.92"},{"$f":"E160*F160","v":0}]
["26.2",{"$f":"#REF!","v":{"$error":"#REF!"}},"Totem espaço multiuso e equipamento revestido de alumínio composto reynobond, com aplicação de adesivo vinil recorte oracal de alta durabilidade dupla face medindo (220x90cm)","und",0,{"v":3270.77,"d":"3,270.77"},0]
["26.3",{"$f":"#REF!","v":{"$error":"#REF!"}},"Placa externa  revestido de alumínio composto reynobond, com aplicação de adesivo vinil recorte oracal de alta durabilidade dupla face medindo (90x140cm) ","und",0,{"v":1062.91,"d":"1,062.91"},0]
["26.4","26.4 - CP 30","Placa de identificação em chapa de aço de 1,5 mm com acabamento em tinta altomotiva verde na frente, grafismo em serigrafia nas cores da marca do programa Academia da saúde medindo (8x24 cm)","und",0,179.56,0]
["26.5","26.5 - CP 31","Placa de identificação em chapa de aço de 1,5 mm com acabamento em tinta altomotiva verde na frente, grafismo em serigrafia nas cores da marca do programa Academia da saúde medindo (12x24 cm)","und",0,{"v":92.6,"d":"92.60"},0]
["26.6","26.6- CP 32","Placa de identificação em chapa de aço de 1,5 mm com acabamento em tinta altomotiva verde na frente, grafismo em serigrafia nas cores da marca do programa Academia da saúde medindo (16x16 cm)","und",0,82.83,0]
[27,null,"EQUIPAMENTOS"]
["27.1",{"$f":"#REF!","v":{"$error":"#REF!"}},"Execução de equipamento denominado \"JOGO DE BARRA HORIZONTAL\", em tubo de ferro 2\" e\npintura eletrostática na cor verde, sendo dimensões e layout de acordo com prancha 01 -\nPrograma Academia da Saúde. ","und",0,{"v":2786.44,"d":"2,786.44"},{"$f":"E167*F167","v":0}]
["27.2",{"$f":"#REF!","v":{"$error":"#REF!"}},"Execução de equipamento denominado \"ESPALDAR DUPLO\", em tubo de ferro 2\" e 1 1/2\" com\npintura eletrostática na cor verde e azul, sendo dimensões e layout de acordo com prancha\n02 - Programa Academia da Saúde. ","und",0,{"v":2169.2,"d":"2,169.20"},0]
["27.3",{"$f":"#REF!","v":{"$error":"#REF!"}},"Execução de conjunto de bancos, (dimensões de 0,45m x\n1,60m) com base em concreto aparente, sendo espessura mínima de 15cm. Verificar\ninformações e layout de acordo com prancha 03 - Programa Academia da Saúde","und",0,{"v":2711.5,"d":"2,711.50"},0]
["27.4",{"$f":"#REF!","v":{"$error":"#REF!"}},"Execução de equipamento denominado \"PRANCHA PARA ABDOMINAL\", em tubo de\nferro 2\", prancha emconcreto e base em concreto aparente, sendo a pintura na cor amarela. Seguir dimensões e layout de acordo com prancha 04 -\nPrograma Academia da Saúde. ","und",0,{"v":3796.1,"d":"3,796.10"},0]
["27.5",{"$f":"#REF!","v":{"$error":"#REF!"}},"Execução de equipamento denominado \"BARRA ASSIMÉTRICA\", em tubo de ferro 2\" e 1\n1/2\" com pintura eletrostática na cor verde e azul, sendo dimensões e layout de acordo\ncom prancha 05 - Programa Academia da Saúde. ","und",0,{"v":3796.1,"d":"3,796.10"},0]
["27.6",{"$f":"#REF!","v":{"$error":"#REF!"}},"Execução de equipamento denominado \"BARRAS MARINHEIRO\", em tubo de ferro 2\" e\npintura eletrostática na cor verde, sendo dimensões e layout de acordo com prancha 06 -\nPrograma Academia da Saúde. ","und",0,{"v":1769.52,"d":"1,769.52"},0]
["27.7","73806/001","Limpeza geral","m2",0,{"v":1.9,"d":"1.90"},0]
[null,null,"TOTAL DO CUSTO",{"$nulls":3},{"$f":"G20+G27+G112+G124+G136+G159","v":{"v":26810.15,"d":"26,810.15"}}]
["VALOR TOTAL = R$26.810,15 ( VINTE E SEIS MIL, OITOCENTOS E DEZ REAIS E QUINZE CENTAVOS)"]

{"sheet":"CRONOGRAMA","index":2,"n_rows":45,"n_cols":12,"rows_kept":45,"merged":[[0,0,0,11],[1,0,1,11],[2,0,2,11],[4,3,5,3],[6,3,7,3],[8,3,9,3],[10,3,11,3],[12,3,13,3],[14,3,15,3],[16,3,17,3],[18,3,19,3],[20,3,21,3],[22,3,23,3],[24,3,25,3],[26,3,27,3],[28,3,29,3],[30,3,31,3],[32,3,33,3],[34,3,35,3],[36,3,37,3],[38,3,39,3],[40,0,40,1],[41,0,44,1],[41,2,42,2],[43,2,44,2]]}
[" PREFEITURA MUNICIPAL DE PARIPUEIRA - AL"]
["CRONOGRAMA FÍSICO-FINANCEIRO"]
["OBRA: Construção de uma Escola de 12 salas no Loteamento Corais, em Paripueira"]
["ITEM","DESCRIÇÃO DOS SERVIÇOS","VALOR (R$)","% ITEM",1,2,3,4,5,6,7,8]
[1,"SERVIÇOS PRELIMINARES",{"v":29120.26,"d":"29,120.26"},{"$f":"C5/$C$41","v":{"v":0.0152,"d":"1.52%"}},{"v":0.7,"d":"70%"},{"v":1,"d":"100%"}]
[{"$nulls":4},{"$f":"C5*E5","v":{"v":20384.18,"d":"20,384.18"}},{"$f":"C5*F5","v":{"v":29120.26,"d":"29,120.26"}}]
[2,"MOVIMENTO DE TERRA",{"v":24671.76,"d":"24,671.76"},{"$f":"C7/$C$41","v":{"v":0.0128,"d":"1.28%"}},{"v":0.4,"d":"40%"},{"v":0.4,"d":"40%"},{"v":1,"d":"100%"}]
[{"$nulls":4},{"$f":"C7*E7","v":{"v":9868.7,"d":"9,868.70"}},{"$f":"C7*F7","v":{"v":9868.7,"d":"9,868.70"}},{"$f":"C7*G7","v":{"v":24671.76,"d":"24,671.76"}}]
[3,"INFRA-ESTRUTURA",{"v":211075.41,"d":"211,075.41"},{"$f":"C9/$C$41","v":{"v":0.1098,"d":"10.98%"}},{"v":0.2,"d":"20%"},{"v":0.4,"d":"40%"},{"v":0.8,"d":"80%"},{"v":1,"d":"100%"}]
[{"$nulls":4},{"$f":"$C9*E9","v":{"v":42215.08,"d":"42,215.08"}},{"$f":"C9*F9","v":{"v":84430.16,"d":"84,430.16"}},{"$f":"C9*G9","v":{"v":168860.33,"d":"168,860.33"}},{"$f":"C9*H9","v":{"v":211075.41,"d":"211,075.41"}}]
[4,"SUPRA-ESTRUTURA",{"v":214344.6,"d":"214,344.60"},{"$f":"C11/$C$41","v":{"v":0.1115,"d":"11.15%"}},null,{"v":0.25,"d":"25%"},{"v":0.5,"d":"50%"},{"v":0.8,"d":"80%"},{"v":1,"d":"100%"}]
[{"$nulls":5},{"$f":"C11*F11","v":{"v":53586.15,"d":"53,586.15"}},{"$f":"$C11*G11","v":{"v":107172.3,"d":"107,172.30"}},{"$f":"C11*H11","v":{"v":171475.68,"d":"171,475.68"}},{"$f":"$C11*I11","v":{"v":214344.6,"d":"214,344.60"}}]
[5,"FECHAMENTOS",{"v":165932.85,"d":"165,932.85"},{"$f":"C13/$C$41","v":{"v":0.0864,"d":"8.64%"}},null,{"v":0.15,"d":"15%"},{"v":0.35,"d":"35%"},{"v":0.5,"d":"50%"},{"v":0.65,"d":"65%"},{"v":0.8,"d":"80%"},{"v":0.95,"d":"95%"},{"v":1,"d":"100%"}]
[{"$nulls":5},{"$f":"C13*F13","v":{"v":24889.93,"d":"24,889.93"}},{"$f":"C13*G13","v":{"v":58076.5,"d":"58,076.50"}},{"$f":"C13*H13","v":{"v":82966.43,"d":"82,966.43"}},{"$f":"$C13*I13","v":{"v":107856.35,"d":"107,856.35"}},{"$f":"$C13*J13","v":{"v":132746.28,"d":"132,746.28"}},{"v":157636.21,"d":"157,636.21"},{"v":165932.85,"d":"165,932.85"}]
[6,"PISOS E REVESTIMENTOS",{"v":505671.63,"d":"505,671.63"},{"$f":"C15/$C$41","v":{"v":0.2632,"d":"26.32%"}},null,null,{"v":0.3,"d":"30%"},{"v":0.8,"d":"80%"},{"v":1,"d":"100%"}]
[{"$nulls":6},{"$f":"C15*G15","v":{"v":151701.49,"d":"151,701.49"}},{"$f":"C15*H15","v":{"v":404537.3,"d":"404,537.30"}},{"$f":"$C15*I15","v":{"v":505671.63,"d":"505,671.63"}}]
[7,"COBERTURA",{"v":241008.99,"d":"241,008.99"},{"$f":"C17/$C$41","v":{"v":0.1254,"d":"12.54%"}},{"$nulls":4},{"v":0.5,"d":"50%"},{"v":1,"d":"100%"}]
[{"$nulls":8},{"$f":"$C17*I17","v":{"v":120504.5,"d":"120,504.50"}},{"$f":"$C17*J17","v":{"v":241008.99,"d":"241,008.99"}}]
[8,"ESQUADRIAS",{"v":86154.59,"d":"86,154.59"},{"$f":"C19/$C$41","v":{"v":0.0448,"d":"4.48%"}},{"$nulls":4},{"v":0.3,"d":"30%"},{"v":0.6,"d":"60%"},{"v":0.9,"d":"90%"},{"v":1,"d":"100%"}]
[{"$nulls":8},{"$f":"$C19*I19","v":{"v":25846.38,"d":"25,846.38"}},{"$f":"$C19*J19","v":{"v":51692.75,"d":"51,692.75"}},{"v":77539.13,"d":"77,539.13"},{"v":86154.59,"d":"86,154.59"}]
[9,"PINTURAS",{"v":57631.54,"d":"57,631.54"},{"$f":"C21/$C$41","v":{"v":0.03,"d":"3.00%"}},{"$nulls":4},{"v":0.35,"d":"35%"},{"v":0.7,"d":"70%"},{"v":0.85,"d":"85%"},{"v":1,"d":"100%"}]
[{"$nulls":8},{"$f":"$C21*I21","v":{"v":20171.04,"d":"20,171.04"}},{"$f":"$C21*J21","v":{"v":40342.08,"d":"40,342.08"}},{"v":48986.81,"d":"48,986.81"},{"v":57631.54,"d":"57,631.54"}]
[10,"INSTALAÇÕES ELÉTRICAS",{"v":130591.24,"d":"130,591.24"},{"$f":"C23/$C$41","v":{"v":0.068,"d":"6.80%"}},{"v":0.05,"d":"5%"},{"v":0.1,"d":"10%"},{"v":0.2,"d":"20%"},{"v":0.3,"d":"30%"},{"v":0.5,"d":"50%"},{"v":0.65,"d":"65%"},{"v":0.85,"d":"85%"},{"v":1,"d":"100%"}]
[{"$nulls":4},{"$f":"$C23*E23","v":{"v":6529.56,"d":"6,529.56"}},{"$f":"C23*F23","v":{"v":13059.12,"d":"13,059.12"}},{"$f":"$C$23*G23","v":{"v":26118.25,"d":"26,118.25"}},{"$f":"$C$23*H23","v":{"v":39177.37,"d":"39,177.37"}},{"$f":"$C23*I23","v":{"v":65295.62,"d":"65,295.62"}},{"$f":"$C23*J23","v":{"v":84884.31,"d":"84,884.31"}},{"v":111002.55,"d":"111,002.55"},{"v":130591.24,"d":"130,591.24"}]
[11,"INSTALAÇÕES HIDROSSANITÁRIAS",{"v":30017.95,"d":"30,017.95"},{"$f":"C25/$C$41","v":{"v":0.0156,"d":"1.56%"}},{"v":0.1,"d":"10%"},{"v":0.2,"d":"20%"},{"v":0.4,"d":"40%"},{"v":0.4,"d":"40%"},{"v":0.5,"d":"50%"},{"v":0.8,"d":"80%"},{"v":0.8,"d":"80%"},{"v":1,"d":"100%"}]
[{"$nulls":4},{"$f":"$C25*E25","v":{"v":3001.8,"d":"3,001.80"}},{"$f":"C25*F25","v":{"v":6003.59,"d":"6,003.59"}},{"$f":"$C$25*G25","v":{"v":12007.18,"d":"12,007.18"}},{"$f":"$C$25*H25","v":{"v":12007.18,"d":"12,007.18"}},{"v":15008.98,"d":"15,008.98"},{"$f":"$C$25*J25","v":{"v":24014.36,"d":"24,014.36"}},{"$f":"$C$25*K25","v":{"v":24014.36,"d":"24,014.36"}},{"$f":"$C$25*L25","v":{"v":30017.95,"d":"30,017.95"}}]
[12,"REDE DE COMPUTADORES",{"v":48857.02,"d":"48,857.02"},{"$f":"C27/$C$41","v":{"v":0.0254,"d":"2.54%"}},{"$nulls":4},{"v":0.4,"d":"40%"},{"v":0.6,"d":"60%"},{"v":0.8,"d":"80%"},{"v":1,"d":"100%"}]
[{"$nulls":8},{"$f":"$C27*I27","v":{"v":19542.81,"d":"19,542.81"}},{"$f":"$C27*J27","v":{"v":29314.21,"d":"29,314.21"}},{"$f":"$C27*K27","v":{"v":39085.62,"d":"39,085.62"}},{"$f":"$C27*L27","v":{"v":48857.02,"d":"48,857.02"}}]
[13,"SISTEMA DE PROTEÇÃO CONTRA DESCARGAS ATMOSFÉRICAS",{"v":37123.86,"d":"37,123.86"},{"$f":"C29/$C$41","v":{"v":0.0193,"d":"1.93%"}},{"$nulls":4},{"v":0.4,"d":"40%"},{"v":0.6,"d":"60%"},{"v":0.8,"d":"80%"},{"v":1,"d":"100%"}]
[{"$nulls":8},{"$f":"$C29*I29","v":{"v":14849.54,"d":"14,849.54"}},{"$f":"$C29*J29","v":{"v":22274.32,"d":"22,274.32"}},{"$f":"$C29*K29","v":{"v":29699.09,"d":"29,699.09"}},{"$f":"$C29*L29","v":{"v":37123.86,"d":"37,123.86"}}]
[14,"SISTEMA DE COMBATE E PREVENÇÃO A INCENDIO",{"v":23263.32,"d":"23,263.32"},{"$f":"C31/$C$41","v":{"v":0.0121,"d":"1.21%"}},{"$nulls":4},{"v":0.4,"d":"40%"},{"v":0.6,"d":"60%"},{"v":0.8,"d":"80%"},{"v":1,"d":"100%"}]
[{"$nulls":8},{"$f":"$C31*I31","v":{"v":9305.33,"d":"9,305.33"}},{"$f":"$C31*J31","v":{"v":13957.99,"d":"13,957.99"}},{"$f":"$C31*K31","v":{"v":18610.66,"d":"18,610.66"}},{"$f":"$C31*L31","v":{"v":23263.32,"d":"23,263.32"}}]
[15,"LOUÇAS E METAIS",{"v":14056.84,"d":"14,056.84"},{"$f":"C33/$C$41","v":{"v":0.0073,"d":"0.73%"}},{"$nulls":4},{"v":0.4,"d":"40%"},{"v":0.6,"d":"60%"},{"v":0.8,"d":"80%"},{"v":1,"d":"100%"}]
[{"$nulls":8},{"$f":"$C33*I33","v":{"v":5622.74,"d":"5,622.74"}},{"$f":"$C33*J33","v":{"v":8434.1,"d":"8,434.10"}},{"$f":"$C33*K33","v":{"v":11245.47,"d":"11,245.47"}},{"$f":"$C33*L33","v":{"v":14056.84,"d":"14,056.84"}}]
[16,"DIVISÓRIAS E BANCADAS",{"v":27138.92,"d":"27,138.92"},{"$f":"C35/$C$41","v":{"v":0.0141,"d":"1.41%"}},{"$nulls":4},{"v":0.4,"d":"40%"},{"v":0.6,"d":"60%"},{"v":0.8,"d":"80%"},{"v":1,"d":"100%"}]
[{"$nulls":8},{"$f":"$C35*I35","v":{"v":10855.57,"d":"10,855.57"}},{"$f":"$C35*J35","v":{"v":16283.35,"d":"16,283.35"}},{"$f":"$C35*K35","v":{"v":21711.14,"d":"21,711.14"}},{"$f":"$C35*L35","v":{"v":27138.92,"d":"27,138.92"}}]
[17,"PAISAGISMO",{"v":71079.69,"d":"71,079.69"},{"$f":"C37/$C$41","v":{"v":0.037,"d":"3.70%"}},{"$nulls":4},{"v":0.4,"d":"40%"},{"v":0.6,"d":"60%"},{"v":0.8,"d":"80%"},{"v":1,"d":"100%"}]
[{"$nulls":8},{"$f":"$C37*I37","v":{"v":28431.88,"d":"28,431.88"}},{"$f":"$C37*J37","v":{"v":42647.81,"d":"42,647.81"}},{"$f":"$C37*K37","v":{"v":56863.75,"d":"56,863.75"}},{"$f":"$C37*L37","v":{"v":71079.69,"d":"71,079.69"}}]
[18,"SERVIÇOS COMPLEMENTARES",{"v":3855.92,"d":"3,855.92"},{"$f":"C39/$C$41","v":{"v":2E-3,"d":"0.20%"}},{"$nulls":4},{"v":0.4,"d":"40%"},{"v":0.6,"d":"60%"},{"v":0.8,"d":"80%"},{"v":1,"d":"100%"}]
[{"$nulls":8},{"$f":"$C39*I39","v":{"v":1542.37,"d":"1,542.37"}},{"$f":"$C39*J39","v":{"v":2313.55,"d":"2,313.55"}},{"$f":"$C39*K39","v":{"v":3084.74,"d":"3,084.74"}},{"$f":"$C39*L39","v":{"v":3855.92,"d":"3,855.92"}}]
["Valores totais",null,{"$f":"SUM(C5:C40)","v":{"v":1921596.39,"d":"1,921,596.39"}},{"v":1,"d":"100.00%"}]
["DESEMBOLSO",null,"MENSAL","R$",{"$f":"E6+E8+E10+E12+E14+E16+E18+E20+E22+E24+E26+E28+E30+E32+E34+E36+E38+E40","v":{"v":81999.32,"d":"81,999.32"}},{"$f":"(F6+F8+F10+F12+F14+F16+F18+F20+F22+F24+F26+F28+F30+F32+F34+F36+F38+F40)-(E6+E8+E10+E12+E14+E16+E18+E20+E22+E24+E26+E28+E30+E32+E34+E36+E38+E40)","v":{"v":138958.59,"d":"138,958.59"}},{"$f":"G8-F8+G10-F10+G12-F12+G14-F14+G16+G24-F24+G26-F26","v":{"v":356770.16,"d":"356,770.16"}},{"$f":"H10-G10+H12-G12+H14-G14+H16-G16+H24-G24+H26-G26","v":{"v":397303.32,"d":"397,303.32"}},{"$f":"I40+I38+I36+I34+I32+I30+I28+I26+I24+I22+I20+I18+I16+I14+I12-H12-H14-H16-H24-H26","v":{"v":454685.38,"d":"454,685.38"}},{"$f":"J40-I40+J38-I38+J36-I36+J34-I34+J32-I32+J30-I30+J28-I28+J26-I26+J24-I24+J22-I22+J20-I20+J18-I18+J14-I14","v":{"v":265080.99,"d":"265,080.99"}},{"$f":"K40-J40+K38-J38+K36-J36+K34-J34+K32-J32+K30-J30+K28-J28+K26-J26+K24-J24+K22-J22+K20-J20+K14-J14","v":{"v":130574.42,"d":"130,574.42"}},{"$f":"L40-K40+L38-K38+L36-K36+L34-K34+L32-K32+L30-K30+L28-K28+L26-K26+L24-K24+L22-K22+L20-K20+L14-K14","v":{"v":96224.21,"d":"96,224.21"}}]
[{"$nulls":3},"%",{"$f":"((E42)/$C$41)","v":{"v":0.0427,"d":"4.27%"}},{"$f":"((F42)/$C$41)","v":{"v":0.0723,"d":"7.23%"}},{"v":0.1857,"d":"18.57%"},{"v":0.2068,"d":"20.68%"},{"v":0.2366,"d":"23.66%"},{"v":0.1379,"d":"13.79%"},{"v":0.068,"d":"6.80%"},{"v":0.0501,"d":"5.01%"}]
[null,null,"ACUMULADO","R$",{"$f":"E42","v":{"v":81999.32,"d":"81,999.32"}},{"$f":"F42+E44","v":{"v":220957.91,"d":"220,957.91"}},{"$f":"G42+F44","v":{"v":577728.07,"d":"577,728.07"}},{"$f":"+G44+H42","v":{"v":975031.39,"d":"975,031.39"}},{"$f":"+H44+I42","v":{"v":1429716.77,"d":"1,429,716.77"}},{"v":1694797.76,"d":"1,694,797.76"},{"v":1825372.18,"d":"1,825,372.18"},{"v":1921596.39,"d":"1,921,596.39"}]
[{"$nulls":3},"%",{"$f":"E43","v":{"v":0.0427,"d":"4.27%"}},{"$f":"F44/$C$41","v":{"v":0.115,"d":"11.50%"}},{"$f":"G44/$C$41","v":{"v":0.3007,"d":"30.07%"}},{"v":0.5074,"d":"50.74%"},{"v":0.744,"d":"74.40%"},{"v":0.882,"d":"88.20%"},{"v":0.9499,"d":"94.99%"},{"v":1,"d":"100.00%"}]

{"sheet":"PLANILHA  (2)","index":3,"n_rows":175,"n_cols":16,"rows_kept":175,"hidden":true,"merged":[[5,0,5,14],[6,0,6,14],[13,0,14,14],[16,2,16,12],[174,0,174,12]]}
[]
[]
[]
[]
[]
["PREFEITURA MUNICIPAL DE PENEDO"]
["ESTADO DE ALAGOAS"]
[]
["EMPREENDIMENTO : ACADEMIA DE SAÚDE - ROSETE- PENEDO /AL",{"$nulls":8}," SINAPI AL: data base - dez/2018"]
["MUNICÍPIO: PENEDO/AL",{"$nulls":8},"BDI",{"v":0.276,"d":"27.60%"}]
["OBJETIVO: ACADEMIA DE SAÚDE -ROSETE ANDRADE- PENEDO /AL",{"$nulls":12},"bdi -",{"v":0.255,"d":"25.50%"}]
["LOCALIZAÇÃO:  ROSETE ANDRADE-    PENEDO /AL",{"$nulls":12},"leis sociais - ",{"v":1.2433,"d":"124.33%"}]
[]
["PLANILHA ORÇAMENTÁRIA"]
[]
[]
["Obra:"," ","CONSTRUCAO DA ACADEMIA DA SAÚDE- ROSETE ANDRADE"]
[]
["ITEM","CÓDIGO","DESCRIÇÃO DO ITEM","UNID","QUANT.\nINICIAL","QUANT.\n2º MED","QUANT.\n3º MED","SALDO","PREÇO LICITADO","P. UNIT (DEZ/18)","P. C/ BDI (DEZ/18)","VALOR \n1ª MED","VALOR \nDO SALDO"]
[1,null,"SERVICOS PRELIMINARES",{"$nulls":8},{"$f":"SUM(L21:L26)","v":{"v":8385.88,"d":"8,385.88"}},{"$f":"SUM(M21:M26)","v":{"v":8385.88,"d":"8,385.88"}}]
["01.01","74209/001","Placa de obra em chapa zincada, instalada","m2",{"$f":"MEMORIAL!E9","v":{"v":6,"d":"6.00"}},0,0,{"$f":"E21-F21-G21","v":{"v":6,"d":"6.00"}},266.52,338.56,{"$f":"J21*1.276","v":{"v":432,"d":"432.00"}},{"$f":"E21*I21","v":{"v":1599.12,"d":"1,599.12"}},{"$f":"H21*I21","v":{"v":1599.12,"d":"1,599.12"}},"74209/001"]
["01.02",{"$f":"#REF!","v":{"$error":"#REF!"}},"Barracão para Obras de médio parte reaproveitamento 2 vezes","m²",{"v":18,"d":"18.00"},0,0,{"v":18,"d":"18.00"},152.18,161.19,{"$f":"J22*1.276","v":205.68},{"v":2739.24,"d":"2,739.24"},{"$f":"H22*I22","v":{"v":2739.24,"d":"2,739.24"}}]
["01.03",41598,"Ligação provisória de elétrica ","und",{"$f":"MEMORIAL!E21","v":{"v":1,"d":"1.00"}},0,0,{"v":1,"d":"1.00"},{"v":1372.53,"d":"1,372.53"},{"v":1299.52,"d":"1,299.52"},{"v":1658.19,"d":"1,658.19"},{"v":1372.53,"d":"1,372.53"},{"v":1372.53,"d":"1,372.53"},"73960/001 - sinapi"]
["01.04",{"$f":"#REF!","v":{"$error":"#REF!"}},"Ligação provisória de água","und",{"$f":"MEMORIAL!E27","v":{"v":1,"d":"1.00"}},0,0,{"v":1,"d":"1.00"},{"v":1186.76,"d":"1,186.76"},{"v":1065.32,"d":"1,065.32"},{"v":1359.35,"d":"1,359.35"},{"v":1186.76,"d":"1,186.76"},{"v":1186.76,"d":"1,186.76"}]
["01.05",{"$f":"#REF!","v":{"$error":"#REF!"}},"Ligação provisória de esgoto","und",{"$f":"MEMORIAL!E33","v":{"v":1,"d":"1.00"}},0,0,{"v":1,"d":"1.00"},{"v":1248.23,"d":"1,248.23"},{"v":1301.32,"d":"1,301.32"},{"v":1660.48,"d":"1,660.48"},{"v":1248.23,"d":"1,248.23"},{"v":1248.23,"d":"1,248.23"}]
["01.06","73903/001","Limpeza manual do terreno (c/ raspagem superficial)","m2",{"$f":"MEMORIAL!E39","v":{"v":600,"d":"600.00"}},0,0,{"v":600,"d":"600.00"},{"v":0.4,"d":"0.40"},0.32,0.41,{"v":240,"d":"240.00"},{"v":240,"d":"240.00"},"73948/016"]
["02 ",null,"BLOCO DE APOIO",{"$nulls":8},{"$f":"SUM(L28:L29)","v":522.65},{"$f":"SUM(M28:M29)","v":522.65}]
["02.01",null,"Serviços Preliminares"]
["02.01.01",{"$f":"#REF!","v":{"$error":"#REF!"}},"Locação de construção de edificação entre 200 e 1000 m2, inclusive execução de gabarito de madeira","m2",{"$f":"MEMORIAL!E45","v":{"v":146.4,"d":"146.40"}},0,0,{"$f":"E29-F29-G29","v":{"v":146.4,"d":"146.40"}},3.57,{"$f":"#REF!","v":{"$error":"#REF!"}},{"$f":"J29*1.276","v":{"$error":"#REF!"}},{"$f":"E29*I29","v":522.65},{"$f":"H29*I29","v":522.65},"74077/002"]
["02.02",null,"Serviços em Terra",null,null,0,0,{"$nulls":4},{"$f":"SUM(L31:L32)","v":{"v":775.2,"d":"775.20"}},{"$f":"SUM(M31:M32)","v":{"v":775.2,"d":"775.20"}}]
["02.02.01",96522,"Escavação manual de cavas (fundações rasas=2,00 m)","m3",{"$f":"MEMORIAL!E68","v":5.99},0,0,{"$f":"E31-F31-G31","v":5.99},39.42,89.41,{"$f":"J31*1.276","v":114.09},{"$f":"E31*I31","v":236.13},{"$f":"H31*I31","v":236.13},"6430 - sinapi"]
["02.02.02",94319,"Aterro manual de áreas,com aquisição de material de jazida ou areia fina, com espalhamento e compactação","m3",{"$f":"MEMORIAL!E74","v":18.77},0,0,{"$f":"E32-F32-G32","v":18.77},28.72,31.31,39.95,{"$f":"E32*I32","v":539.07},{"$f":"H32*I32","v":539.07},"71/orse"]
["02.03 ",null,"Infra-estrutura",null,null,0,0,{"$nulls":4},{"$f":"SUM(L34:L35)","v":{"v":2654.06,"d":"2,654.06"}},{"$f":"SUM(M34:M35)","v":{"v":2654.06,"d":"2,654.06"}}]
["02.03.03",73361,"Concreto ciclópico FCK=10MPA 30% pedra de mão inclusive lançamento","m³",{"$f":"MEMORIAL!E97","v":5.99},0,0,{"$f":"E34-F34-G34","v":5.99},336.66,{"v":334.7,"d":"334.70"},{"$f":"J34*1.276","v":427.08},{"$f":"E34*I34","v":{"v":2016.59,"d":"2,016.59"}},{"$f":"H34*I34","v":{"v":2016.59,"d":"2,016.59"}},"93/orse"]
["02.03.04",87503,"Alvenaria de embasamento em tijolo cerâmico furado 10x20x20cm, 1 vez, assentado em argamassa traço 1:5 (cimento e areia), e=1cm","m2",{"$f":"MEMORIAL!E120","v":{"v":13.3,"d":"13.30"}},0,0,{"$f":"E35-F35-G35","v":{"v":13.3,"d":"13.30"}},47.93,{"v":46.9,"d":"46.90"},59.84,{"$f":"E35*I35","v":637.47},{"$f":"H35*I35","v":637.47},"73935/2-sinapi"]
["03",null,"Supra-estrutura",null,null,0,0,{"$nulls":4},{"$f":"SUM(L37:L39)","v":{"v":1615.83,"d":"1,615.83"}},{"$f":"SUM(M37:M39)","v":{"v":1615.83,"d":"1,615.83"}}]
["03.01",93204,"Cinta de amarração de alvenaria moldada in loco em concreto","m3",{"$f":"MEMORIAL!E128","v":{"v":42.3,"d":"42.30"}},0,0,{"$f":"E37-F37-G37","v":{"v":42.3,"d":"42.30"}},30.02,34.02,43.41,{"$f":"E37*I37","v":{"v":1269.85,"d":"1,269.85"}},{"$f":"H37*I37","v":{"v":1269.85,"d":"1,269.85"}},"6456/orse + 98/orse"]
["03.02",94964,"Concreto FCK = 20MPA, traço 1:2,7:3 (CIMENTO/ AREIA MÉDIA/ BRITA 1) preparo mecânico com betoneira 400 L.(Pilares de apoio)","m3",{"$f":"MEMORIAL!E136","v":0.28},0,0,{"$f":"E38-F38","v":0.28},314.96,305.06,389.26,{"$f":"E38*I38","v":88.19},{"$f":"H38*I38","v":88.19}]
["03.03","74141/002","Laje pre-moldada beta 12 P/3,5KN/M2 vão até 4,1M incluindo vigotas de tijolo armadura negativa capeamento 3CM concreto  15MPA escoramento materiais e mão de obra","m²",{"$f":"MEMORIAL!E142","v":3.05},0,0,{"$f":"E39-F39-G39","v":3.05},84.52,{"v":85.3,"d":"85.30"},{"$f":"J39*1.276","v":108.84},{"$f":"E39*I39","v":257.79},257.79]
["04",null,"Paredes e forro",null,null,0,0,{"$nulls":4},{"$f":"SUM(L41:L44)","v":{"v":13317.22,"d":"13,317.22"}},{"$f":"SUM(M41:M44)","v":{"v":13317.22,"d":"13,317.22"}}]
["04.01",89168,"Alvenaria em tijolo cerâmico furado 10x20x20cm, 1/2 vez, assentado em argamassa traço 1:6 (cimento e areia), e=1cm","m2",{"$f":"MEMORIAL!E165","v":{"v":199.5,"d":"199.50"}},0,0,{"$f":"E41-F41-G41","v":{"v":199.5,"d":"199.50"}},54.54,53.51,68.28,{"$f":"E41*I41","v":{"v":10880.73,"d":"10,880.73"}},{"$f":"H41*I41","v":{"v":10880.73,"d":"10,880.73"}},"73935/1 - sinapi"]
["04.02",93184,"Vergas 10X10cm em concreto pré-moldado fck=20MPa (preparo com betoneira), aço CA-60, bitola fina, inclusive formas tábua 3A","m",{"v":6.6,"d":"6.60"},0,0,{"$f":"E42-F42-G42","v":{"v":6.6,"d":"6.60"}},16.95,{"v":19.2,"d":"19.20"},{"v":24.5,"d":"24.50"},{"$f":"E42*I42","v":111.87},{"$f":"H42*I42","v":111.87},"74200/1 - sinapi"]
["04.03",93194,"Contraverga pré-moldada para vãos de até 1,5 M de comprimento","m",{"$f":"MEMORIAL!E182","v":{"v":9.1,"d":"9.10"}},0,0,{"$f":"E43-F43","v":{"v":9.1,"d":"9.10"}},22.85,25.03,31.94,{"$f":"E43*I43","v":207.94},207.94]
["04.04",96109,"Forro de gesso em placas de 60X60CM, ESP=1,2CM,inclusive fixação com arame","m²",{"$f":"MEMORIAL!E195","v":90.11},0,0,{"$f":"E44-F44-G44","v":90.11},23.49,30.91,39.44,{"$f":"E44*I44","v":{"v":2116.68,"d":"2,116.68"}},{"v":2116.68,"d":"2,116.68"}]
["05",null,"Cobertura",{"$nulls":8},{"$f":"SUM(L46:L48)","v":{"v":13930.25,"d":"13,930.25"}},{"$f":"SUM(M46:M48)","v":{"v":13930.25,"d":"13,930.25"}}]
["05.01",92550,"Fabricação e instalação de tesoura inteira em madeira  não aparelhada vão 9 M, para telha cerâmica ou de concreto, incluso içamento","und",{"$f":"MEMORIAL!E201","v":{"v":3,"d":"3.00"}},0,0,{"$f":"E46-F46-G46","v":{"v":3,"d":"3.00"}},{"v":1334.89,"d":"1,334.89"},{"v":1405.87,"d":"1,405.87"},{"v":1793.89,"d":"1,793.89"},{"$f":"E46*I46","v":{"v":4004.67,"d":"4,004.67"}},{"$f":"H46*I46","v":{"v":4004.67,"d":"4,004.67"}},"73753/1"]
["05.02",92541,"Trama de madeira composta por ripas, caibros e terças para telhados para telha cerâmica, capa-canal, incluso transporte vertical","m²",{"$f":"MEMORIAL!E207","v":126.36},0,0,{"$f":"E47-F47-G47","v":126.36},{"v":53.2,"d":"53.20"},56.96,72.68,{"$f":"E47*I47","v":{"v":6722.35,"d":"6,722.35"}},{"$f":"H47*I47","v":{"v":6722.35,"d":"6,722.35"}}]
["05.03",94204,"Telhamento com telha cerâmica capa-canal, tipo colonial, com mais de 2 águas, inclusive trasnporte vertical","m²",{"$f":"MEMORIAL!E213","v":126.36},0,0,{"$f":"E48-F48-G48","v":126.36},25.35,26.22,33.46,{"$f":"E48*I48","v":{"v":3203.23,"d":"3,203.23"}},{"v":3203.23,"d":"3,203.23"}]
["06",null,"Revestimentos",{"$nulls":8},{"$f":"SUM(L50:L53)","v":{"v":9023.65,"d":"9,023.65"}},{"$f":"SUM(M50:M53)","v":{"v":9023.65,"d":"9,023.65"}}]
["06.01",87874,"Chapisco em  teto ou parede com argamassa traço 1:4 (cimento e areia), esp.=0,5cm, preparo mecânico","m2",{"$f":"MEMORIAL!E237","v":{"v":399,"d":"399.00"}},0,0,{"$f":"E50-F50-G50","v":{"v":399,"d":"399.00"}},3.85,{"v":3.6,"d":"3.60"},4.59,{"$f":"E50*I50","v":{"v":1536.15,"d":"1,536.15"}},{"$f":"H50*I50","v":{"v":1536.15,"d":"1,536.15"}},"5974 - sinapi"]
["06.02",87553,"Emboço paulista (massa única) de  teto ou parede, com argamassa traço 1:6 (cimento e areia) espessura 2,5cm, preparo manual","m2",{"$f":"MEMORIAL!E245","v":{"v":41.1,"d":"41.10"}},0,0,{"$f":"E51-F51-G51","v":{"v":41.1,"d":"41.10"}},15.01,13.46,17.17,{"$f":"E51*I51","v":616.91},{"$f":"H51*I51","v":616.91},"73927/5 - sinapi"]
["06.03",87553,"Reboco em teto ou parede, com argamassa traço 1:6 (cimento e areia) espessura 2,5cm, preparo manual","m²",{"$f":"MEMORIAL!E252","v":{"v":357.9,"d":"357.90"}},0,0,{"$f":"E52-F52-G52","v":{"v":357.9,"d":"357.90"}},15.01,13.46,17.17,{"$f":"E52*I52","v":{"v":5372.08,"d":"5,372.08"}},{"v":5372.08,"d":"5,372.08"}]
["06.04",89170,"Revestimento cerâmico para paredes internas, meia parede, ou parede inteira, placas grês ou semi-grês de 20x20 cm, para edificações habitacionais unifamiliar (casas) e edificações públicas padrão. af_11/2014","m²",{"$f":"MEMORIAL!E260","v":{"v":41.1,"d":"41.10"}},0,0,{"$f":"E53-F53-G53","v":{"v":41.1,"d":"41.10"}},36.46,38.69,49.37,{"$f":"E53*I53","v":{"v":1498.51,"d":"1,498.51"}},{"v":1498.51,"d":"1,498.51"}]
["07",null,"Pavimentação",{"$nulls":8},{"$f":"SUM(L55:L58)","v":{"v":14001.17,"d":"14,001.17"}},{"$f":"SUM(M55:Q58)","v":{"v":14001.17,"d":"14,001.17"}},null,null,{"$f":"69+8+18","v":95}]
["07.01",87620,"Contrapiso em argamassa traço 1:4 (cimento e areia), esp.=2,0 cm, preparo mecânico","m2",{"$f":"MEMORIAL!E266","v":{"v":100.1,"d":"100.10"}},0,0,{"$f":"E55-F55-G55","v":{"v":100.1,"d":"100.10"}},22.83,22.59,28.82,{"$f":"E55*I55","v":{"v":2285.28,"d":"2,285.28"}},{"$f":"H55*I55","v":{"v":2285.28,"d":"2,285.28"}}]
["07.02",98679,"Piso cimentado liso ( queimado), traço 1:3 (cimento e areia), espessura 2,0 cm","m2",{"$f":"MEMORIAL!E278","v":90.04},0,0,{"$f":"E56-F56-G56","v":90.04},33.99,23.03,29.39,{"$f":"E56*I56","v":{"v":3060.46,"d":"3,060.46"}},{"$f":"H56*I56","v":{"v":3060.46,"d":"3,060.46"}},"73991/2 - sinapi"]
["07.03",84191,"Piso em granilite, marmorite ou granitina espessura 8 mm, incluso juntas de dilatacao plasticas","m2",{"$f":"MEMORIAL!E290","v":90.04},0,0,{"$f":"E57-F57","v":90.04},78.96,103.39,131.93,{"$f":"E57*I57","v":{"v":7109.56,"d":"7,109.56"}},{"v":7109.56,"d":"7,109.56"}]
["07.04","73850/001","Rodapé em marmorite, altura 10CM","m",{"$f":"MEMORIAL!E302","v":80.18},0,0,{"$f":"E58-F58","v":80.18},19.28,19.65,{"$f":"J58*1.276","v":25.07},{"$f":"E58*I58","v":{"v":1545.87,"d":"1,545.87"}},{"v":1545.87,"d":"1,545.87"}]
["08",null,"Esquadrias",{"$nulls":8},{"$f":"SUM(L60:L65)","v":{"v":11542.68,"d":"11,542.68"}},{"$f":"SUM(M60:M65)","v":{"v":11542.68,"d":"11,542.68"}}]
["08.01","08.01/CP 04","Porta em madeira de lei, almofadada, 0.90 x 2.10 m, inclusive batentes e ferragens","und",{"$f":"MEMORIAL!E319","v":{"v":4,"d":"4.00"}},0,0,{"$f":"E60-F60","v":{"v":4,"d":"4.00"}},{"v":1063.65,"d":"1,063.65"},{"v":1047.24,"d":"1,047.24"},{"v":1336.28,"d":"1,336.28"},{"$f":"E60*I60","v":{"v":4254.6,"d":"4,254.60"}},{"$f":"H60*I60","v":{"v":4254.6,"d":"4,254.60"}},"1835/orse",{"$f":"E60/2.1","v":{"v":1.9,"d":"1.90"}}]
["08.02","08.02/CP 05","Porta em madeira de lei, almofadada, 0.80 x 2.10 m, inclusive batentes e ferragens","un",{"$f":"MEMORIAL!E327","v":{"v":3,"d":"3.00"}},0,0,{"v":3,"d":"3.00"},931.86,935.86,{"v":1194.16,"d":"1,194.16"},{"v":2795.58,"d":"2,795.58"},{"$f":"H61*I61","v":{"v":2795.58,"d":"2,795.58"}},"3547/orse"]
["08.03",84846,"Janela de madeira almofada (pivotante) inclusas guarnicões","m2",{"$f":"MEMORIAL!E333","v":{"v":3.2,"d":"3.20"}},0,0,{"v":3.2,"d":"3.20"},556.51,549.17,{"$f":"J62*1.276","v":700.74},{"v":1780.83,"d":"1,780.83"},{"v":1780.83,"d":"1,780.83"}]
["08.04",{"$f":"#REF!","v":{"$error":"#REF!"}},"Janela de madeira para vidro, de correr, sem bandeira, inclusa guarnições","m²",{"$f":"MEMORIAL!E345","v":0.75},0,0,0.75,527.85,406.77,{"$f":"J63*1.276","v":519.04},395.89,395.89]
["08.05",72118,"Vidro temperado incvolor, esp= 6MM, fornecimento e instalação inclusive massa para vedação","m²",{"$f":"MEMORIAL!E339","v":{"v":2,"d":"2.00"}},0,0,{"v":2,"d":"2.00"},157.59,160.92,{"$f":"J64*1.276","v":205.33},315.18,315.18]
["08.06",{"$f":"#REF!","v":{"$error":"#REF!"}},"Gradil de ferro em barras quadradas de aço 3/8\" na vertical, espaçamento 10cm, e duas barras chatas de 1\" x 1/4\" na horizontal aplicadas nas duas faces, inclusive portão","m²",{"$f":"MEMORIAL!E351","v":12.75},0,0,12.75,156.91,142.32,{"$f":"J65*1.276","v":{"v":181.6,"d":"181.60"}},{"v":2000.6,"d":"2,000.60"},{"v":2000.6,"d":"2,000.60"}]
["09",null,"Instalações elétricas / telefônicas  e lógica",{"$nulls":8},{"$f":"SUM(L67:L84)","v":{"v":7077.61,"d":"7,077.61"}},{"$f":"SUM(M67:M84)","v":{"v":7077.61,"d":"7,077.61"}}]
["09.01",{"$f":"#REF!","v":{"$error":"#REF!"}},"Ponto de luz no teto, com eletroduto de pvc flexivel sanfonado embutido, completo","un",{"$f":"MEMORIAL!E364","v":{"v":14,"d":"14.00"}},0,0,{"$f":"E67-F67","v":{"v":14,"d":"14.00"}},68.17,149.19,190.37,{"$f":"E67*I67","v":954.38},{"$f":"H67*I67","v":954.38},"74054/1 - sinapi"]
["09.02",93143,"Ponto de tomada 2p+t, ABNT, de embutir, 20 A, com eletroduto de pvc flexível sanfonado embutido Ø 3/4\", fio rigido 2,5mm² (fio 12), inclusive placa em pvc e aterramento","un",{"$f":"MEMORIAL!E376","v":{"v":12,"d":"12.00"}},0,0,{"v":12,"d":"12.00"},{"v":135.2,"d":"135.20"},121.42,154.93,{"v":1622.4,"d":"1,622.40"},{"$f":"H68*I68","v":{"v":1622.4,"d":"1,622.40"}},"3298/orse"]
["09.03",93145,"Ponto de iluminação e tomada, residencial, incluindo interruptor simples e tomada 10A/250V, caixa elétrica, eletroduto, cabo, rasgo, quebra e chumabamento (excluindo luminária e lâmpada)","und",{"$f":"MEMORIAL!E388","v":{"v":6,"d":"6.00"}},0,0,{"v":6,"d":"6.00"},{"v":163.7,"d":"163.70"},144.57,184.47,{"v":982.2,"d":"982.20"},{"v":982.2,"d":"982.20"}]
["09.04",{"$f":"#REF!","v":{"$error":"#REF!"}},"Ponto interruptor simples com eletroduto pvc 3/4\" e caixa 4X2\"","un",{"$f":"MEMORIAL!E400","v":{"v":2,"d":"2.00"}},0,0,{"v":2,"d":"2.00"},179.43,171.48,218.81,358.86,358.86,"74042/1 - sinapi"]
["09.05",97593,"Luminária tipo spot de sobrepor p/ lâmpada incandescente ou fluorescente compacta, completa ","un",{"$f":"MEMORIAL!E413","v":{"v":14,"d":"14.00"}},0,0,{"v":14,"d":"14.00"},34.27,{"v":94.9,"d":"94.90"},{"$f":"J71*1.276","v":121.09},479.78,479.78,"74094/1 - sinapi"]
["09.06","09.06-CP 09","Ponto de tomada 3p para ar condicionado até 3000 va, com eletroduto de pvc flexível sanfonado embutido Ø 3/4\", incluindo conjunto astop/30a-220v, inclusive aterramento","und",{"$f":"MEMORIAL!E425","v":{"v":5,"d":"5.00"}},0,0,{"v":5,"d":"5.00"},173.45,148.51,{"$f":"J72*1.276","v":{"v":189.5,"d":"189.50"}},867.25,867.25]
["09.07",{"$f":"#REF!","v":{"$error":"#REF!"}},"Ponto de telefone, com eletroduto de pvc sanfonado embutido Ø 3/4\"","und",{"$f":"MEMORIAL!E437","v":{"v":1,"d":"1.00"}},0,0,{"v":1,"d":"1.00"},110.08,107.47,{"$f":"J73*1.276","v":137.13},110.08,110.08]
["09.08",{"$f":"#REF!","v":{"$error":"#REF!"}},"Ponto de antena (tubulação seca)","und",{"$f":"MEMORIAL!E449","v":{"v":1,"d":"1.00"}},0,0,{"v":1,"d":"1.00"},132.74,125.27,{"$f":"J74*1.276","v":159.84},132.74,132.74]
["09.09",{"$f":"#REF!","v":{"$error":"#REF!"}},"Quadro de distribuição (centro), embutir, em resina termoplastica, p/até 12 disjuntores s/barramento, padrão DIN","und",{"$f":"MEMORIAL!E455","v":{"v":1,"d":"1.00"}},0,0,{"v":1,"d":"1.00"},143.81,230.21,293.75,143.81,143.81,"497/orse"]
["09.10",93654,"Disjuntor monopolar 16A, fornecimento e instalação","und",{"$f":"MEMORIAL!E462","v":{"v":2,"d":"2.00"}},0,0,{"v":2,"d":"2.00"},14.18,10.62,13.55,28.36,28.36,"74130/1 - sinapi"]
["09.11",93655,"Disjuntor monopolar 20 A , fornecimento e instalação","und",{"$f":"MEMORIAL!E472","v":{"v":5,"d":"5.00"}},0,0,{"v":5,"d":"5.00"},12.06,11.38,14.52,{"v":60.3,"d":"60.30"},{"v":60.3,"d":"60.30"}]
["09.12",93656,"Disjuntor monopolar 25 A , fornecimento e instalação","und",{"$f":"MEMORIAL!E479","v":{"v":2,"d":"2.00"}},0,0,{"v":2,"d":"2.00"},22.19,11.38,14.52,44.38,44.38,"74130/2 - sinapi"]
["09.13","74130/002","Disjuntor termomagnético monopolar padrão NEMA (Americano) 35 A 50A, fornecimento e instalação","und",{"$f":"MEMORIAL!E485","v":{"v":1,"d":"1.00"}},0,0,{"v":1,"d":"1.00"},22.19,20.84,26.59,22.19,22.19,"8077/orse"]
["09.14",{"$f":"#REF!","v":{"$error":"#REF!"}},"Quadro de medição monofásica (até 6 kva) com caixa em noril","und",{"$f":"MEMORIAL!E491","v":{"v":1,"d":"1.00"}},0,0,{"v":1,"d":"1.00"},{"v":160.6,"d":"160.60"},152.27,{"v":194.3,"d":"194.30"},{"v":160.6,"d":"160.60"},{"v":160.6,"d":"160.60"},"337/orse"]
["09.15",{"$f":"#REF!","v":{"$error":"#REF!"}},"Aterramento completo c/ haste copperweld 3/4\" x 2,40m","und",{"$f":"MEMORIAL!E497","v":{"v":1,"d":"1.00"}},0,0,{"v":1,"d":"1.00"},61.43,60.08,76.66,61.43,61.43,"9379/orse"]
["09.16",91932,"Cabo de cobre flexível isolado, 10 MM²,anti-chama 450/750 V,para circuitos terminais - Fornecimento e instalação","m",{"$f":"MEMORIAL!E503","v":{"v":30,"d":"30.00"}},0,0,{"v":30,"d":"30.00"},9.71,8.43,10.76,{"v":291.3,"d":"291.30"},{"v":291.3,"d":"291.30"}]
["09.17",{"$f":"#REF!","v":{"$error":"#REF!"}},"Poste de Jardim p/ entrada de energia","und",{"$f":"MEMORIAL!E508","v":{"v":1,"d":"1.00"}},0,0,{"v":1,"d":"1.00"},528.81,521.24,{"v":665.1,"d":"665.10"},528.81,528.81,"9163/orse"]
["09.18",{"$f":"#REF!","v":{"$error":"#REF!"}},"Ponto seco de tomada p/ lógica, com eletroduto pvc rígido embutido, Ø 3/4\"","und",{"$f":"MEMORIAL!E513","v":{"v":2,"d":"2.00"}},0,0,{"v":2,"d":"2.00"},114.37,107.31,136.93,228.74,228.74]
[10,null,"Instalações hidrossanitárias",{"$nulls":8},{"$f":"SUM(L86:L106)","v":{"v":8037.73,"d":"8,037.73"}},{"$f":"SUM(M86:M106)","v":{"v":8037.73,"d":"8,037.73"}}]
["10.01",89957,"Ponto de água fria embutido, c/material pvc rígido soldável","un",{"$f":"MEMORIAL!E523","v":{"v":10,"d":"10.00"}},0,0,{"$f":"E86-F86-G86","v":{"v":10,"d":"10.00"}},99.02,97.25,124.09,{"$f":"E86*I86","v":{"v":990.2,"d":"990.20"}},{"$f":"H86*I86","v":{"v":990.2,"d":"990.20"}},"73959/2 - sinapi"]
["10.02",{"$f":"#REF!","v":{"$error":"#REF!"}},"Ponto de esgoto com tubo de pvc rígido soldável de  40 mm (lavatórios)","un",{"$f":"MEMORIAL!E533","v":{"v":3,"d":"3.00"}},0,0,{"$f":"E87-F87-G87","v":{"v":3,"d":"3.00"}},41.43,41.35,52.76,124.29,{"$f":"H87*I87","v":124.29},"1679/orse"]
["10.03",{"$f":"#REF!","v":{"$error":"#REF!"}},"Ponto de esgoto com tubo de pvc rígido soldável de  50 mm (ventilacao, caixa sifonada)","un",{"$f":"MEMORIAL!E542","v":{"v":3,"d":"3.00"}},0,0,{"$f":"E88-F88-G88","v":{"v":3,"d":"3.00"}},66.67,60.55,77.26,200.01,200.01,"1678/orse"]
["10.04",{"$f":"#REF!","v":{"$error":"#REF!"}},"Ponto de esgoto com tubo de pvc rígido soldável de 100 mm (vaso sanitário)","un",{"$f":"MEMORIAL!E553","v":{"v":3,"d":"3.00"}},0,0,{"$f":"E89-F89-G89","v":{"v":3,"d":"3.00"}},64.49,63.15,80.58,193.47,193.47,"73958/1 - sinapi"]
["10.05",89482,"Caixa sifonada redonda 100x100x50mm","un",{"$f":"MEMORIAL!E560","v":{"v":2,"d":"2.00"}},0,0,{"$f":"E90-F90-G90","v":{"v":2,"d":"2.00"}},{"v":18.6,"d":"18.60"},15.77,20.12,{"v":37.2,"d":"37.20"},{"v":37.2,"d":"37.20"},"72292 - sinapi"]
["10.06",{"$f":"#REF!","v":{"$error":"#REF!"}},"Torneira de plástica para jardim","und",{"$f":"MEMORIAL!E566","v":{"v":1,"d":"1.00"}},0,0,{"$f":"E91-F91","v":{"v":1,"d":"1.00"}},61.86,{"v":55.9,"d":"55.90"},71.33,61.86,61.86]
["10.07",94792,"Registro de gaveta c/ canopla Ø 25mm","un",{"$f":"MEMORIAL!E572","v":{"v":1,"d":"1.00"}},0,0,{"v":1,"d":"1.00"},109.21,100.44,128.16,109.21,109.21,"74175/1 - sinapi"]
["10.08",89353,"Registro de gaveta bruto, latão roscável, 3/4\", fornecimento e instalação","un",{"$f":"MEMORIAL!E578","v":{"v":1,"d":"1.00"}},0,0,{"v":1,"d":"1.00"},36.04,31.71,40.46,36.04,36.04]
["10.09",88504,"Caixa d'agua de polietileno - instalada, exceto base de apoio, cap. 500 litros","un",{"$f":"MEMORIAL!E584","v":{"v":1,"d":"1.00"}},0,0,{"v":1,"d":"1.00"},600.57,521.02,664.82,600.57,600.57,"5047/orse"]
["10.10",86931,"Bacia sanitária com caixa de descarga acoplada c/ assento, conjunto de fixação, anel de vedação e engate plástico","un",{"$f":"MEMORIAL!E590","v":{"v":2,"d":"2.00"}},0,0,{"v":2,"d":"2.00"},353.95,351.62,448.67,{"v":707.9,"d":"707.90"},{"v":707.9,"d":"707.90"},"9017/orse"]
["10.11",{"$f":"#REF!","v":{"$error":"#REF!"}}," Lavatório com bancada em granito cinza andorinha, e = 2cm, dim 0.80x0.50, com 01 cuba de louça de embutir, sifão cromado, válvula cromada, torneira cromada, inclusive rodopia 7 cm, assentada","un",{"$f":"MEMORIAL!E596","v":{"v":2,"d":"2.00"}},0,0,{"v":2,"d":"2.00"},423.48,481.62,614.55,846.96,846.96,"8261/orse"]
["10.12",86904,"Lavatório louça branca suspenso, 29,5x39cm ou equivalente, padrão popular - fornecimento e instalação","un",{"$f":"MEMORIAL!E602","v":{"v":1,"d":"1.00"}},0,0,{"v":1,"d":"1.00"},88.64,100.55,{"v":128.3,"d":"128.30"},88.64,88.64]
["10.13",{"$f":"#REF!","v":{"$error":"#REF!"}},"Saboneteira para sabão líquido","un",{"$f":"MEMORIAL!E610","v":{"v":3,"d":"3.00"}},0,0,{"v":3,"d":"3.00"},55.08,55.01,70.19,165.24,165.24,"2051/orse"]
["10.14",{"$f":"#REF!","v":{"$error":"#REF!"}},"Porta papel toalha em pvc","un",{"$f":"MEMORIAL!E618","v":{"v":3,"d":"3.00"}},0,0,{"v":3,"d":"3.00"},131.75,83.47,106.51,395.25,395.25,"7610/orse"]
["10.15",{"$f":"#REF!","v":{"$error":"#REF!"}},"Porta papel higiênico","un",{"$f":"MEMORIAL!E625","v":{"v":2,"d":"2.00"}},0,0,{"v":2,"d":"2.00"},63.28,58.63,74.81,126.56,126.56]
["10.16",{"$f":"#REF!","v":{"$error":"#REF!"}},"Espelho plano 3mm","m2",{"$f":"MEMORIAL!E632","v":1.04},0,0,1.04,103.04,121.52,155.06,107.16,107.16,"1888/orse"]
["10.17",{"$f":"#REF!","v":{"$error":"#REF!"}},"Barra de apoio 80cm","un",{"$f":"MEMORIAL!E639","v":{"v":4,"d":"4.00"}},0,0,{"v":4,"d":"4.00"},162.58,173.45,221.32,650.32,650.32,"2390/orse"]
["10.18",{"$f":"#REF!","v":{"$error":"#REF!"}},"Entrada de água com cavalete e hidrômetro","un",{"$f":"MEMORIAL!E645","v":{"v":1,"d":"1.00"}},0,0,{"v":1,"d":"1.00"},170.97,203.41,259.55,170.97,170.97,"73659 + 74217/1 - sinapi"]
["10.19",98102,"Caixa de gordura simples em concreto pre- moldado DN 40MM com tampa","un",{"$f":"MEMORIAL!E651","v":{"v":1,"d":"1.00"}},0,0,{"v":1,"d":"1.00"},132.24,64.91,82.83,132.24,132.24,"4883/orse"]
["10.20",98066,"Fossa séptica em alvenaria de tijolo cerâmico maçico, dimensões externas 1,90X1,10X1,40m, 1.500 litros, revestida internamente com barra lisa, com tampa em concreto armado com espessura 8cm","un",{"$f":"MEMORIAL!E657","v":{"v":1,"d":"1.00"}},0,0,{"v":1,"d":"1.00"},{"v":1216.18,"d":"1,216.18"},{"v":3151.9,"d":"3,151.90"},{"v":4021.82,"d":"4,021.82"},{"v":1216.18,"d":"1,216.18"},{"v":1216.18,"d":"1,216.18"},"74197/1 - sinapi"]
["10.21",98094,"Sumidouro em alvenaria de tijolo cerãmico maciço, diâmetro 1,20m e altura 5,00m, com tampa em concreto armado diâmetro 1,40m e espessura 10cm","un",{"$f":"MEMORIAL!E663","v":{"v":1,"d":"1.00"}},0,0,{"v":1,"d":"1.00"},{"v":1077.46,"d":"1,077.46"},{"v":1658.35,"d":"1,658.35"},{"v":2116.05,"d":"2,116.05"},{"v":1077.46,"d":"1,077.46"},{"v":1077.46,"d":"1,077.46"},"74198/1 - sinapi"]
[11,null,"Pintura",{"$nulls":8},{"$f":"SUM(L108:L111)","v":{"v":11206.14,"d":"11,206.14"}},{"$f":"SUM(M108:M111)","v":{"v":11206.14,"d":"11,206.14"}}]
["11.1",{"$f":"#REF!","v":{"$error":"#REF!"}},"Pintura para exterior/interior, sobre paredes, com lixamento, aplicação de 01 demão de selador acrílico e 02 demãos de tinta acrílica convencional","m2",{"$f":"MEMORIAL!E669","v":{"v":357.9,"d":"357.90"}},0,0,{"$f":"E108-F108","v":{"v":357.9,"d":"357.90"}},28.06,28.11,{"$f":"J108*1.276","v":35.87},{"$f":"E108*I108","v":{"v":10042.67,"d":"10,042.67"}},{"$f":"H108*I108","v":{"v":10042.67,"d":"10,042.67"}},"2296/orse"]
["11.2",88488,"Pintura manual de tinta látex acrílica em teto, 02duas demãos","m2",{"$f":"MEMORIAL!E675","v":3.05},0,0,{"$f":"E109-F109","v":3.05},34.43,10.94,13.96,{"$f":"E109*I109","v":105.01},{"$f":"H109*I109","v":105.01},"3833/orse"]
["11.3","73739/001","Pintura de acabamento com aplicação de 02 demãos de esmalte sintético sobre madeira","m2",{"$f":"MEMORIAL!E681","v":{"v":6.4,"d":"6.40"}},0,0,{"$f":"E110-F110","v":{"v":6.4,"d":"6.40"}},12.62,12.67,16.17,{"$f":"E110*I110","v":80.77},80.77,"2313/orse"]
["11.4",88488,"Pintura de acabamento, com lixamento e aplicação de 02 demãos de tinta latex sobre forro de gesso","m²",{"$f":"MEMORIAL!E693","v":90.11},0,0,{"$f":"E111-F111","v":90.11},10.85,10.94,13.96,{"$f":"E111*I111","v":977.69},977.69]
[12,null,"ÁREA DO EQUIPAMENTO",{"$nulls":8},{"$f":"SUM(L113:L123)","v":{"v":11611.62,"d":"11,611.62"}},{"$f":"SUM(M113:M123)","v":{"v":11611.62,"d":"11,611.62"}}]
["12.1",null,"Serviços Preliminares"]
["12.1.1","12.1.1-CP26","Locação piqueteada","m2",{"$f":"MEMORIAL!E699","v":{"v":154,"d":"154.00"}},0,0,{"$f":"E114-F114","v":{"v":154,"d":"154.00"}},0.37,{"v":0.4,"d":"0.40"},{"$f":"J114*1.276","v":0.51},{"$f":"E114*I114","v":56.98},{"$f":"H114*I114","v":56.98},"4175/orse"]
[13,null,"Serviços em Terra"]
["13.1",96522,"Escavação manual de cavas (fundações rasas=2,00 m)","m3",{"$f":"MEMORIAL!E706","v":1.44},0,0,{"$f":"E116-F116","v":1.44},39.42,89.41,{"$f":"J116*1.276","v":114.09},{"$f":"E116*I116","v":56.76},{"$f":"H116*I116","v":56.76},"6430 - sinapi"]
["13.2",94319,"Aterro manual de áreas,com aquisição de material de jazida ou areia fina, com espalhamento e compactação","m3",{"$f":"MEMORIAL!E712","v":13.86},0,0,{"$f":"E117-F117","v":13.86},28.72,31.31,39.95,{"$f":"E117*I117","v":398.06},{"$f":"H117*I117","v":398.06}]
[14,null,"Infra-estrutura"]
["14.1",73361,"Concreto ciclópico FCK=10MPA 30% pedra de mão inclusive lançamento","m³",{"$f":"MEMORIAL!E720","v":1.44},0,0,{"$f":"E119-F119","v":1.44},336.66,{"v":334.7,"d":"334.70"},427.08,{"$f":"E119*I119","v":484.79},{"$f":"H119*I119","v":484.79}]
["14.2",87503,"Alvenaria de embasamento em tijolo cerâmico furado 10x20x20cm, 1 vez, assentado em argamassa traço 1:5 (cimento e areia), e=1cm","m²",{"$f":"MEMORIAL!E727","v":3.24},0,0,{"$f":"E120-F120","v":3.24},47.93,{"v":46.9,"d":"46.90"},59.84,{"$f":"E120*I120","v":155.29},{"$f":"H120*I120","v":155.29}]
[15,null,"Pavimentação",{"$nulls":10},"73991/2 - sinapi"]
["15.1",{"$f":"#REF!","v":{"$error":"#REF!"}},"Lastro de concreto simples regularizado, fck=13,5 mpa,lançado e adensado, esp=8cm","m²",{"$f":"MEMORIAL!E733","v":12.32},0,0,{"$f":"E122-F122","v":12.32},424.13,435.01,{"$f":"J122*1.276","v":555.07},{"$f":"E122*I122","v":{"v":5225.28,"d":"5,225.28"}},{"$f":"H122*I122","v":{"v":5225.28,"d":"5,225.28"}}]
["15.2",98679,"Piso cimentado liso (queimado), traço 1:3 (cimento e areia), espessura 2,0 cm, preparo manual","m2",{"$f":"MEMORIAL!E739","v":{"v":154,"d":"154.00"}},0,0,{"$f":"E123-F123","v":{"v":154,"d":"154.00"}},33.99,23.03,29.39,{"$f":"E123*I123","v":{"v":5234.46,"d":"5,234.46"}},{"$f":"H123*I123","v":{"v":5234.46,"d":"5,234.46"}},"73919/5 - sinapi"]
[16,null,"ESPAÇO MULTIUSO",{"$nulls":8},{"$f":"SUM(L125:L135)","v":{"v":7374.96,"d":"7,374.96"}},{"$f":"SUM(M125:M135)","v":{"v":7374.96,"d":"7,374.96"}},"4175/orse"]
["16.1",null,"Serviços Preliminares"]
["16.1.1",{"$f":"#REF!","v":{"$error":"#REF!"}},"Locação piqueteada","m2",{"$f":"MEMORIAL!E745","v":{"v":100.1,"d":"100.10"}},0,0,{"$f":"E126-F126","v":{"v":100.1,"d":"100.10"}},0.37,{"v":0.4,"d":"0.40"},{"$f":"J126*1.276","v":0.51},{"$f":"E126*I126","v":37.04},{"$f":"H126*I126","v":37.04},"6430 - sinapi"]
[17,null,"Serviços em Terra"]
["17.1",96522,"Escavação manual de cavas (fundações rasas=2,00 m)","m3",{"$f":"MEMORIAL!E752","v":0.58},0,0,{"$f":"E128-F128","v":0.58},39.42,89.41,{"$f":"J128*1.276","v":114.09},{"$f":"E128*I128","v":22.86},{"$f":"H128*I128","v":22.86},"73991/2 - sinapi"]
["17.2",94319,"Aterro manual de áreas,com aquisição de material de jazida ou areia fina, com espalhamento e compactação","m3",{"$f":"MEMORIAL!E758","v":9.01},0,0,{"$f":"E129-F129","v":9.01},28.72,31.31,39.95,{"$f":"E129*I129","v":258.77},{"$f":"H129*I129","v":258.77}]
[18,null,"Infra-estrutura"]
["18.1",73361,"Concreto ciclópico FCK=10MPA 30% pedra de mão inclusive lançamento","m³",{"$f":"MEMORIAL!E765","v":0.58},0,0,{"$f":"E131-F131","v":0.58},336.66,{"v":334.7,"d":"334.70"},427.08,{"$f":"E131*I131","v":195.26},{"$f":"H131*I131","v":195.26}]
["18.2",87503,"Alvenaria de embasamento em tijolo cerâmico furado 10x20x20cm, 1 vez, assentado em argamassa traço 1:5 (cimento e areia), e=1cm","m2",{"$f":"MEMORIAL!E772","v":1.28},0,0,{"$f":"E132-F132","v":1.28},47.93,{"v":46.9,"d":"46.90"},59.84,{"$f":"E132*I132","v":61.35},{"$f":"H132*I132","v":61.35}]
[19,null,"Pavimentação",{"$nulls":10},"73919/5 - sinapi"]
["19.1","19.1 - CP 25","Lastro de concreto simples regularizado, fck=13,5 mpa,lançado e adensado, esp=8cm","m²",{"$f":"MEMORIAL!E778","v":8.01},0,0,{"$f":"E134-F134","v":8.01},424.13,435.01,{"$f":"J134*1.276","v":555.07},{"$f":"E134*I134","v":{"v":3397.28,"d":"3,397.28"}},{"$f":"H134*I134","v":{"v":3397.28,"d":"3,397.28"}}]
["19.2",98679,"Piso cimentado liso (queimado), traço 1:3 (cimento e areia), espessura 2,0 cm, preparo manual","m2",{"$f":"MEMORIAL!E784","v":{"v":100.1,"d":"100.10"}},0,0,{"$f":"E135-F135","v":{"v":100.1,"d":"100.10"}},33.99,23.03,29.39,{"$f":"E135*I135","v":{"v":3402.4,"d":"3,402.40"}},{"$f":"H135*I135","v":{"v":3402.4,"d":"3,402.40"}}]
[20,null,"ÁREA EXTERNA (GERAL)",{"$nulls":8},{"$f":"SUM(L137:L158)","v":{"v":14761.71,"d":"14,761.71"}},{"$f":"SUM(M137:M158)","v":{"v":14761.71,"d":"14,761.71"}}]
["20.1",null,"PAVIMENTAÇÃO"]
["20.1.1",null,"Serviços Preliminares"]
["20.1.1.1","20.1.1.1-CP26","Locação piqueteada","m²",{"$f":"MEMORIAL!E790","v":161.11},0,0,{"$f":"E139-F139","v":161.11},0.37,{"v":0.4,"d":"0.40"},{"$f":"J139*1.276","v":0.51},{"$f":"E139*I139","v":59.61},{"$f":"H139*I139","v":59.61}]
[21,null,"Serviços em Terra"]
["21.1",96522,"Escavação manual de cavas (fundações rasas=2,00 m)","m3",{"$f":"MEMORIAL!E799","v":{"v":4,"d":"4.00"}},0,0,{"$f":"E141-F141","v":{"v":4,"d":"4.00"}},39.42,89.41,{"$f":"J141*1.276","v":114.09},{"$f":"E141*I141","v":157.68},{"$f":"H141*I141","v":157.68}]
["21.2",94319,"Aterro manual de áreas,com aquisição de material de jazida ou areia fina, com espalhamento e compactação","m3",{"$f":"MEMORIAL!E808","v":{"v":14.9,"d":"14.90"}},0,0,{"$f":"E142-F142","v":{"v":14.9,"d":"14.90"}},28.72,31.31,39.95,{"$f":"E142*I142","v":427.93},{"$f":"H142*I142","v":427.93}]
[22,null,"Infra-estrutura"]
["22.1",73361,"Concreto ciclópico FCK=10MPA 30% pedra de mão inclusive lançamento","m³",{"$f":"MEMORIAL!E817","v":{"v":4,"d":"4.00"}},0,0,{"$f":"E144-F144","v":{"v":4,"d":"4.00"}},336.66,{"v":334.7,"d":"334.70"},{"$f":"J144*1.276","v":427.08},{"$f":"E144*I144","v":{"v":1346.64,"d":"1,346.64"}},{"$f":"H144*I144","v":{"v":1346.64,"d":"1,346.64"}}]
["22.2",87503,"Alvenaria de embasamento em tijolo cerâmico furado 10x20x20cm, 1 vez, assentado em argamassa traço 1:5 (cimento e areia), e=1cm","m2",{"$f":"MEMORIAL!E826","v":{"v":9,"d":"9.00"}},0,0,{"$f":"E145-F145","v":{"v":9,"d":"9.00"}},47.93,{"v":46.9,"d":"46.90"},59.84,{"$f":"E145*I145","v":431.37},{"$f":"H145*I145","v":431.37}]
[23,null,"Pavimentação"]
["23.1","23.1- CP 25","Lastro de concreto simples regularizado, fck=13,5 mpa,lançado e adensado, esp=8cm","m²",{"$f":"MEMORIAL!E835","v":13.24},0,0,{"$f":"E147-F147","v":13.24},424.13,435.01,{"$f":"J147*1.276","v":555.07},{"$f":"E147*I147","v":{"v":5615.48,"d":"5,615.48"}},{"$f":"H147*I147","v":{"v":5615.48,"d":"5,615.48"}}]
["23.2",98679,"Piso cimentado liso (queimado), traço 1:3 (cimento e areia), espessura 2,0 cm, preparo manual","m2",{"$f":"MEMORIAL!E844","v":{"v":165.5,"d":"165.50"}},0,0,{"$f":"E148-F148","v":{"v":165.5,"d":"165.50"}},33.99,23.03,{"$f":"J148*1.276","v":29.39},{"$f":"E148*I148","v":{"v":5625.35,"d":"5,625.35"}},{"$f":"H148*I148","v":{"v":5625.35,"d":"5,625.35"}}]
["23.3",85180,"Grama","m²",{"$f":"MEMORIAL!E855","v":72.45},0,0,{"$f":"E149-F149","v":72.45},9.61,12.24,15.62,{"$f":"E149*I149","v":696.24},{"$f":"H149*I149","v":696.24}]
[24,null,"RAMPA"]
["24.1",null,"Infra-estrutura "]
["24.1.1",89168,"Alvenaria em tijolo cerâmico furado 10x20x20cm, 1/2 vez, assentado em argamassa traço 1:6 (cimento e areia), e=1cm","m2",{"$f":"MEMORIAL!E863","v":1.28},0,0,{"$f":"E152-F152","v":1.28},54.54,53.51,{"$f":"J152*1.276","v":68.28},{"$f":"E152*I152","v":69.81},{"$f":"H152*I152","v":69.81}]
["24.1.2",94319,"Aterro manual de áreas,com aquisição de material de jazida ou areia fina, com espalhamento e compactação","m3",{"$f":"MEMORIAL!E870","v":0.74},0,0,{"$f":"E153-F153","v":0.74},28.72,31.31,39.95,{"$f":"E153*I153","v":21.25},{"$f":"H153*I153","v":21.25}]
[25,null,"Acabamento"]
["25.1",98679,"Piso com acabamento cimentado desempolado, esp.= 2,0 cm","m²",{"$f":"MEMORIAL!E877","v":4.73},0,0,{"$f":"E155-F155","v":4.73},33.99,23.03,29.39,{"$f":"E155*I155","v":160.77},{"$f":"H155*I155","v":160.77}]
["25.2",87630,"Contrapiso em argamassa traço 1:3 (cimento e areia), esp.=2,5 cm, preparo mecânico","m²",{"$f":"MEMORIAL!E884","v":4.73},0,0,{"$f":"E156-F156","v":4.73},26.52,28.16,35.93,{"$f":"E156*I156","v":125.44},{"$f":"H156*I156","v":125.44}]
["25.3",87874,"Chapisco em teto ou parede com argamassa traço 1:4 (cimento e areia), esp=0,5cm , preparo mecânico","m²",{"$f":"MEMORIAL!E892","v":1.28},0,0,{"$f":"E157-F157","v":1.28},3.85,{"v":3.6,"d":"3.60"},4.59,{"$f":"E157*I157","v":4.93},4.93]
["25.4",87553,"Emboço paulista (massa única) de teto ou parede, com argamassa traço 1:6 (cimento e areia) esp= 2,5cm, preparo manual","m²",{"$f":"MEMORIAL!E900","v":1.28},0,0,{"$f":"E158-F158","v":1.28},15.01,13.46,17.17,{"$f":"E158*I158","v":19.21},19.21]
[26,null,"SERVIÇOS COMPLEMENTARES",{"$nulls":8},{"$f":"SUM(L160:L165)","v":{"v":9031.66,"d":"9,031.66"}},{"$f":"SUM(M160:M165)","v":{"v":9031.66,"d":"9,031.66"}}]
["26.1",{"$f":"#REF!","v":{"$error":"#REF!"}},"Totem principal revestido de alumínio composto reynobond, com aplicação de adesivo vinil recorte oracal de alta durabilidade dupla face medindo (300x160cm)","un",{"$f":"MEMORIAL!E906","v":{"v":1,"d":"1.00"}},0,0,{"$f":"E160-F160","v":{"v":1,"d":"1.00"}},{"v":3541.92,"d":"3,541.92"},{"v":3281.23,"d":"3,281.23"},{"v":4186.85,"d":"4,186.85"},{"$f":"E160*I160","v":{"v":3541.92,"d":"3,541.92"}},{"$f":"H160*I160","v":{"v":3541.92,"d":"3,541.92"}}]
["26.2",{"$f":"#REF!","v":{"$error":"#REF!"}},"Totem espaço multiuso e equipamento revestido de alumínio composto reynobond, com aplicação de adesivo vinil recorte oracal de alta durabilidade dupla face medindo (220x90cm)","und",{"v":1,"d":"1.00"},0,0,{"v":1,"d":"1.00"},{"v":3270.77,"d":"3,270.77"},{"v":3031.23,"d":"3,031.23"},{"v":3867.85,"d":"3,867.85"},{"v":3270.77,"d":"3,270.77"},{"$f":"H161*I161","v":{"v":3270.77,"d":"3,270.77"}}]
["26.3",{"$f":"#REF!","v":{"$error":"#REF!"}},"Placa externa  revestido de alumínio composto reynobond, com aplicação de adesivo vinil recorte oracal de alta durabilidade dupla face medindo (90x140cm) ","und",{"v":1,"d":"1.00"},0,0,{"v":1,"d":"1.00"},{"v":1062.91,"d":"1,062.91"},{"v":980,"d":"980.00"},{"v":1250.48,"d":"1,250.48"},{"v":1062.91,"d":"1,062.91"},{"v":1062.91,"d":"1,062.91"}]
["26.4","26.4 - CP 30","Placa de identificação em chapa de aço de 1,5 mm com acabamento em tinta altomotiva verde na frente, grafismo em serigrafia nas cores da marca do programa Academia da saúde medindo (8x24 cm)","und",{"$f":"MEMORIAL!E924","v":{"v":5,"d":"5.00"}},0,0,{"v":5,"d":"5.00"},179.56,165.55,211.24,{"v":897.8,"d":"897.80"},{"v":897.8,"d":"897.80"}]
["26.5","26.5 - CP 31","Placa de identificação em chapa de aço de 1,5 mm com acabamento em tinta altomotiva verde na frente, grafismo em serigrafia nas cores da marca do programa Academia da saúde medindo (12x24 cm)","und",{"$f":"MEMORIAL!E930","v":{"v":1,"d":"1.00"}},0,0,{"v":1,"d":"1.00"},{"v":92.6,"d":"92.60"},85.38,108.94,{"v":92.6,"d":"92.60"},{"v":92.6,"d":"92.60"}]
["26.6","26.6- CP 32","Placa de identificação em chapa de aço de 1,5 mm com acabamento em tinta altomotiva verde na frente, grafismo em serigrafia nas cores da marca do programa Academia da saúde medindo (16x16 cm)","und",{"$f":"MEMORIAL!E936","v":{"v":2,"d":"2.00"}},0,0,{"v":2,"d":"2.00"},82.83,76.36,97.44,165.66,165.66]
[27,null,"EQUIPAMENTOS",{"$nulls":8},{"$f":"SUM(L167:L173)","v":{"v":18168.86,"d":"18,168.86"}},{"$f":"SUM(M167:Q173)","v":{"v":18168.86,"d":"18,168.86"}}]
["27.1",{"$f":"#REF!","v":{"$error":"#REF!"}},"Execução de equipamento denominado \"JOGO DE BARRA HORIZONTAL\", em tubo de ferro 2\" e\npintura eletrostática na cor verde, sendo dimensões e layout de acordo com prancha 01 -\nPrograma Academia da Saúde. ","und",{"v":1,"d":"1.00"},0,0,{"$f":"E167-F167","v":{"v":1,"d":"1.00"}},{"v":2786.44,"d":"2,786.44"},{"$f":"#REF!","v":{"$error":"#REF!"}},{"$f":"J167*1.276","v":{"$error":"#REF!"}},{"$f":"E167*I167","v":{"v":2786.44,"d":"2,786.44"}},{"$f":"H167*I167","v":{"v":2786.44,"d":"2,786.44"}}]
["27.2",{"$f":"#REF!","v":{"$error":"#REF!"}},"Execução de equipamento denominado \"ESPALDAR DUPLO\", em tubo de ferro 2\" e 1 1/2\" com\npintura eletrostática na cor verde e azul, sendo dimensões e layout de acordo com prancha\n02 - Programa Academia da Saúde. ","und",{"$f":"MEMORIAL!E948","v":{"v":1,"d":"1.00"}},0,0,{"v":1,"d":"1.00"},{"v":2169.2,"d":"2,169.20"},{"$f":"#REF!","v":{"$error":"#REF!"}},{"$error":"#REF!"},{"v":2169.2,"d":"2,169.20"},{"$f":"H168*I168","v":{"v":2169.2,"d":"2,169.20"}}]
["27.3",{"$f":"#REF!","v":{"$error":"#REF!"}},"Execução de conjunto de bancos, (dimensões de 0,45m x\n1,60m) com base em concreto aparente, sendo espessura mínima de 15cm. Verificar\ninformações e layout de acordo com prancha 03 - Programa Academia da Saúde","und",{"v":1,"d":"1.00"},0,0,{"v":1,"d":"1.00"},{"v":2711.5,"d":"2,711.50"},{"$f":"#REF!","v":{"$error":"#REF!"}},{"$error":"#REF!"},{"v":2711.5,"d":"2,711.50"},{"v":2711.5,"d":"2,711.50"}]
["27.4",{"$f":"#REF!","v":{"$error":"#REF!"}},"Execução de equipamento denominado \"PRANCHA PARA ABDOMINAL\", em tubo de\nferro 2\", prancha emconcreto e base em concreto aparente, sendo a pintura na cor amarela. Seguir dimensões e layout de acordo com prancha 04 -\nPrograma Academia da Saúde. ","und",{"v":1,"d":"1.00"},0,0,{"v":1,"d":"1.00"},{"v":3796.1,"d":"3,796.10"},{"$f":"#REF!","v":{"$error":"#REF!"}},{"$error":"#REF!"},{"v":3796.1,"d":"3,796.10"},{"v":3796.1,"d":"3,796.10"}]
["27.5",{"$f":"#REF!","v":{"$error":"#REF!"}},"Execução de equipamento denominado \"BARRA ASSIMÉTRICA\", em tubo de ferro 2\" e 1\n1/2\" com pintura eletrostática na cor verde e azul, sendo dimensões e layout de acordo\ncom prancha 05 - Programa Academia da Saúde. ","und",{"$f":"MEMORIAL!E966","v":{"v":1,"d":"1.00"}},0,0,{"v":1,"d":"1.00"},{"v":3796.1,"d":"3,796.10"},{"$f":"#REF!","v":{"$error":"#REF!"}},{"$error":"#REF!"},{"v":3796.1,"d":"3,796.10"},{"v":3796.1,"d":"3,796.10"}]
["27.6",{"$f":"#REF!","v":{"$error":"#REF!"}},"Execução de equipamento denominado \"BARRAS MARINHEIRO\", em tubo de ferro 2\" e\npintura eletrostática na cor verde, sendo dimensões e layout de acordo com prancha 06 -\nPrograma Academia da Saúde. ","und",{"v":1,"d":"1.00"},0,0,{"v":1,"d":"1.00"},{"v":1769.52,"d":"1,769.52"},{"$f":"#REF!","v":{"$error":"#REF!"}},{"$error":"#REF!"},{"v":1769.52,"d":"1,769.52"},{"v":1769.52,"d":"1,769.52"}]
["27.7","73806/001","Limpeza geral","m2",{"v":600,"d":"600.00"},0,0,{"v":600,"d":"600.00"},{"v":1.9,"d":"1.90"},{"v":1.3,"d":"1.30"},1.66,{"v":1140,"d":"1,140.00"},{"v":1140,"d":"1,140.00"}]
[null,null,"TOTAL DO CUSTO",{"$nulls":8},{"$f":"L20+L27+L30+L33+L36+L40+L45+L49+L54+L59+L66+L85+L107+L112+L124+L136+L159+L166","v":{"v":163038.88,"d":"163,038.88"}},{"$f":"M20+M27+M30+M33+M36+M40+M45+M49+M54+M59+M66+M85+M107+M112+M124+M136+M159+M166","v":{"v":163038.88,"d":"163,038.88"}}]
["VALOR TOTAL DO SALDO COM BDI DE 27,60% = R$134.948,96 ( CENTO E TRINTA E QUATRO MIL, NOVECENTOS E QUARENTA E OITO REAIS E NOVENTA E SEIS CENTAVOS)"]

{"sheet":"MEMORIAL","index":4,"n_rows":972,"n_cols":6,"rows_kept":972,"hidden":true,"merged":[[0,0,0,5],[1,0,1,5],[2,1,2,5],[4,0,5,0],[4,1,4,5],[8,0,8,3],[10,0,11,0],[10,1,10,5],[14,0,14,3],[16,0,17,0],[16,1,16,5],[20,0,20,3],[22,0,23,0],[22,1,22,5],[26,0,26,3],[28,0,29,0],[28,1,28,5],[32,0,32,3],[34,0,35,0],[34,1,34,5],[38,0,38,3],[40,0,41,0],[40,1,40,5],[44,0,44,3],[46,0,47,0],[46,1,46,5],[67,0,67,3],[69,0,70,0],[69,1,69,5],[73,0,73,3],[75,0,76,0],[75,1,75,5],[96,0,96,3],[98,0,99,0],[98,1,98,5],[119,0,119,3],[121,0,122,0],[121,1,121,5],[127,0,127,3],[129,0,130,0],[129,1,129,5],[135,0,135,3],[137,0,138,0],[137,1,137,5],[141,0,141,3],[143,0,144,0],[143,1,143,5],[164,0,164,3],[166,0,167,0],[166,1,166,5],[174,0,174,3],[176,0,177,0],[176,1,176,5],[181,0,181,3],[183,0,184,0],[183,1,183,5],[194,0,194,3],[196,0,197,0],[196,1,196,5],[200,0,200,3],[202,0,203,0],[202,1,202,5],[206,0,206,3],[208,0,209,0],[208,1,208,5],[212,0,212,3],[214,0,215,0],[214,1,214,5],[235,0,235,3],[236,0,236,3],[238,0,239,0],[238,1,238,5],[244,0,244,3],[246,0,247,0],[246,1,246,5],[251,0,251,3],[253,0,254,0],[253,1,253,5],[259,0,259,3],[261,0,262,0],[261,1,261,5],[265,0,265,3],[267,0,268,0],[267,1,267,5],[277,0,277,3],[279,0,280,0],[279,1,279,5],[289,0,289,3],[291,0,292,0],[291,1,291,5],[301,0,301,3],[303,0,304,0],[303,1,303,5],[309,0,309,3],[311,0,312,0],[311,1,311,5],[318,0,318,3],[320,0,321,0],[320,1,320,5],[326,0,326,3],[328,0,329,0],[328,1,328,5],[332,0,332,3],[334,0,335,0],[334,1,334,5],[338,0,338,3],[340,0,341,0],[340,1,340,5],[344,0,344,3],[346,0,347,0],[346,1,346,5],[350,0,350,3],[352,0,353,0],[352,1,352,5],[363,0,363,3],[365,0,366,0],[365,1,365,5],[375,0,375,3],[377,0,378,0],[377,1,377,5],[387,0,387,3],[389,0,390,0],[389,1,389,5],[399,0,399,3],[401,0,402,0],[401,1,401,5],[412,0,412,3],[414,0,415,0],[414,1,414,5],[424,0,424,3],[426,0,427,0],[426,1,426,5],[436,0,436,3],[438,0,439,0],[438,1,438,5],[448,0,448,3],[450,0,451,0],[450,1,450,5],[454,0,454,3],[456,0,457,0],[456,1,456,5],[461,0,461,3],[463,0,464,0],[463,1,463,5],[471,0,471,3],[473,0,474,0],[473,1,473,5],[478,0,478,3],[480,0,481,0],[480,1,480,5],[484,0,484,3],[486,0,487,0],[486,1,486,5],[490,0,490,3],[492,0,493,0],[492,1,492,5],[496,0,496,3],[498,0,499,0],[498,1,498,5],[502,0,502,3],[503,0,504,0],[503,1,503,5],[507,0,507,3],[508,0,509,0],[508,1,508,5],[512,0,512,3],[514,0,515,0],[514,1,514,5],[522,0,522,3],[524,0,525,0],[524,1,524,5],[532,0,532,3],[533,0,534,0],[533,1,533,5],[541,0,541,3],[543,0,544,0],[543,1,543,5],[552,0,552,3],[554,0,555,0],[554,1,554,5],[559,0,559,3],[561,0,562,0],[561,1,561,5],[565,0,565,3],[567,0,568,0],[567,1,567,5],[571,0,571,3],[573,0,574,0],[573,1,573,5],[577,0,577,3],[579,0,580,0],[579,1,579,5],[583,0,583,3],[585,0,586,0],[585,1,585,5],[589,0,589,3],[591,0,592,0],[591,1,591,5],[595,0,595,3],[597,0,598,0],[597,1,597,5],[601,0,601,3],[603,0,604,0],[603,1,603,5],[609,0,609,3],[611,0,612,0],[611,1,611,5],[617,0,617,3],[619,0,620,0],[619,1,619,5],[624,0,624,3],[626,0,627,0],[626,1,626,5],[631,0,631,3],[633,0,634,0],[633,1,633,5],[638,0,638,3],[640,0,641,0],[640,1,640,5],[644,0,644,3],[646,0,647,0],[646,1,646,5],[650,0,650,3],[652,0,653,0],[652,1,652,5],[656,0,656,3],[658,0,659,0],[658,1,658,5],[662,0,662,3],[664,0,665,0],[664,1,664,5],[668,0,668,3],[670,0,671,0],[670,1,670,5],[674,0,674,3],[676,0,677,0],[676,1,676,5],[680,0,680,3],[682,0,683,0],[682,1,682,5],[692,0,692,3],[694,0,695,0],[694,1,694,5],[698,0,698,3],[700,0,701,0],[700,1,700,5],[705,0,705,3],[707,0,708,0],[707,1,707,5],[711,0,711,3],[713,0,714,0],[713,1,713,5],[719,0,719,3],[721,0,722,0],[721,1,721,5],[726,0,726,3],[728,0,729,0],[728,1,728,5],[732,0,732,3],[734,0,735,0],[734,1,734,5],[738,0,738,3],[740,0,741,0],[740,1,740,5],[744,0,744,3],[746,0,747,0],[746,1,746,5],[751,0,751,3],[753,0,754,0],[753,1,753,5],[757,0,757,3],[759,0,760,0],[759,1,759,5],[764,0,764,3],[766,0,767,0],[766,1,766,5],[771,0,771,3],[773,0,774,0],[773,1,773,5],[777,0,777,3],[779,0,780,0],[779,1,779,5],[783,0,783,3],[785,0,786,0],[785,1,785,5],[789,0,789,3],[791,0,792,0],[791,1,791,5],[798,0,798,3],[800,0,801,0],[800,1,800,5],[807,0,807,3],[809,0,810,0],[809,1,809,5],[816,0,816,3],[818,0,819,0],[818,1,818,5],[825,0,825,3],[827,0,828,0],[827,1,827,5],[834,0,834,3],[836,0,837,0],[836,1,836,5],[843,0,843,3],[845,0,846,0],[845,1,845,5],[854,0,854,3],[856,0,857,0],[856,1,856,5],[862,0,862,3],[864,0,865,0],[864,1,864,5],[869,0,869,3],[871,0,872,0],[871,1,871,5],[876,0,876,3],[878,0,879,0],[878,1,878,5],[883,0,883,3],[885,0,886,0],[885,1,885,5],[891,0,891,3],[893,0,894,0],[893,1,893,5],[899,0,899,3],[901,0,902,0],[901,1,901,5],[905,0,905,3],[907,0,908,0],[907,1,907,5],[911,0,911,3],[913,0,914,0],[913,1,913,5],[917,0,917,3],[919,0,920,0],[919,1,919,5],[923,0,923,3],[925,0,926,0],[925,1,925,5],[929,0,929,3],[931,0,932,0],[931,1,931,5],[935,0,935,3],[937,0,938,0],[937,1,937,5],[941,0,941,3],[943,0,944,0],[943,1,943,5],[947,0,947,3],[949,0,950,0],[949,1,949,5],[953,0,953,3],[955,0,956,0],[955,1,955,5],[959,0,959,3],[961,0,962,0],[961,1,961,5],[965,0,965,3],[967,0,968,0],[967,1,967,5],[971,0,971,3]]}
["MEMÓRIA DE CÁLCULO"]
["NOME DO CONTRATANTE: PREFEITURA MUNICIPAL DE PENEDO           "]
["OBRA: ","CONSTRUÇÃO DE ACADEMIA DE SAÚDE- ROSETE ANDRADE"]
[]
["Descrição do serviço",{"$f":"#REF!","v":{"$error":"#REF!"}}]
[null,"COMP.","LARGURA","ALTURA","ÁREA","und."]
[null,{"v":3,"d":"3.00"},{"v":2,"d":"2.00"},null,{"$f":"B7*C7","v":{"v":6,"d":"6.00"}}]
[{"$nulls":5},"M²"]
[{"$f":"B5","v":{"$error":"#REF!"}},{"$nulls":3},{"$f":"SUM(E7)","v":{"v":6,"d":"6.00"}},"M²"]
[]
["Descrição do serviço",{"$f":"#REF!","v":{"$error":"#REF!"}}]
[null,"COMP.","LARGURA","ALTURA","ÁREA","und."]
[null,{"v":3,"d":"3.00"},{"v":4,"d":"4.00"},null,{"$f":"B13*C13","v":{"v":12,"d":"12.00"}}]
[{"$nulls":5},"M²"]
[{"$f":"B11","v":{"$error":"#REF!"}},{"$nulls":3},{"$f":"SUM(E13)","v":{"v":12,"d":"12.00"}},"M²"]
[]
["Descrição do serviço",{"$f":"#REF!","v":{"$error":"#REF!"}}]
[null,"COMP.","LARGURA","ALTURA","und","und."]
[]
[{"$nulls":5},"und"]
[{"$f":"B17","v":{"$error":"#REF!"}},{"$nulls":3},{"v":1,"d":"1.00"},"und"]
[]
["Descrição do serviço",{"$f":"#REF!","v":{"$error":"#REF!"}}]
[null,"COMP.","LARGURA","ALTURA","und","und."]
[]
[{"$nulls":5},"und"]
[{"$f":"B23","v":{"$error":"#REF!"}},{"$nulls":3},{"v":1,"d":"1.00"},"und"]
[]
["Descrição do serviço",{"$f":"#REF!","v":{"$error":"#REF!"}}]
[null,"COMP.","LARGURA","ALTURA","und","und."]
[]
[{"$nulls":5},"und"]
[{"$f":"B29","v":{"$error":"#REF!"}},{"$nulls":3},{"v":1,"d":"1.00"},"und"]
[]
["Descrição do serviço",{"$f":"#REF!","v":{"$error":"#REF!"}}]
[null,"COMP.","LARGURA","ALTURA","ÁREA","und."]
[null,{"v":30,"d":"30.00"},{"v":20,"d":"20.00"},null,{"$f":"B37*C37","v":{"v":600,"d":"600.00"}}]
[{"$nulls":5},"M²"]
[{"$f":"B35","v":{"$error":"#REF!"}},{"$nulls":3},{"$f":"SUM(E37)","v":{"v":600,"d":"600.00"}},"M²"]
[]
["Descrição do serviço","Locação de edificação - Bloco apoio"]
[null,"COMP.","LARGURA","ALTURA","und","und."]
[null,9.15,{"v":16,"d":"16.00"},null,{"$f":"B43*C43","v":{"v":146.4,"d":"146.40"}}]
[{"$nulls":5},"m²"]
[{"$f":"B41","v":"Locação de edificação - Bloco apoio"},{"$nulls":3},{"$f":"SUM(E43)","v":{"v":146.4,"d":"146.40"}},"m²"]
[]
["Descrição do serviço",{"$f":"#REF!","v":{"$error":"#REF!"}}]
[null,"COMP.","LARGURA","ALTURA","und","und."]
["PH1",14,0.3,0.3,{"$f":"B49*C49*D49","v":1.26}]
["PH2",3.3,0.3,0.3,{"$f":"B50*C50*D50","v":0.297}]
["PH3",3.4,0.3,0.3,0.306]
["PH4",2.15,0.3,0.3,0.1935]
["PH5",3.2,0.3,0.3,0.288]
["PH6",7.6,0.3,0.3,0.684]
["PH7",2.15,0.3,0.3,0.1935]
["PV1",6.85,0.3,0.3,0.6165]
["PV2",3.5,0.3,0.3,0.315]
["PV3",1.85,0.3,0.3,0.1665]
["PV4",1.2,0.3,0.3,0.108]
["PV5",3.5,0.3,0.3,0.315]
["PV6",3,0.3,0.3,0.27]
["PV7",1.85,0.3,0.3,0.1665]
["PV8",1.85,0.3,0.3,0.1665]
["PV9",1.77,0.3,0.3,0.1593]
["PV10",1.77,0.3,0.3,0.1593]
["PV11",1.78,0.3,0.3,0.1602]
["PV12",1.78,0.3,0.3,0.1602]
[{"$f":"B47","v":{"$error":"#REF!"}},{"$nulls":3},{"$f":"SUM(E49:E67)","v":5.99},"M³"]
[]
["Descrição do serviço",{"$f":"#REF!","v":{"$error":"#REF!"}}]
[null,"COMP.","LARGURA","ALTURA","und","und."]
[null,6.85,{"v":13.7,"d":"13.70"},{"v":0.2,"d":"0.20"},{"$f":"B72*C72*D72","v":18.77}]
[{"$nulls":5},"M³"]
[{"$f":"B70","v":{"$error":"#REF!"}},{"$nulls":3},{"$f":"SUM(E72)","v":18.77},"M³"]
[]
["Descrição do serviço",{"$f":"#REF!","v":{"$error":"#REF!"}}]
[null,"COMP.","LARGURA","ALTURA","und","und."]
["PH1",14,0.3,0.3,{"$f":"B78*C78*D78","v":1.26}]
["PH2",3.3,0.3,0.3,{"$f":"B79*C79*D79","v":0.297}]
["PH3",3.4,0.3,0.3,0.306]
["PH4",2.15,0.3,0.3,0.1935]
["PH5",3.2,0.3,0.3,0.288]
["PH6",7.6,0.3,0.3,0.684]
["PH7",2.15,0.3,0.3,0.1935]
["PV1",6.85,0.3,0.3,0.6165]
["PV2",3.5,0.3,0.3,0.315]
["PV3",1.85,0.3,0.3,0.1665]
["PV4",1.2,0.3,0.3,0.108]
["PV5",3.5,0.3,0.3,0.315]
["PV6",3,0.3,0.3,0.27]
["PV7",1.85,0.3,0.3,0.1665]
["PV8",1.85,0.3,0.3,0.1665]
["PV9",1.77,0.3,0.3,0.1593]
["PV10",1.77,0.3,0.3,0.1593]
["PV11",1.78,0.3,0.3,0.1602]
["PV12",1.78,0.3,0.3,0.1602,"M³"]
[{"$f":"B76","v":{"$error":"#REF!"}},{"$nulls":3},{"$f":"SUM(E78:E96)","v":5.99},"M³"]
[]
["Descrição do serviço",{"$f":"#REF!","v":{"$error":"#REF!"}}]
[null,"COMP.","LARGURA","ALTURA","und","und."]
["PH1",14,null,0.2,{"$f":"B101*D101","v":2.8}]
["PH2",3.3,null,0.2,{"$f":"B102*D102","v":0.66}]
["PH3",3.4,null,0.2,0.68]
["PH4",2.15,null,0.2,0.43]
["PH5",3.2,null,0.2,0.64]
["PH6",7.6,null,0.2,1.52]
["PH7",2.15,null,0.2,0.43]
["PV1",6.85,null,0.2,1.37]
["PV2",3.5,null,0.2,0.7]
["PV3",1.85,null,0.2,0.37]
["PV4",1.2,null,0.2,0.24]
["PV5",3.5,null,0.2,0.7]
["PV6",3,null,0.2,0.6]
["PV7",1.85,null,0.2,0.37]
["PV8",1.85,null,0.2,0.37]
["PV9",1.77,null,0.2,0.354]
["PV10",1.77,null,0.2,0.354]
["PV11",1.78,null,0.2,0.356]
["PV12",1.78,null,0.2,0.356,"M²"]
[{"$f":"B99","v":{"$error":"#REF!"}},{"$nulls":3},{"$f":"SUM(E101:E119)","v":{"v":13.3,"d":"13.30"}},"M²"]
[]
["Descrição do serviço",{"$f":"#REF!","v":{"$error":"#REF!"}}]
[null,"COMP.","LARGURA","ALTURA","und","und."]
["cinta 1",14,null,null,{"$f":"B124","v":14}]
["cinta 2",14,null,null,{"$f":"B125","v":14}]
["cinta 3",7.15,null,null,7.15]
["cinta 4",7.15,null,null,7.15,"m"]
[{"$f":"B122","v":{"$error":"#REF!"}},{"$nulls":3},{"$f":"SUM(E124:E127)","v":{"v":42.3,"d":"42.30"}},"m"]
[]
["Descrição do serviço",{"$f":"#REF!","v":{"$error":"#REF!"}}]
[null,"COMP.","LARGURA","ALTURA","und","und."]
["p1",0.15,0.15,3,{"$f":"B132*C132*D132","v":0.07}]
["p2",0.15,0.15,3,{"$f":"B133*C133*D133","v":0.07}]
["p3",0.15,0.15,3,0.07]
["p4",0.15,0.15,3,0.07]
[{"$f":"B130","v":{"$error":"#REF!"}},{"$nulls":3},{"$f":"SUM(E132:E135)","v":0.28},"m³"]
[]
["Descrição do serviço",{"$f":"#REF!","v":{"$error":"#REF!"}}]
[null,"COMP.","LARGURA","ALTURA","und","und."]
[null,null,1.65,1.85,{"$f":"C140*D140","v":3.05}]
[]
[{"$f":"B138","v":{"$error":"#REF!"}},{"$nulls":3},{"$f":"SUM(E140:E141)","v":3.05},"m²"]
[]
["Descrição do serviço",{"$f":"#REF!","v":{"$error":"#REF!"}}]
[null,"COMP.","LARGURA","ALTURA","und","und."]
["PH1",14,null,3,{"$f":"B146*D146","v":42}]
["PH2",3.3,null,3,{"$f":"B147*D147","v":9.9}]
["PH3",3.4,null,3,10.2]
["PH4",2.15,null,3,6.45]
["PH5",3.2,null,3,9.6]
["PH6",7.6,null,3,22.8]
["PH7",2.15,null,3,6.45]
["PV1",6.85,null,3,20.55]
["PV2",3.5,null,3,10.5]
["PV3",1.85,null,3,5.55]
["PV4",1.2,null,3,3.6]
["PV5",3.5,null,3,10.5]
["PV6",3,null,3,9]
["PV7",1.85,null,3,5.55]
["PV8",1.85,null,3,5.55]
["PV9",1.77,null,3,5.31]
["PV10",1.77,null,3,5.31]
["PV11",1.78,null,3,5.34]
["PV12",1.78,null,3,5.34,"m²"]
[{"$f":"B144","v":{"$error":"#REF!"}},{"$nulls":3},{"$f":"SUM(E146:E164)","v":{"v":199.5,"d":"199.50"}},"m²"]
[]
["Descrição do serviço",{"$f":"#REF!","v":{"$error":"#REF!"}}]
[null,"QUANT.","COMPRIMENTO",null,"QUANT.","und."]
["J1",5,{"$f":"0.4+0.2+0.2","v":0.8},null,{"$f":"B169*C169","v":4},"M"]
["J2",3,{"$f":"0.5+0.2+0.2","v":0.9},null,{"$f":"B170*C170","v":2.7},"M"]
["J3",1,{"$f":"2+0.2+0.2","v":2.4},null,{"$f":"B171*C171","v":2.4},"M"]
["P1",1,{"$f":"1.2+0.2+0.2","v":1.6},null,{"$f":"B172*C172","v":1.6},"M"]
["P2",3,{"$f":"0.9+0.2+0.2","v":{"v":1.3,"d":"1.30"}},null,3.9,"M"]
["P3",3,{"$f":"0.8+0.2+0.2","v":{"v":1.2,"d":"1.20"}},null,3.6,"M"]
[{"$f":"B167","v":{"$error":"#REF!"}},{"$nulls":3},{"$f":"SUM(E169:E174)","v":{"v":18.2,"d":"18.20"}},"M"]
[]
["Descrição do serviço",{"$f":"#REF!","v":{"$error":"#REF!"}}]
[null,"QUANT.","COMPRIMENTO",null,"QUANT.","und."]
["J1",5,{"$f":"0.4+0.2+0.2","v":0.8},null,{"$f":"B179*C179","v":4},"M"]
["J2",3,{"$f":"0.5+0.2+0.2","v":0.9},null,{"$f":"B180*C180","v":2.7},"M"]
["J3",1,{"$f":"2+0.2+0.2","v":2.4},null,{"$f":"B181*C181","v":2.4},"M"]
[{"$f":"B177","v":{"$error":"#REF!"}},{"$nulls":3},{"$f":"SUM(E179:E181)","v":{"v":9.1,"d":"9.10"}},"M"]
[]
["Descrição do serviço",{"$f":"#REF!","v":{"$error":"#REF!"}}]
[{"$nulls":4},"área","und."]
["SALA DE VIVÊNCIA ",{"$nulls":3},50,"m²"]
["DEPÓSITO",{"$nulls":3},10.85,"m²"]
["SALA DE ORIENTAÇÃO",{"$nulls":3},9.47,"m²"]
["DML",{"$nulls":3},2.04,"m²"]
["COPA",{"$nulls":3},3.05,"m²"]
["HALL",{"$nulls":3},8.14]
["W.C FEM.",{"$nulls":3},3.28]
["W.C MASC.",{"$nulls":3},3.28,"m²"]
[{"$nulls":5},"m²"]
[{"$f":"B184","v":{"$error":"#REF!"}},{"$nulls":3},{"$f":"SUM(E186:E194)","v":90.11},"M"]
[]
["Descrição do serviço",{"$f":"#REF!","v":{"$error":"#REF!"}}]
[{"$nulls":4},"QUANT.","und."]
["tesoura",{"$nulls":3},3]
[]
[{"$nulls":4},{"$f":"SUM(E199:E199)","v":{"v":3,"d":"3.00"}},"und"]
[]
["Descrição do serviço",{"$f":"#REF!","v":{"$error":"#REF!"}}]
[{"$nulls":4},"QUANT.","und."]
["ÁREA",{"$nulls":3},126.36]
[]
[{"$nulls":4},{"$f":"SUM(E205:E205)","v":126.36},"m²"]
[]
["Descrição do serviço",{"$f":"#REF!","v":{"$error":"#REF!"}}]
[{"$nulls":4},"QUANT.","und."]
["ÁREA",{"$nulls":3},126.36]
[]
[{"$nulls":4},{"$f":"SUM(E211:E211)","v":126.36},"m²"]
[]
["Descrição do serviço",{"$f":"#REF!","v":{"$error":"#REF!"}}]
[null,"COMP.","LARGURA","ALTURA","und","und."]
["PH1",14,null,3,{"$f":"B217*D217","v":42}]
["PH2",3.3,null,3,{"$f":"B218*D218","v":9.9}]
["PH3",3.4,null,3,10.2]
["PH4",2.15,null,3,6.45]
["PH5",3.2,null,3,9.6]
["PH6",7.6,null,3,22.8]
["PH7",2.15,null,3,6.45]
["PV1",6.85,null,3,20.55]
["PV2",3.5,null,3,10.5]
["PV3",1.85,null,3,5.55]
["PV4",1.2,null,3,3.6]
["PV5",3.5,null,3,10.5]
["PV6",3,null,3,9]
["PV7",1.85,null,3,5.55]
["PV8",1.85,null,3,5.55]
["PV9",1.77,null,3,5.31]
["PV10",1.77,null,3,5.31]
["PV11",1.78,null,3,5.34]
["PV12",1.78,null,3,5.34,"m²"]
[{"$f":"B215","v":{"$error":"#REF!"}},{"$nulls":3},{"$f":"SUM(E217:E235)","v":{"v":199.5,"d":"199.50"}},"m²"]
["Quantidade de alvenaria x2 vezes",{"$nulls":3},{"$f":"E236*2","v":{"v":399,"d":"399.00"}},"m²"]
[]
["Descrição do serviço",{"$f":"#REF!","v":{"$error":"#REF!"}}]
[null,"COMP.","LARGURA","ALTURA","und","und."]
["DML",{"$f":"1.85+1.85+1.1+1.1","v":5.9},null,1.5,{"$f":"B241*D241","v":8.85}]
["COPA",{"$f":"1.65+1.65+1.85+1.85","v":7},null,1.5,{"$f":"B242*D242","v":10.5}]
["W.C- FEM. ",{"$f":"1.85+1.85+1.77+1.77","v":7.24},null,1.5,{"$f":"B243*D243","v":10.86}]
["W.C- MASC. ",{"$f":"1.78+1.78+1.85+1.85","v":7.26},null,1.5,{"$f":"B244*D244","v":10.89}]
[{"$f":"B239","v":{"$error":"#REF!"}},{"$nulls":3},{"$f":"SUM(E241:E244)","v":{"v":41.1,"d":"41.10"}},"m²"]
[]
["Descrição do serviço",{"$f":"#REF!","v":{"$error":"#REF!"}}]
[null,"COMP.","LARGURA","ALTURA","und","und."]
["Chapisco ",{"$nulls":3},{"$f":"E237","v":{"v":399,"d":"399.00"}}]
["Desconto de emboço",{"$nulls":3},{"$f":"E245","v":{"v":41.1,"d":"41.10"}}]
[]
[{"$f":"B247","v":{"$error":"#REF!"}},{"$nulls":3},{"$f":"E249-E250","v":{"v":357.9,"d":"357.90"}},"m²"]
[]
["Descrição do serviço",{"$f":"#REF!","v":{"$error":"#REF!"}}]
[null,"COMP.","LARGURA","ALTURA","und","und."]
["DML",{"$f":"1.85+1.85+1.1+1.1","v":5.9},null,1.5,{"$f":"B256*D256","v":8.85}]
["COPA",{"$f":"1.65+1.65+1.85+1.85","v":7},null,1.5,{"$f":"B257*D257","v":10.5}]
["W.C- FEM. ",{"$f":"1.85+1.85+1.77+1.77","v":7.24},null,1.5,{"$f":"B258*D258","v":10.86}]
["W.C- MASC. ",{"$f":"1.78+1.78+1.85+1.85","v":7.26},null,1.5,{"$f":"B259*D259","v":10.89}]
[{"$f":"B254","v":{"$error":"#REF!"}},{"$nulls":3},{"$f":"SUM(E256:E259)","v":{"v":41.1,"d":"41.10"}},"m²"]
[]
["Descrição do serviço",{"$f":"#REF!","v":{"$error":"#REF!"}}]
[null,"COMP.","LARGURA","ALTURA","und","und."]
[null,7.15,14,null,{"$f":"B264*C264","v":{"v":100.1,"d":"100.10"}}]
[]
[{"$f":"B262","v":{"$error":"#REF!"}},{"$nulls":3},{"$f":"SUM(E264)","v":{"v":100.1,"d":"100.10"}},"m²"]
[]
["Descrição do serviço",{"$f":"#REF!","v":{"$error":"#REF!"}}]
[null,"COMP.","LARGURA","ALTURA","área","und."]
["Sala de vivência",{"$nulls":3},50]
["Depósto",{"$nulls":3},10.85]
["Sala de orientação",{"$nulls":3},9.47]
["DML",{"$nulls":3},2.03]
["Copa",{"$nulls":3},3.05]
["W.c - feminino",{"$nulls":3},3.28]
["W.c - Masculino",{"$nulls":3},3.22]
["Hall",{"$nulls":3},8.14]
[{"$f":"B268","v":{"$error":"#REF!"}},{"$nulls":3},{"$f":"SUM(E270:E277)","v":90.04},"m²"]
[]
["Descrição do serviço",{"$f":"#REF!","v":{"$error":"#REF!"}}]
[null,"COMP.","LARGURA","ALTURA","área","und."]
["Sala de vivência",{"$nulls":3},50]
["Depósto",{"$nulls":3},10.85]
["Sala de orientação",{"$nulls":3},9.47]
["DML",{"$nulls":3},2.03]
["Copa",{"$nulls":3},3.05]
["W.c - feminino",{"$nulls":3},3.28]
["W.c - Masculino",{"$nulls":3},3.22]
["Hall",{"$nulls":3},8.14]
[{"$f":"B280","v":{"$error":"#REF!"}},{"$nulls":3},{"$f":"SUM(E282:E289)","v":90.04},"m²"]
[]
["Descrição do serviço",{"$f":"#REF!","v":{"$error":"#REF!"}}]
[null,"COMP.","LARGURA","ALTURA","área","und."]
["Sala de vivência",{"$nulls":3},{"$f":"21.48+5.04","v":26.52}]
["Depósito",{"$nulls":3},12.34]
["Sala de orientação",{"$nulls":3},{"v":12,"d":"12.00"}]
["DML",{"$nulls":3},5.04]
["Copa",{"$nulls":3},6.14]
["W.c - feminino",{"$nulls":3},6.32]
["W.c - Masculino",{"$nulls":3},6.29]
["Hall",{"$nulls":3},{"$f":"0.18+0.31+0.07+0.36+0.91+2+0.2+0.04+0.27+0.29+0.9","v":5.53}]
[{"$f":"B292","v":{"$error":"#REF!"}},{"$nulls":3},{"$f":"SUM(E294:E301)","v":80.18},"m"]
[]
["Descrição do serviço",{"$f":"#REF!","v":{"$error":"#REF!"}}]
[null,"COMP.","LARGURA","ALTURA","QUANT.","und."]
["DEPÓSITO",{"$nulls":3},{"v":1,"d":"1.00"}]
["DML",{"$nulls":3},{"v":1,"d":"1.00"}]
["COPA",{"$nulls":3},{"v":1,"d":"1.00"}]
[]
[{"$f":"B304","v":{"$error":"#REF!"}},{"$nulls":3},{"$f":"SUM(E306:E308)","v":{"v":3,"d":"3.00"}},"UND"]
[]
["Descrição do serviço",{"$f":"#REF!","v":{"$error":"#REF!"}}]
[null,"COMP.","LARGURA","ALTURA","QUANT.","und."]
["Sala de vivência ",{"$nulls":3},{"v":1,"d":"1.00"}]
["SALA DE ORIENTAÇÃO",{"$nulls":3},{"v":1,"d":"1.00"}]
["W.C - FEMININO",{"$nulls":3},{"v":1,"d":"1.00"}]
["W.C - MASCULINO",{"$nulls":3},{"v":1,"d":"1.00"}]
[]
[{"$f":"B312","v":{"$error":"#REF!"}},{"$nulls":3},{"$f":"SUM(E314:E317)","v":{"v":4,"d":"4.00"}},"UND"]
[]
["Descrição do serviço",{"$f":"#REF!","v":{"$error":"#REF!"}}]
[null,"COMP.","LARGURA","ALTURA","QUANT.","und."]
["DEPÓSITO",{"$nulls":3},{"v":1,"d":"1.00"}]
["DML",{"$nulls":3},{"v":1,"d":"1.00"}]
["COPA",{"$nulls":3},{"v":1,"d":"1.00"}]
[]
[{"$f":"B321","v":{"$error":"#REF!"}},{"$nulls":3},{"$f":"SUM(E323:E325)","v":{"v":3,"d":"3.00"}},"UND"]
[]
["Descrição do serviço",{"$f":"#REF!","v":{"$error":"#REF!"}}]
[null,"QUANT.","LARGURA","ALTURA","UND","und."]
["J1",5,0.4,1.6,{"$f":"B331*(C331*D331)","v":{"v":3.2,"d":"3.20"}}]
[]
[{"$f":"B329","v":{"$error":"#REF!"}},{"$nulls":3},{"$f":"SUM(E331:E331)","v":{"v":3.2,"d":"3.20"}},"M²"]
[]
["Descrição do serviço",{"$f":"#REF!","v":{"$error":"#REF!"}}]
[null,"QUANT.","LARGURA","ALTURA","UND","und."]
["J3",1,2,1,{"$f":"B337*(C337*D337)","v":{"v":2,"d":"2.00"}}]
[]
[{"$f":"B335","v":{"$error":"#REF!"}},{"$nulls":3},{"$f":"SUM(E337:E337)","v":{"v":2,"d":"2.00"}},"M²"]
[]
["Descrição do serviço",{"$f":"#REF!","v":{"$error":"#REF!"}}]
[null,"QUANT.","LARGURA","ALTURA","UND","und."]
["J2",3,0.5,0.5,{"$f":"B343*(C343*D343)","v":0.75}]
[]
[{"$f":"B341","v":{"$error":"#REF!"}},{"$nulls":3},{"$f":"SUM(E343:E343)","v":0.75},"M²"]
[]
["Descrição do serviço",{"$f":"#REF!","v":{"$error":"#REF!"}}]
[null,"QUANT.","LARGURA","ALTURA","UND","und."]
["G1",1,4.25,3,{"$f":"C349*D349","v":12.75}]
[]
[{"$f":"B347","v":{"$error":"#REF!"}},{"$nulls":3},{"$f":"SUM(E349:E349)","v":12.75},"M²"]
[]
["Descrição do serviço",{"$f":"#REF!","v":{"$error":"#REF!"}}]
[null,"QUANT.","COMPRIMENTO",null,"QUANT.","und."]
["sala de vivência ",{"$nulls":3},2]
["depósito",{"$nulls":3},1]
["Sala de orientação",{"$nulls":3},1]
["DML",{"$nulls":3},1]
["COPA",{"$nulls":3},1]
["HALL",{"$nulls":3},2]
["W.C - FEMININO",{"$nulls":3},1]
["W.C - MASCULINO",{"$nulls":3},1]
["Parte externa",{"$nulls":3},4]
[{"$f":"B353","v":{"$error":"#REF!"}},{"$nulls":3},{"$f":"SUM(E355:E363)","v":{"v":14,"d":"14.00"}},"und"]
[]
["Descrição do serviço",{"$f":"#REF!","v":{"$error":"#REF!"}}]
[null,"QUANT.","COMPRIMENTO",null,"QUANT.","und."]
["sala de vivência ",{"$nulls":3},6]
["depósito",{"$nulls":3},0]
["Sala de orientação",{"$nulls":3},4]
["DML",{"$nulls":3},0]
["COPA",{"$nulls":3},2]
["HALL",{"$nulls":3},0]
["W.C - FEMININO",{"$nulls":3},0]
["W.C - MASCULINO",{"$nulls":3},0]
[{"$f":"B366","v":{"$error":"#REF!"}},{"$nulls":3},{"$f":"SUM(E368:E375)","v":{"v":12,"d":"12.00"}},"und"]
[]
["Descrição do serviço",{"$f":"#REF!","v":{"$error":"#REF!"}}]
[null,"QUANT.","COMPRIMENTO",null,"QUANT.","und."]
["sala de vivência ",{"$nulls":3},0]
["depósito",{"$nulls":3},1]
["Sala de orientação",{"$nulls":3},1]
["DML",{"$nulls":3},1]
["COPA",{"$nulls":3},1]
["HALL",{"$nulls":3},0]
["W.C - FEMININO",{"$nulls":3},1]
["W.C - MASCULINO",{"$nulls":3},1]
[{"$f":"B378","v":{"$error":"#REF!"}},{"$nulls":3},{"$f":"SUM(E380:E387)","v":{"v":6,"d":"6.00"}},"und"]
[]
["Descrição do serviço",{"$f":"#REF!","v":{"$error":"#REF!"}}]
[null,"QUANT.","COMPRIMENTO",null,"QUANT.","und."]
["sala de vivência ",{"$nulls":3},1]
["depósito",{"$nulls":3},0]
["Sala de orientação",{"$nulls":3},0]
["DML",{"$nulls":3},0]
["COPA",{"$nulls":3},0]
["HALL",{"$nulls":3},1]
["W.C - FEMININO",{"$nulls":3},0]
["W.C - MASCULINO",{"$nulls":3},0]
[{"$f":"B390","v":{"$error":"#REF!"}},{"$nulls":3},{"$f":"SUM(E392:E399)","v":{"v":2,"d":"2.00"}},"und"]
[]
["Descrição do serviço",{"$f":"#REF!","v":{"$error":"#REF!"}}]
[null,"QUANT.","COMPRIMENTO",null,"QUANT.","und."]
["sala de vivência ",{"$nulls":3},2]
["depósito",{"$nulls":3},1]
["Sala de orientação",{"$nulls":3},1]
["DML",{"$nulls":3},1]
["COPA",{"$nulls":3},1]
["HALL",{"$nulls":3},2]
["W.C - FEMININO",{"$nulls":3},1]
["W.C - MASCULINO",{"$nulls":3},1]
["parte externa",{"$nulls":3},4]
[{"$f":"B402","v":{"$error":"#REF!"}},{"$nulls":3},{"$f":"SUM(E404:E412)","v":{"v":14,"d":"14.00"}},"und"]
[]
["Descrição do serviço",{"$f":"#REF!","v":{"$error":"#REF!"}}]
[null,"QUANT.","COMPRIMENTO",null,"QUANT.","und."]
["sala de vivência ",{"$nulls":3},4]
["depósito",{"$nulls":3},0]
["Sala de orientação",{"$nulls":3},1]
["DML",{"$nulls":3},0]
["COPA",{"$nulls":3},0]
["HALL",{"$nulls":3},0]
["W.C - FEMININO",{"$nulls":3},0]
["W.C - MASCULINO",{"$nulls":3},0]
[{"$f":"B415","v":{"$error":"#REF!"}},{"$nulls":3},{"$f":"SUM(E417:E424)","v":{"v":5,"d":"5.00"}},"und"]
[]
["Descrição do serviço",{"$f":"#REF!","v":{"$error":"#REF!"}}]
[null,"QUANT.","COMPRIMENTO",null,"QUANT.","und."]
["sala de vivência ",{"$nulls":3},0]
["depósito",{"$nulls":3},0]
["Sala de orientação",{"$nulls":3},1]
["DML",{"$nulls":3},0]
["COPA",{"$nulls":3},0]
["HALL",{"$nulls":3},0]
["W.C - FEMININO",{"$nulls":3},0]
["W.C - MASCULINO",{"$nulls":3},0]
[{"$f":"B427","v":{"$error":"#REF!"}},{"$nulls":3},{"$f":"SUM(E429:E436)","v":{"v":1,"d":"1.00"}},"und"]
[]
["Descrição do serviço",{"$f":"#REF!","v":{"$error":"#REF!"}}]
[null,"QUANT.","COMPRIMENTO",null,"QUANT.","und."]
["sala de vivência ",{"$nulls":3},1]
["depósito",{"$nulls":3},0]
["Sala de orientação",{"$nulls":3},0]
["DML",{"$nulls":3},0]
["COPA",{"$nulls":3},0]
["HALL",{"$nulls":3},0]
["W.C - FEMININO",{"$nulls":3},0]
["W.C - MASCULINO",{"$nulls":3},0]
[{"$f":"B439","v":{"$error":"#REF!"}},{"$nulls":3},{"$f":"SUM(E441:E448)","v":{"v":1,"d":"1.00"}},"und"]
[]
["Descrição do serviço",{"$f":"#REF!","v":{"$error":"#REF!"}}]
[null,"QUANT.","COMPRIMENTO",null,"QUANT.","und."]
["HALL",{"$nulls":3},1]
[]
[{"$f":"B451","v":{"$error":"#REF!"}},{"$nulls":3},{"$f":"SUM(E453:E453)","v":{"v":1,"d":"1.00"}},"und"]
[]
["Descrição do serviço",{"$f":"#REF!","v":{"$error":"#REF!"}}]
[null,"QUANT.","COMPRIMENTO",null,"QUANT.","und."]
["Circuito 1",{"$nulls":3},1]
["Circuito 5",{"$nulls":3},1]
[]
[{"$f":"B457","v":{"$error":"#REF!"}},{"$nulls":3},{"$f":"SUM(E459:E460)","v":{"v":2,"d":"2.00"}},"und"]
[]
["Descrição do serviço",{"$f":"#REF!","v":{"$error":"#REF!"}}]
[null,"QUANT.","COMPRIMENTO",null,"QUANT.","und."]
["Circuito 2",{"$nulls":3},1]
["Circuito 4",{"$nulls":3},1]
["Circuito 6",{"$nulls":3},1]
["Circuito 7",{"$nulls":3},1]
["Circuito 9",{"$nulls":3},1]
[]
[{"$f":"B464","v":{"$error":"#REF!"}},{"$nulls":3},{"$f":"SUM(E466:E470)","v":{"v":5,"d":"5.00"}},"und"]
[]
["Descrição do serviço",{"$f":"#REF!","v":{"$error":"#REF!"}}]
[null,"QUANT.","COMPRIMENTO",null,"QUANT.","und."]
["Circuito 3",{"$nulls":3},1]
["Circuito 8",{"$nulls":3},1]
[]
[{"$f":"B474","v":{"$error":"#REF!"}},{"$nulls":3},{"$f":"SUM(E476:E477)","v":{"v":2,"d":"2.00"}},"und"]
[]
["Descrição do serviço",{"$f":"#REF!","v":{"$error":"#REF!"}}]
[null,"QUANT.","COMPRIMENTO",null,"QUANT.","und."]
[{"$nulls":4},1]
[]
[{"$f":"B481","v":{"$error":"#REF!"}},{"$nulls":3},{"$f":"SUM(E483:E483)","v":{"v":1,"d":"1.00"}},"und"]
[]
["Descrição do serviço",{"$f":"#REF!","v":{"$error":"#REF!"}}]
[null,"QUANT.","COMPRIMENTO",null,"QUANT.","und."]
[{"$nulls":4},1]
[]
[{"$f":"B487","v":{"$error":"#REF!"}},{"$nulls":3},{"$f":"SUM(E489:E489)","v":{"v":1,"d":"1.00"}},"und"]
[]
["Descrição do serviço",{"$f":"#REF!","v":{"$error":"#REF!"}}]
[null,"QUANT.","COMPRIMENTO",null,"QUANT.","und."]
[{"$nulls":4},1]
[]
[{"$f":"B493","v":{"$error":"#REF!"}},{"$nulls":3},{"$f":"SUM(E495:E495)","v":{"v":1,"d":"1.00"}},"und"]
[]
["Descrição do serviço",{"$f":"#REF!","v":{"$error":"#REF!"}}]
[null,null,"COMPRIMENTO","QUANT. DE CABO ","QUANT.","und."]
[null,null,10,3,{"$f":"C501*D501","v":30}]
[]
[{"$f":"B499","v":{"$error":"#REF!"}},{"$nulls":3},{"$f":"SUM(E501:E501)","v":{"v":30,"d":"30.00"}},"m"]
["Descrição do serviço",{"$f":"#REF!","v":{"$error":"#REF!"}}]
[null,"QUANT.","COMPRIMENTO",null,"QUANT.","und."]
[{"$nulls":4},1]
[]
[{"$f":"B504","v":{"$error":"#REF!"}},{"$nulls":3},{"$f":"SUM(E506:E506)","v":{"v":1,"d":"1.00"}},"und"]
["Descrição do serviço",{"$f":"#REF!","v":{"$error":"#REF!"}}]
[null,"QUANT.","COMPRIMENTO",null,"QUANT.","und."]
["SALA DE VIVÊNCIA ",{"$nulls":3},1]
["SALA DE ORIENTAÇÃO",{"$nulls":3},1]
[{"$f":"B509","v":{"$error":"#REF!"}},{"$nulls":3},{"$f":"SUM(E511:E512)","v":{"v":2,"d":"2.00"}},"und"]
[]
["Descrição do serviço",{"$f":"#REF!","v":{"$error":"#REF!"}}]
[null,"QUANT.","COMPRIMENTO",null,"QUANT.","und."]
["DML",{"$nulls":3},2]
["COPA",{"$nulls":3},1]
["SALA DE ORIENTAÇÃO",{"$nulls":3},1]
["W.C- FEM.",{"$nulls":3},3]
["W.C-MASC.",{"$nulls":3},3]
[]
[{"$f":"B515","v":{"$error":"#REF!"}},{"$nulls":3},{"$f":"SUM(E517:E521)","v":{"v":10,"d":"10.00"}},"und"]
[]
["Descrição do serviço",{"$f":"#REF!","v":{"$error":"#REF!"}}]
[null,"QUANT.","COMPRIMENTO",null,"QUANT.","und."]
["DML",{"$nulls":3},0]
["COPA",{"$nulls":3},0]
["SALA DE ORIENTAÇÃO",{"$nulls":3},1]
["W.C- FEM.",{"$nulls":3},1]
["W.C-MASC.",{"$nulls":3},1]
[]
[{"$f":"B525","v":{"$error":"#REF!"}},{"$nulls":3},{"$f":"SUM(E527:E531)","v":{"v":3,"d":"3.00"}},"und"]
["Descrição do serviço",{"$f":"#REF!","v":{"$error":"#REF!"}}]
[null,"QUANT.","COMPRIMENTO",null,"QUANT.","und."]
["DML",{"$nulls":3},2]
["COPA",{"$nulls":3},1]
["SALA DE ORIENTAÇÃO",{"$nulls":3},0]
["W.C- FEM.",{"$nulls":3},0]
["W.C-MASC.",{"$nulls":3},0]
[]
[{"$f":"B534","v":{"$error":"#REF!"}},{"$nulls":3},{"$f":"SUM(E536:E540)","v":{"v":3,"d":"3.00"}},"und"]
[]
["Descrição do serviço",{"$f":"#REF!","v":{"$error":"#REF!"}}]
[null,"QUANT.","COMPRIMENTO",null,"QUANT.","und."]
["DML",{"$nulls":3},0]
["COPA",{"$nulls":3},0]
["SALA DE ORIENTAÇÃO",{"$nulls":3},0]
["W.C- FEM.",{"$nulls":3},1]
["W.C-MASC.",{"$nulls":3},1]
["VENTILAÇÃO",{"$nulls":3},1]
[]
[{"$f":"B544","v":{"$error":"#REF!"}},{"$nulls":3},{"$f":"SUM(E546:E551)","v":{"v":3,"d":"3.00"}},"und"]
[]
["Descrição do serviço",{"$f":"#REF!","v":{"$error":"#REF!"}}]
[null,"QUANT.","COMPRIMENTO",null,"QUANT.","und."]
["W.C- FEM. ",{"$nulls":3},1]
["W.C-MASC.",{"$nulls":3},1]
[]
[{"$f":"B555","v":{"$error":"#REF!"}},{"$nulls":3},{"$f":"SUM(E557:E558)","v":{"v":2,"d":"2.00"}},"und"]
[]
["Descrição do serviço",{"$f":"#REF!","v":{"$error":"#REF!"}}]
[null,"QUANT.","COMPRIMENTO",null,"QUANT.","und."]
[{"$nulls":4},1]
[]
[{"$f":"B562","v":{"$error":"#REF!"}},{"$nulls":3},{"$f":"SUM(E564:E564)","v":{"v":1,"d":"1.00"}},"und"]
[]
["Descrição do serviço",{"$f":"#REF!","v":{"$error":"#REF!"}}]
[null,"QUANT.","COMPRIMENTO",null,"QUANT.","und."]
[{"$nulls":4},1]
[]
[{"$f":"B568","v":{"$error":"#REF!"}},{"$nulls":3},{"$f":"SUM(E570:E570)","v":{"v":1,"d":"1.00"}},"und"]
[]
["Descrição do serviço",{"$f":"#REF!","v":{"$error":"#REF!"}}]
[null,"QUANT.","COMPRIMENTO",null,"QUANT.","und."]
[{"$nulls":4},1]
[]
[{"$f":"B574","v":{"$error":"#REF!"}},{"$nulls":3},{"$f":"SUM(E576:E576)","v":{"v":1,"d":"1.00"}},"und"]
[]
["Descrição do serviço",{"$f":"#REF!","v":{"$error":"#REF!"}}]
[null,"QUANT.","COMPRIMENTO",null,"QUANT.","und."]
[{"$nulls":4},1]
[]
[{"$f":"B580","v":{"$error":"#REF!"}},{"$nulls":3},{"$f":"SUM(E582:E582)","v":{"v":1,"d":"1.00"}},"und"]
[]
["Descrição do serviço",{"$f":"#REF!","v":{"$error":"#REF!"}}]
[null,"QUANT.","COMPRIMENTO",null,"QUANT.","und."]
["w.c femin.",{"$nulls":3},1]
["w.c masc.",{"$nulls":3},1]
[{"$f":"B586","v":{"$error":"#REF!"}},{"$nulls":3},{"$f":"SUM(E588:E589)","v":{"v":2,"d":"2.00"}},"und"]
[]
["Descrição do serviço",{"$f":"#REF!","v":{"$error":"#REF!"}}]
[null,"QUANT.","COMPRIMENTO",null,"QUANT.","und."]
["w.c femin.",{"$nulls":3},1]
["w.c masc.",{"$nulls":3},1]
[{"$f":"B592","v":{"$error":"#REF!"}},{"$nulls":3},{"$f":"SUM(E594:E595)","v":{"v":2,"d":"2.00"}},"und"]
[]
["Descrição do serviço",{"$f":"#REF!","v":{"$error":"#REF!"}}]
[null,"QUANT.","COMPRIMENTO",null,"QUANT.","und."]
["sala de orientação",{"$nulls":3},1]
[]
[{"$f":"B598","v":{"$error":"#REF!"}},{"$nulls":3},{"$f":"SUM(E600:E601)","v":{"v":1,"d":"1.00"}},"und"]
[]
["Descrição do serviço",{"$f":"#REF!","v":{"$error":"#REF!"}}]
[null,"QUANT.","COMPRIMENTO",null,"QUANT.","und."]
["sala de orientação",{"$nulls":3},1]
["w.c fem.",{"$nulls":3},1]
["w.c masc.",{"$nulls":3},1]
[]
[{"$f":"B604","v":{"$error":"#REF!"}},{"$nulls":3},{"$f":"SUM(E606:E609)","v":{"v":3,"d":"3.00"}},"und"]
[]
["Descrição do serviço",{"$f":"#REF!","v":{"$error":"#REF!"}}]
[null,"QUANT.","COMPRIMENTO",null,"QUANT.","und."]
["sala de orientação",{"$nulls":3},1]
["w.c fem.",{"$nulls":3},1]
["w.c masc.",{"$nulls":3},1]
[]
[{"$f":"B612","v":{"$error":"#REF!"}},{"$nulls":3},{"$f":"SUM(E614:E617)","v":{"v":3,"d":"3.00"}},"und"]
[]
["Descrição do serviço",{"$f":"#REF!","v":{"$error":"#REF!"}}]
[null,"QUANT.","COMPRIMENTO",null,"QUANT.","und."]
["w.c fem.",{"$nulls":3},1]
["w.c masc.",{"$nulls":3},1]
[]
[{"$f":"B620","v":{"$error":"#REF!"}},{"$nulls":3},{"$f":"SUM(E622:E624)","v":{"v":2,"d":"2.00"}},"und"]
[]
["Descrição do serviço",{"$f":"#REF!","v":{"$error":"#REF!"}}]
[null,"largura","comprimento","altura","QUANT.","und."]
["w.c fem.",0.4,null,1.3,{"$f":"B629*D629","v":0.52}]
["w.c masc.",0.4,null,1.3,{"$f":"B630*D630","v":0.52}]
[]
[{"$f":"B627","v":{"$error":"#REF!"}},{"$nulls":3},{"$f":"SUM(E629:E631)","v":1.04},"m²"]
[]
["Descrição do serviço",{"$f":"#REF!","v":{"$error":"#REF!"}}]
[null,"largura","comprimento","altura","QUANT.","und."]
["w.c fem.",{"$nulls":3},2]
["w.c masc.",{"$nulls":3},2]
[]
[{"$f":"B634","v":{"$error":"#REF!"}},{"$nulls":3},{"$f":"SUM(E636:E638)","v":{"v":4,"d":"4.00"}},"und"]
[]
["Descrição do serviço",{"$f":"#REF!","v":{"$error":"#REF!"}}]
[null,"largura","comprimento","altura","QUANT.","und."]
[{"$nulls":4},1]
[]
[{"$f":"B641","v":{"$error":"#REF!"}},{"$nulls":3},{"$f":"SUM(E643)","v":1},"und"]
[]
["Descrição do serviço",{"$f":"#REF!","v":{"$error":"#REF!"}}]
[null,"largura","comprimento","altura","QUANT.","und."]
[{"$nulls":4},1]
[]
[{"$f":"B647","v":{"$error":"#REF!"}},{"$nulls":3},{"$f":"SUM(E649)","v":1},"und"]
[]
["Descrição do serviço",{"$f":"#REF!","v":{"$error":"#REF!"}}]
[null,"largura","comprimento","altura","QUANT.","und."]
[{"$nulls":4},1]
[]
[{"$f":"B653","v":{"$error":"#REF!"}},{"$nulls":3},{"$f":"SUM(E655)","v":1},"und"]
[]
["Descrição do serviço",{"$f":"#REF!","v":{"$error":"#REF!"}}]
[null,"largura","comprimento","altura","QUANT.","und."]
[{"$nulls":4},1]
[]
[{"$f":"B659","v":{"$error":"#REF!"}},{"$nulls":3},{"$f":"SUM(E661)","v":1},"und"]
[]
["Descrição do serviço",{"$f":"#REF!","v":{"$error":"#REF!"}}]
[null,"largura","comprimento","altura","QUANT.","und."]
["área igual a do reboco",{"$nulls":3},{"$f":"E252","v":{"v":357.9,"d":"357.90"}}]
[]
[{"$f":"B665","v":{"$error":"#REF!"}},{"$nulls":3},{"$f":"E667","v":{"v":357.9,"d":"357.90"}},"m²"]
[]
["Descrição do serviço",{"$f":"#REF!","v":{"$error":"#REF!"}}]
[null,"largura","comprimento","altura","QUANT.","und."]
["área da laje w.c",1.65,1.85,null,{"$f":"B673*C673","v":3.05}]
[]
[{"$f":"B671","v":{"$error":"#REF!"}},{"$nulls":3},{"$f":"E673","v":3.05},"m²"]
[]
["Descrição do serviço",{"$f":"#REF!","v":{"$error":"#REF!"}}]
[null,"largura","comprimento","altura","QUANT.","und."]
["J1",5,0.4,1.6,{"$f":"B679*(C679*D679)","v":{"v":3.2,"d":"3.20"}}]
["VEZES 02 LADOS",{"$nulls":3},{"$f":"E679*2","v":6.4}]
[{"$f":"B677","v":{"$error":"#REF!"}},{"$nulls":3},{"$f":"E680","v":{"v":6.4,"d":"6.40"}},"M²"]
[]
["Descrição do serviço",{"$f":"#REF!","v":{"$error":"#REF!"}}]
[null,"largura","comprimento","altura","ÁREA","und."]
["SALA DE VIVÊNCIA ",{"$nulls":3},50]
["DEPÓSITO",{"$nulls":3},10.85]
["SALA DE ORIENTAÇÃO",{"$nulls":3},9.47]
["DML",{"$nulls":3},2.04]
["COPA",{"$nulls":3},3.05]
["HALL",{"$nulls":3},8.14]
["W.C FEM.",{"$nulls":3},3.28]
["W.C MASC.",{"$nulls":3},3.28]
[{"$f":"B683","v":{"$error":"#REF!"}},{"$nulls":3},{"$f":"SUM(E685:E692)","v":90.11},"m²"]
[]
["Descrição do serviço",{"$f":"#REF!","v":{"$error":"#REF!"}}]
[null,"largura","comprimento","altura","QUANT.","und."]
[{"$f":"#REF!","v":{"$error":"#REF!"}},14,11,null,{"$f":"B697*C697","v":{"v":154,"d":"154.00"}}]
[]
[{"$f":"B695","v":{"$error":"#REF!"}},{"$nulls":3},{"$f":"E697","v":{"v":154,"d":"154.00"}},"m²"]
[]
["Descrição do serviço",{"$f":"#REF!","v":{"$error":"#REF!"}}]
[null,"comprimento","largura","altura","QUANT.","und."]
["área do equipamento",14,0.2,0.2,{"$f":"B703*C703*D703","v":0.56}]
["área do equipamento",11,0.2,0.2,{"$f":"B704*C704*D704","v":0.44}]
["área do equipamento",11,0.2,0.2,0.44]
[{"$f":"B701","v":{"$error":"#REF!"}},{"$nulls":3},{"$f":"SUM(E703:E705)","v":1.44},"m³"]
[]
["Descrição do serviço",{"$f":"#REF!","v":{"$error":"#REF!"}}]
[null,"largura","comprimento","altura","QUANT.","und."]
["área do equipamento",14,11,0.09,{"$f":"B710*C710*D710","v":13.86}]
[]
[{"$f":"B708","v":{"$error":"#REF!"}},{"$nulls":3},{"$f":"E710","v":13.86},"m³"]
[]
["Descrição do serviço",{"$f":"#REF!","v":{"$error":"#REF!"}}]
[null,"largura","comprimento","altura","QUANT.","und."]
["área do equipamento",0.2,14,0.2,{"$f":"B716*C716*D716","v":0.56}]
["área do equipamento",0.2,11,0.2,{"$f":"B717*C717*D717","v":0.44}]
["área do equipamento",0.2,11,0.2,0.44]
[]
[{"$f":"B714","v":{"$error":"#REF!"}},{"$nulls":3},{"$f":"SUM(E716:E718)","v":1.44},"m³"]
[]
["Descrição do serviço",{"$f":"#REF!","v":{"$error":"#REF!"}}]
[null,null,"comprimento","altura","QUANT.","und."]
["área do equipamento",null,14,0.09,{"$f":"C724*D724","v":1.26}]
["área do equipamento",null,11,0.09,{"$f":"C725*D725","v":0.99}]
["área do equipamento",null,11,0.09,0.99]
[{"$f":"B722","v":{"$error":"#REF!"}},{"$nulls":3},{"$f":"SUM(E724:E726)","v":3.24},"m²"]
[]
["Descrição do serviço",{"$f":"#REF!","v":{"$error":"#REF!"}}]
[null,"largura","comprimento","altura","QUANT.","und."]
["área do equipamento",14,11,0.08,{"$f":"B731*C731*D731","v":12.32}]
[]
[{"$f":"B729","v":{"$error":"#REF!"}},{"$nulls":3},{"$f":"E731","v":12.32},"m³"]
[]
["Descrição do serviço",{"$f":"#REF!","v":{"$error":"#REF!"}}]
[null,"largura","comprimento","altura","QUANT.","und."]
["área do equipamento",14,11,null,{"$f":"B737*C737","v":{"v":154,"d":"154.00"}}]
[]
[{"$f":"B735","v":{"$error":"#REF!"}},{"$nulls":3},{"$f":"E737","v":{"v":154,"d":"154.00"}},"m²"]
[]
["Descrição do serviço",{"$f":"#REF!","v":{"$error":"#REF!"}}]
[null,"largura","comprimento","altura","QUANT.","und."]
["área do espaço multiuso",14,7.15,null,{"$f":"B743*C743","v":{"v":100.1,"d":"100.10"}}]
[]
[{"$f":"B741","v":{"$error":"#REF!"}},{"$nulls":3},{"$f":"E743","v":{"v":100.1,"d":"100.10"}},"m²"]
[]
["Descrição do serviço",{"$f":"#REF!","v":{"$error":"#REF!"}}]
[null,"comprimento","largura","altura","QUANT.","und."]
["área do espaço multiuso",7.15,0.2,0.2,{"$f":"B749*C749*D749","v":0.29}]
["área do espaço multiuso",7.15,0.2,0.2,{"$f":"B750*C750*D750","v":0.29}]
[]
[{"$f":"B747","v":{"$error":"#REF!"}},{"$nulls":3},{"$f":"SUM(E749:E750)","v":0.58},"m³"]
[]
["Descrição do serviço",{"$f":"#REF!","v":{"$error":"#REF!"}}]
[null,"largura","comprimento","altura","QUANT.","und."]
["área do espaço multiuso",14,7.15,0.09,{"$f":"B756*C756*D756","v":9.01}]
[]
[{"$f":"B754","v":{"$error":"#REF!"}},{"$nulls":3},{"$f":"E756","v":9.01},"m³"]
[]
["Descrição do serviço",{"$f":"#REF!","v":{"$error":"#REF!"}}]
[null,"comprimento","largura","altura","QUANT.","und."]
["área do espaço multiuso",7.15,0.2,0.2,{"$f":"B762*C762*D762","v":0.29}]
["área do espaço multiuso",7.15,0.2,0.2,{"$f":"B763*C763*D763","v":0.29}]
[]
[{"$f":"B760","v":{"$error":"#REF!"}},{"$nulls":3},{"$f":"SUM(E762:E763)","v":0.58},"m³"]
[]
["Descrição do serviço",{"$f":"#REF!","v":{"$error":"#REF!"}}]
[null,"largura","comprimento","altura","QUANT.","und."]
["área do espaço multiuso",null,7.15,0.09,{"$f":"C769*D769","v":0.64}]
["área do espaço multiuso",null,7.15,0.09,{"$f":"C770*D770","v":0.64}]
[]
[{"$f":"B767","v":{"$error":"#REF!"}},{"$nulls":3},{"$f":"SUM(E769:E770)","v":1.28},"m²"]
[]
["Descrição do serviço",{"$f":"#REF!","v":{"$error":"#REF!"}}]
[null,"largura","comprimento","altura","QUANT.","und."]
["área do espaço multiuso",14,7.15,0.08,{"$f":"B776*C776*D776","v":8.01}]
[]
[{"$f":"B774","v":{"$error":"#REF!"}},{"$nulls":3},{"$f":"E776","v":8.01},"m³"]
[]
["Descrição do serviço",{"$f":"#REF!","v":{"$error":"#REF!"}}]
[null,"largura","comprimento","altura","QUANT.","und."]
["área do espaço multiuso",14,7.15,null,{"$f":"B782*C782","v":{"v":100.1,"d":"100.10"}}]
[]
[{"$f":"B780","v":{"$error":"#REF!"}},{"$nulls":3},{"$f":"E782","v":{"v":100.1,"d":"100.10"}},"m²"]
[]
["Descrição do serviço",{"$f":"#REF!","v":{"$error":"#REF!"}}]
[null,"largura","comprimento","altura","QUANT.","und."]
["pavimentação externa",{"$nulls":3},{"$f":"27+54.6+26.99+52.52","v":161.11}]
[]
[{"$f":"B786","v":{"$error":"#REF!"}},{"$nulls":3},{"$f":"E788","v":161.11},"m²"]
[]
["Descrição do serviço",{"$f":"#REF!","v":{"$error":"#REF!"}}]
[null,"comprimento","largura","altura","QUANT.","und."]
["pavimentação externa",30,0.2,0.2,{"$f":"B794*C794*D794","v":{"v":1.2,"d":"1.20"}}]
["pavimentação externa",30,0.2,0.2,{"$f":"B795*C795*D795","v":{"v":1.2,"d":"1.20"}}]
["pavimentação externa",20,0.2,0.2,{"$f":"B796*C796*D796","v":{"v":0.8,"d":"0.80"}}]
["pavimentação externa",20,0.2,0.2,{"$f":"B797*C797*D797","v":{"v":0.8,"d":"0.80"}}]
[]
[{"$f":"B792","v":{"$error":"#REF!"}},{"$nulls":3},{"$f":"SUM(E794:E797)","v":{"v":4,"d":"4.00"}},"m³"]
[]
["Descrição do serviço",{"$f":"#REF!","v":{"$error":"#REF!"}}]
[null,"largura","comprimento","altura","QUANT.","und."]
["pavimentação externa- parte 1",1.35,20,0.09,{"$f":"C803*B803*D803","v":2.43}]
["pavimentação externa-2",2,27.3,0.09,{"$f":"C804*B804*D804","v":4.914}]
["pavimentação externa-3",1.35,20,0.09,{"$f":"C805*B805*D805","v":2.43}]
["pavimentação área externa-4",56.9,null,0.09,{"$f":"B806*D806","v":5.121}]
[]
[{"$f":"B801","v":{"$error":"#REF!"}},{"$nulls":3},{"$f":"SUM(E803:E806)","v":{"v":14.9,"d":"14.90"}},"m³"]
[]
["Descrição do serviço",{"$f":"#REF!","v":{"$error":"#REF!"}}]
[null,"comprimento","largura","altura","QUANT.","und."]
["pavimentação externa- parte 1",30,0.2,0.2,{"$f":"B812*C812*D812","v":1.2}]
["pavimentação externa-2",30,0.2,0.2,{"$f":"B813*C813*D813","v":1.2}]
["pavimentação externa-3",20,0.2,0.2,0.8]
["pavimentação externa-4",20,0.2,0.2,0.8]
[]
[{"$f":"B810","v":{"$error":"#REF!"}},{"$nulls":3},{"$f":"SUM(E812:E815)","v":{"v":4,"d":"4.00"}},"m³"]
[]
["Descrição do serviço",{"$f":"#REF!","v":{"$error":"#REF!"}}]
[null,"largura","comprimento","altura","QUANT.","und."]
["pavimentação externa- parte 1",null,20,0.09,{"$f":"C821*D821","v":1.8}]
["pavimentação externa-2",null,30,0.09,{"$f":"C822*D822","v":2.7}]
["pavimentação externa-3",null,20,0.09,1.8]
["pavimentação externa-4",null,30,0.09,2.7]
[]
[{"$f":"B819","v":{"$error":"#REF!"}},{"$nulls":3},{"$f":"SUM(E821:E824)","v":{"v":9,"d":"9.00"}},"m²"]
[]
["Descrição do serviço",{"$f":"#REF!","v":{"$error":"#REF!"}}]
[null,"largura","comprimento","altura","QUANT.","und."]
["pavimentação externa- parte 1",20,1.35,0.08,{"$f":"B830*C830*D830","v":2.16}]
["pavimentação externa-2",2,27.3,0.08,{"$f":"B831*C831*D831","v":4.37}]
["pavimentação externa-3",20,1.35,0.08,2.16]
["pavimentação externa-4",56.9,0,0.08,{"$f":"B833*D833","v":4.55}]
[]
[{"$f":"B828","v":{"$error":"#REF!"}},{"$nulls":3},{"$f":"SUM(E830:E833)","v":13.24},"m³"]
[]
["Descrição do serviço",{"$f":"#REF!","v":{"$error":"#REF!"}}]
[null,"largura","comprimento","altura","QUANT.","und."]
["pavimentação externa- parte 1",20,1.35,null,{"$f":"B839*C839","v":27}]
["pavimentação externa-2",2,27.3,null,{"$f":"B840*C840","v":54.6}]
["pavimentação externa-3",20,1.35,null,{"$f":"B841*C841","v":{"v":27,"d":"27.00"}}]
["pavimentação externa-4",56.9,null,null,{"$f":"B842","v":{"v":56.9,"d":"56.90"}}]
[]
[{"$f":"B837","v":{"$error":"#REF!"}},{"$nulls":3},{"$f":"SUM(E839:E842)","v":{"v":165.5,"d":"165.50"}},"m²"]
[]
["Descrição do serviço",{"$f":"#REF!","v":{"$error":"#REF!"}}]
[null,"largura","comprimento","altura","QUANT.","und."]
["pavimentação externa- parte 1",1,14,null,{"$f":"B848*C848","v":14}]
["pavimentação externa-2",1,27.3,null,{"$f":"B849*C849","v":27.3}]
["pavimentação externa-3",1,8.15,null,8.15]
["pavimentação externa-4",1,12,null,12]
["pavimentação externa-5",1,5.5,null,5.5]
["pavimentação externa-6",1,5.5,null,5.5]
[]
[{"$f":"B846","v":{"$error":"#REF!"}},{"$nulls":3},{"$f":"SUM(E848:E853)","v":72.45},"m²"]
[]
["Descrição do serviço",{"$f":"#REF!","v":{"$error":"#REF!"}}]
[null,null,"área","Quant. De lados","QUANT.","und."]
["Rampa "]
["área lateral",null,0.49,2,{"$f":"C860*D860","v":0.98}]
["área ",null,{"$f":"1.5*0.2","v":0.3},1,{"$f":"C861*D861","v":0.3}]
[]
[{"$f":"B857","v":{"$error":"#REF!"}},{"$nulls":3},{"$f":"SUM(E860:E861)","v":1.28},"m²"]
[]
["Descrição do serviço",{"$f":"#REF!","v":{"$error":"#REF!"}}]
[null,"largura","área",null,"QUANT.","und."]
["Rampa "]
["área lateral",1.5,0.49,null,{"$f":"B868*C868","v":0.74}]
[]
[{"$f":"B865","v":{"$error":"#REF!"}},{"$nulls":3},{"$f":"SUM(E868)","v":0.74},"m³"]
[]
["Descrição do serviço",{"$f":"#REF!","v":{"$error":"#REF!"}}]
[null,"largura","comprimento","altura","QUANT.","und."]
["Rampa "]
["área 1",1.5,3.15,null,{"$f":"B875*C875","v":4.73}]
[]
[{"$f":"B872","v":{"$error":"#REF!"}},{"$nulls":3},{"$f":"SUM(E875:E875)","v":4.73},"m²"]
[]
["Descrição do serviço",{"$f":"#REF!","v":{"$error":"#REF!"}}]
[null,"largura","comprimento","altura","QUANT.","und."]
["Rampa "]
["área 1",1.5,3.15,null,{"$f":"B882*C882","v":4.73}]
[]
[{"$f":"B879","v":{"$error":"#REF!"}},{"$nulls":3},{"$f":"SUM(E882)","v":4.73},"m²"]
[]
["Descrição do serviço",{"$f":"#REF!","v":{"$error":"#REF!"}}]
[null,"largura","comprimento","altura","QUANT.","und."]
["Rampa "]
["área lateral",null,0.49,2,{"$f":"C889*D889","v":0.98}]
["área ",null,{"$f":"1.5*0.2","v":0.3},1,{"$f":"C890*D890","v":0.3}]
[]
[{"$f":"B886","v":{"$error":"#REF!"}},{"$nulls":3},{"$f":"SUM(E889:E890)","v":1.28},"m²"]
[]
["Descrição do serviço",{"$f":"#REF!","v":{"$error":"#REF!"}}]
[null,"largura","comprimento","altura","QUANT.","und."]
["Rampa ",{"$nulls":3},{"$f":"B896*C896","v":0}]
["área lateral",null,0.49,2,{"$f":"C897*D897","v":0.98}]
["área ",null,{"$f":"1.5*0.2","v":0.3},1,{"$f":"C898*D898","v":0.3}]
[]
[{"$f":"B894","v":{"$error":"#REF!"}},{"$nulls":3},{"$f":"SUM(E896:E898)","v":1.28},"m²"]
[]
["Descrição do serviço",{"$f":"#REF!","v":{"$error":"#REF!"}}]
[null,"largura","comprimento","altura","QUANT.","und."]
[{"$nulls":4},1]
[]
[{"$f":"B902","v":{"$error":"#REF!"}},{"$nulls":3},{"$f":"SUM(E904:E904)","v":{"v":1,"d":"1.00"}},"und"]
[]
["Descrição do serviço",{"$f":"#REF!","v":{"$error":"#REF!"}}]
[null,"largura","comprimento","altura","QUANT.","und."]
[{"$nulls":4},2]
[]
[{"$f":"B908","v":{"$error":"#REF!"}},{"$nulls":3},{"$f":"SUM(E910:E910)","v":{"v":2,"d":"2.00"}},"und"]
[]
["Descrição do serviço",{"$f":"#REF!","v":{"$error":"#REF!"}}]
[null,"largura","comprimento","altura","QUANT.","und."]
[{"$nulls":4},1]
[]
[{"$f":"B914","v":{"$error":"#REF!"}},{"$nulls":3},{"$f":"SUM(E916:E916)","v":{"v":1,"d":"1.00"}},"und"]
[]
["Descrição do serviço",{"$f":"#REF!","v":{"$error":"#REF!"}}]
[null,"largura","comprimento","altura","QUANT.","und."]
[{"$nulls":4},5]
[]
[{"$f":"B920","v":{"$error":"#REF!"}},{"$nulls":3},{"$f":"SUM(E922:E922)","v":{"v":5,"d":"5.00"}},"und"]
[]
["Descrição do serviço",{"$f":"#REF!","v":{"$error":"#REF!"}}]
[null,"largura","comprimento","altura","QUANT.","und."]
[{"$nulls":4},1]
[]
[{"$f":"B926","v":{"$error":"#REF!"}},{"$nulls":3},{"$f":"SUM(E928:E928)","v":{"v":1,"d":"1.00"}},"und"]
[]
["Descrição do serviço",{"$f":"#REF!","v":{"$error":"#REF!"}}]
[null,"largura","comprimento","altura","QUANT.","und."]
[{"$nulls":4},2]
[]
[{"$f":"B932","v":{"$error":"#REF!"}},{"$nulls":3},{"$f":"SUM(E934:E934)","v":{"v":2,"d":"2.00"}},"und"]
[]
["Descrição do serviço",{"$f":"#REF!","v":{"$error":"#REF!"}}]
[null,"largura","comprimento","altura","QUANT.","und."]
[{"$nulls":4},2]
[]
[{"$f":"B938","v":{"$error":"#REF!"}},{"$nulls":3},{"$f":"SUM(E940:E940)","v":{"v":2,"d":"2.00"}},"und"]
[]
["Descrição do serviço",{"$f":"#REF!","v":{"$error":"#REF!"}}]
[null,"largura","comprimento","altura","QUANT.","und."]
[{"$nulls":4},1]
[]
[{"$f":"B944","v":{"$error":"#REF!"}},{"$nulls":3},{"$f":"SUM(E946:E946)","v":{"v":1,"d":"1.00"}},"und"]
[]
["Descrição do serviço",{"$f":"#REF!","v":{"$error":"#REF!"}}]
[null,"largura","comprimento","altura","QUANT.","und."]
[{"$nulls":4},3]
[]
[{"$f":"B950","v":{"$error":"#REF!"}},{"$nulls":3},{"$f":"SUM(E952:E952)","v":{"v":3,"d":"3.00"}},"und"]
[]
["Descrição do serviço",{"$f":"#REF!","v":{"$error":"#REF!"}}]
[null,"largura","comprimento","altura","QUANT.","und."]
[{"$nulls":4},3]
[]
[{"$f":"B956","v":{"$error":"#REF!"}},{"$nulls":3},{"$f":"SUM(E958:E958)","v":{"v":3,"d":"3.00"}},"und"]
[]
["Descrição do serviço",{"$f":"#REF!","v":{"$error":"#REF!"}}]
[null,"largura","comprimento","altura","QUANT.","und."]
[{"$nulls":4},1]
[]
[{"$f":"B962","v":{"$error":"#REF!"}},{"$nulls":3},{"$f":"SUM(E964:E964)","v":{"v":1,"d":"1.00"}},"und"]
[]
["Descrição do serviço",{"$f":"#REF!","v":{"$error":"#REF!"}}]
[null,"largura","comprimento","altura","QUANT.","und."]
[{"$nulls":4},3]
[]
[{"$f":"B968","v":{"$error":"#REF!"}},{"$nulls":3},{"$f":"SUM(E970:E970)","v":{"v":3,"d":"3.00"}},"und"]